{"text_format":"3","workbook":"xlsx","n_sheets":1,"sheets":["汇总"],"not_rendered":{"external_links":1,"defined_names":2},"read":"whole","date_system":"1900"}

{"sheet":"汇总","index":0,"n_rows":977,"n_cols":10,"rows_kept":977,"merged":[[1,0,1,9],[2,0,2,9],[3,0,5,0],[3,1,5,1],[3,2,5,2],[3,3,5,3],[3,4,5,4],[3,5,5,5],[3,6,3,9],[4,6,4,7],[4,8,4,9],[969,0,970,1],[969,3,969,9],[970,3,970,9],[971,0,971,9],[972,0,972,9],[974,0,974,9],[975,0,975,9],[976,0,976,9]]}
["附表三"]
["投标报价明细表"]
["工程名称：铜山矿区大凹山-寒山水泥用石灰岩980万吨/年露天开采建设（电气)工程劳务分包"]
["序号","项目编码","项目名称","项目特征描述","计量\n单位","工程量","金额（元）"]
[{"$nulls":6},"最高限价",null,"投标报价"]
[{"$nulls":6},"单价","合价","单价","合价"]
[null,"一","附属零星土建"]
[null,null,"电缆桥架"]
["1","010101003001","挖沟槽土方","1.部位：电缆沟底\n2.土壤类别：详见地勘报告","m3","24.37",3.09,{"$f":"G9*F9","v":{"v":75.3033,"d":"75.30"}}]
["2","010103001001","回填方","1.部位：电缆沟周边\n2.密实度要求：满足设计要求","m3","9.99",{"v":13.038135,"d":"13.04"},{"$f":"G10*F10","v":{"v":130.25096865,"d":"130.25"}}]
["3","WB010101013001","机械运土方","1.运距：自定","m3","12.88",{"v":7.148414999999999,"d":"7.15"},{"v":92.07158519999999,"d":"92.07"}]
["4","WB010101011001","人工清底","1.部位：电缆沟底\n2.土壤类别：详见地勘报告","m2","25.65",{"v":8.706719999999997,"d":"8.71"},{"v":223.32736799999992,"d":"223.33"}]
["5","010404001001","基础垫层","1.部位：电缆沟基础底\n2.混凝土强度等级：C15商品砼","m3","1.76",{"v":411.59503,"d":"411.60"},{"v":724.4072528,"d":"724.41"}]
["6","011702001001","基础","1.基础垫层模板","m2","2.70",{"v":38.143685,"d":"38.14"},{"v":102.9879495,"d":"102.99"}]
["7","010507003001","地沟、电缆沟","1.构件名称：电缆沟\n2.混凝土强度等级：C30商品砼\n3.抗渗等级P6","m3","5.06",{"v":464.00191,"d":"464.00"},{"v":2347.8496646,"d":"2347.85"}]
["8","011702026001","电缆沟、地沟","1.电缆沟模板","m2","41.85",{"v":47.82816499999999,"d":"47.83"},{"v":2001.6087052499997,"d":"2001.61"}]
["9","010516002001","预埋铁件","1.部位：沟壁\n2.材质：Q235B","t","0.025",{"v":7978.04522,"d":"7978.05"},{"v":199.4511305,"d":"199.45"}]
["10","010904003001","楼（地）面砂浆防水（防潮）","1.部位：电缆沟底\n2.20厚1：2水泥砂浆（掺5%防水剂）","m2","10.80",{"v":18.114175,"d":"18.11"},{"v":195.63309,"d":"195.63"}]
["11","010903003001","墙面砂浆防水（防潮）","1.部位：电缆沟内壁\n2.20厚1：2水泥砂浆（掺5%防水剂）","m2","18.90",{"v":21.834425,"d":"21.83"},{"v":412.67063249999995,"d":"412.67"}]
["12","010512008001","沟盖板、井盖板","1.构件名称：电缆沟盖板\n2.混凝土强度等级：C25预制砼\n3.图集02J331，B8-1大样","m3","0.81",{"v":551.89232,"d":"551.89"},{"v":447.03277920000005,"d":"447.03"}]
["13","WB011702042001","预制混凝土模板","1.沟盖板模板","m2","4.86",{"v":38.680995,"d":"38.68"},{"v":187.98963570000004,"d":"187.99"}]
["14","010101004001","挖基坑土方","1.部位：钢支架基础底\n2.土壤类别：详见地勘报告","m3","633.26",{"$f":"G9","v":3.09},{"v":1956.7733999999998,"d":"1956.77"}]
["15","010103001002","回填方","1.部位：钢支架基础周边\n2.密实度要求：满足设计要求","m3","549.91",{"$f":"G10","v":{"v":13.038135,"d":"13.04"}},{"v":7169.8008178499995,"d":"7169.80"}]
["16","WB010101013002","机械运土方","1.运距：自定","m3","12.87",{"v":7.148414999999999,"d":"7.15"},{"v":92.00010104999998,"d":"92.00"}]
["17","WB010101011002","人工清底","1.部位：钢支架基础底\n2.土壤类别：详见地勘报告","m2","130.59",{"v":8.706719999999997,"d":"8.71"},{"v":1137.0105647999997,"d":"1137.01"}]
["18","010404001002","基础垫层","1.部位：钢支架基础底\n2.混凝土强度等级：C15商品砼","m3","8.58",{"v":411.59503,"d":"411.60"},{"v":3531.4853574,"d":"3531.49"}]
["19","011702001002","基础","1.基础垫层模板","m2","13.36",{"v":38.143685,"d":"38.14"},{"v":509.59963159999995,"d":"509.60"}]
["20","010501003001","独立基础","1.构件名称：钢支架基础\n2.混凝土强度等级：C30商品砼\n3.含短柱","m3","74.77",{"v":442.66954,"d":"442.67"},{"v":33098.4015058,"d":"33098.40"}]
["21","011702001003","基础","1.基础模板","m2","173.60",{"v":41.87258999999999,"d":"41.87"},{"v":7269.081623999998,"d":"7269.08"}]
["22","010516001001","螺栓","1.部位：短柱顶\n2.规格、材质：M24，Q355B","t","0.347",{"v":6017.758125,"d":"6017.76"},{"v":2088.162069375,"d":"2088.16"}]
["23","010515001001","现浇构件钢筋","1.钢筋种类、规格：HRB400 φ8","t","2.518",{"v":5715.162725,"d":"5715.16"},{"v":14390.779741549999,"d":"14390.78"}]
["24","010515001002","现浇构件钢筋","1.钢筋种类、规格：HRB400 φ14","t","1.131",{"v":5586.031489999999,"d":"5586.03"},{"v":6317.801615189999,"d":"6317.80"}]
["25","010515001003","现浇构件钢筋","1.钢筋种类、规格：HRB400 φ20","t","2.038",{"v":5531.939135,"d":"5531.94"},{"v":11274.091957129998,"d":"11274.09"}]
["26","010515001004","现浇构件钢筋","1.钢筋种类、规格：HRB400 φ25","t","0.530",{"v":5532.959134999999,"d":"5532.96"},{"v":2932.46834155,"d":"2932.47"}]
["27","010515002001","预制构件钢筋","1.部位：电缆沟盖板内\n2.钢筋种类、规格：HPB300 φ8","t","0.045",{"v":6008.398404999999,"d":"6008.40"},{"v":270.37792822499995,"d":"270.38"}]
["28","010515002002","预制构件钢筋","1.部位：电缆沟盖板内\n2.钢筋种类、规格：HRB400 φ6.5","t","0.019",{"v":5705.0236,"d":"5705.02"},{"v":108.3954484,"d":"108.40"}]
["29","030307004001","桁架、管廊、设备框架、单梁结构制作安装","1.构件名称：电缆桥架\n2.钢材品种、规格：Q235B 钢板 型钢等\n3.含运输、运距自定","t","18.297",{"v":9595.5752,"d":"9595.58"},{"v":175570.2394344,"d":"175570.24"}]
["30","WB031211005001","抛丸除锈","1.部位：电缆桥架外表面\n2.除锈等级：抛丸除锈Sa2.5级","kg","18297.00",{"v":0.5694349999999999,"d":"0.57"},{"v":10418.952194999998,"d":"10418.95"}]
["31","031202003001","一般钢结构防腐蚀","1.部位：电缆桥架外表面\n2.油漆品种、刷漆遍数：环氧石墨烯防腐涂料三底三面，干膜厚度≥160um","kg","18297.00",{"v":3.9556199999999997,"d":"3.96"},{"v":72375.97914,"d":"72375.98"}]
[null,null,"筛分间桥架立柱"]
["32","010501003002","独立基础","1.构件名称：支柱基础\n2.混凝土强度等级：C30商品砼\n3.参考图集04D701-3，第45页","m3","0.23",{"v":442.66954,"d":"442.67"},{"$f":"G41*F41","v":{"v":101.8139942,"d":"101.81"}}]
["33","011702001004","基础","1.基础模板","m2","2.40",{"v":41.87258999999999,"d":"41.87"},{"v":100.49421599999997,"d":"100.49"}]
["34","010501006001","设备基础","1.部位：支柱基础顶\n2.C35细石砼二次灌浆","m3","0.01",{"v":600.7145200000001,"d":"600.71"},{"v":6.007145200000001,"d":"6.01"}]
["35","010516001002","螺栓","1.规格、材质：M18，Q235B","t","0.005",{"v":6017.758125,"d":"6017.76"},{"v":30.088790625,"d":"30.09"}]
["36","WB010603001001","钢柱","1.构件名称：桥架立柱\n2.钢材品种、规格：Q235B 钢管 工字钢等\n3.含运输、运距自定","t","0.228",{"v":8211.52414,"d":"8211.52"},{"v":1872.22750392,"d":"1872.23"}]
["37","WB031211005002","抛丸除锈","1.部位：立柱外表面\n2.除锈等级：抛丸除锈Sa2.5级","kg","228.36",{"v":0.5694349999999999,"d":"0.57"},{"v":130.03617659999998,"d":"130.04"}]
["38","031202003002","一般钢结构防腐蚀","1.部位：立柱外表面\n2.油漆品种、刷漆遍数：环氧石墨烯防腐涂料三底三面，干膜厚度≥160um","kg","228.36",{"v":3.9556199999999997,"d":"3.96"},{"v":903.3053831999999,"d":"903.31"}]
[null,null,"电缆井"]
["39","040101003001","挖基坑土方","1.部位：电缆井底\n2.土壤类别：详见地勘报告","m3","1275.63",{"$f":"G9","v":3.09},{"v":3941.6967,"d":"3941.70"}]
["40","010103001003","回填方","1.部位：电缆井周边\n2.密实度要求：满足设计要求","m3","950.04",{"$f":"G10","v":{"v":13.038135,"d":"13.04"}},{"v":12386.7497754,"d":"12386.75"}]
["41","WB010101013003","机械运土方","1.运距：自定","m3","183.08",{"v":7.148414999999999,"d":"7.15"},{"v":1308.7318182,"d":"1308.73"}]
["42","WB010101011003","人工清底","1.部位：电缆井底\n2.土壤类别：详见地勘报告","m2","469.34",{"v":8.706719999999997,"d":"8.71"},{"v":4086.4119647999983,"d":"4086.41"}]
["43","040601001001","现浇混凝土沉井井壁及隔墙","1.部位：电缆井底板底\n2.混凝土强度等级：C15商品砼","m3","22.04",{"v":588.006005,"d":"588.01"},{"v":12959.652350199998,"d":"12959.65"}]
["44","041102028001","现浇混凝土沉井井壁及隔墙模板","1.井垫层模板","m2","36.26",{"v":36.934635,"d":"36.93"},{"v":1339.2498650999999,"d":"1339.25"}]
["45","040601003001","沉井混凝土底板","1.混凝土强度等级：C30商品砼\n2.图集07SD101-8","m3","35.16",{"v":476.57049,"d":"476.57"},{"v":16756.2184284,"d":"16756.22"}]
["46","041102030001","沉井混凝土底板模板","1.电缆井底板模板","m2","66.67",{"v":54.328645,"d":"54.33"},{"v":3622.09076215,"d":"3622.09"}]
["47","040601001002","现浇混凝土沉井井壁及隔墙","1.构件名称：井壁\n2.混凝土强度等级：C30商品砼\n3.图集07SD101-8","m3","77.34",{"v":495.47741,"d":"495.48"},{"v":38320.2228894,"d":"38320.22"}]
["48","041102028002","现浇混凝土沉井井壁及隔墙模板","1.井壁模板","m2","630.43",{"v":85.83621500000001,"d":"85.84"},{"v":54113.72502245,"d":"54113.73"}]
["49","040601005001","沉井混凝土顶板","1.构件名称：井盖\n2.混凝土强度等级：C30商品砼\n3.图集07SD101-8\n4.含小型手孔电缆井","m3","22.29",{"v":489.86463499999996,"d":"489.86"},{"v":10919.08271415,"d":"10919.08"}]
["50","041102029001","沉井混凝土顶板模板","1.井盖模板","m2","50.51",{"v":92.67805,"d":"92.68"},{"v":4681.168305499999,"d":"4681.17"}]
["51","040601003002","沉井混凝土底板","1.部位：小型手孔电缆井\n2.混凝土强度等级：C25商品砼\n3.图集07SD101-8","m3","13.06",{"v":466.68049,"d":"466.68"},{"v":6094.8471994,"d":"6094.85"}]
["52","041102030002","沉井混凝土底板模板","1.小型手孔电缆井底板模板","m2","38.45",{"v":54.328645,"d":"54.33"},{"v":2088.93640025,"d":"2088.94"}]
["53","WB040504016001","非定型井砌筑","1.部位：小型手孔电缆井壁\n2.Mb10专用砂浆砌筑MU10砌块\n3.图集07SD101-8","m3","18.18",{"v":743.12919,"d":"743.13"},{"v":13510.0886742,"d":"13510.09"}]
["54","WB040504017001","非定型井勾缝及抹灰","1.部位：井壁内外\n2.10厚1：2.5水泥砂浆抹面","m2",{"v":174.8,"d":"174.80"},{"v":29.483975000000004,"d":"29.48"},{"v":5153.7988300000015,"d":"5153.80"}]
["55","WB040601031001","构筑物钢筋制作","1.钢筋种类、规格：HPB300 φ8","t","0.052",{"v":6752.527995,"d":"6752.53"},{"v":351.13145574,"d":"351.13"}]
["56","WB040601031002","构筑物钢筋制作","1.钢筋种类、规格：HPB300 φ10","t","0.020",{"v":6740.957995,"d":"6740.96"},{"v":134.8191599,"d":"134.82"}]
["57","WB040601031003","构筑物钢筋制作","1.钢筋种类、规格：HRB400 φ8","t","0.324",{"v":6328.597995,"d":"6328.60"},{"v":2050.46575038,"d":"2050.47"}]
["58","WB040601031004","构筑物钢筋制作","1.钢筋种类、规格：HRB400 φ10","t","8.406",{"v":5512.597995,"d":"5512.60"},{"v":46338.89874597001,"d":"46338.90"}]
["59","WB040601031005","构筑物钢筋制作","1.钢筋种类、规格：HRB400 φ12","t","1.820",{"v":6014.150325,"d":"6014.15"},{"v":10945.753591499999,"d":"10945.75"}]
["60","WB040601031006","构筑物钢筋制作","1.钢筋种类、规格：HRB400 φ14","t","0.377",{"v":6014.150325,"d":"6014.15"},{"v":2267.334672525,"d":"2267.33"}]
["61","WB040601031007","构筑物钢筋制作","1.钢筋种类、规格：HRB400 φ18","t","0.373",{"v":6024.550325,"d":"6024.55"},{"v":2247.157271225,"d":"2247.16"}]
["62","011705001001","大型机械设备进出场及安拆","1.机械设备名称：挖掘机\n2.机械设备规格型号：自定","台次",{"v":1,"d":"1.00"},{"v":5327.798159999999,"d":"5327.80"},{"v":5327.798159999999,"d":"5327.80"}]
["63","011705001002","大型机械设备进出场及安拆","1.机械设备名称：塔吊\n2.机械设备规格型号：自定","台次",{"v":1,"d":"1.00"},{"v":6479.234154999999,"d":"6479.23"},{"v":6479.234154999999,"d":"6479.23"}]
[null,"二","201粗碎工序电气安装工程"]
["1","030409005001","避雷网","1.名称：避雷网敷设\n2.材质：热镀锌\n3.规格：Φ10圆钢\n4.安装形式：沿支架敷设\n5.其他：详见设计图纸及规范要求","m","95.00",{"v":16.852780000000003,"d":"16.85"},{"$f":"G75*F75","v":{"v":1601.0141000000003,"d":"1601.01"}}]
["2","030409003001","避雷引下线","1.名称：避雷引下线敷设\n2.材质：利用柱中两根主筋做防雷引下线\n3.规格：详见设计图纸\n4.安装部位：详见设计图纸\n5.安装形式：详见设计图纸\n6.其他：详见设计图纸及规范要求","m","100.00",{"v":8.302715,"d":"8.30"},{"$f":"G76*F76","v":{"v":830.2715,"d":"830.27"}}]
["3","030409003002","避雷引下线","1.名称：避雷引下线敷设\n2.材质：利用钢柱做防雷引下线\n3.规格：详见设计图纸\n4.安装部位：详见设计图纸\n5.安装形式：详见设计图纸\n6.其他：详见设计图纸及规范要求","m","180.00",{"v":1.5500599999999998,"d":"1.55"},{"v":279.01079999999996,"d":"279.01"}]
["4","WB030409003001","接地跨接线","1.名称：接地跨接线安装 \n2.跨接方式：接地网","10处","2.2",{"v":84.18144999999998,"d":"84.18"},{"v":185.19919,"d":"185.20"}]
["5","030409002001","接地母线","1.名称：接地母线敷设\n2.材质：热镀锌\n3.规格：扁钢-40×4\n4.安装部位：户外\n5.安装形式：详见设计图纸\n6.其他：详见设计图纸及规范要求","m","350.00",{"v":20.488825000000002,"d":"20.49"},{"v":7171.088750000001,"d":"7171.09"}]
["6","030409002002","接地母线","1.名称：接地母线敷设\n2.材质：热镀锌\n3.规格：扁钢-40×4\n4.安装部位：户内\n5.安装形式：详见设计图纸\n6.其他：详见设计图纸及规范要求","m","50.00",{"v":8.475859999999999,"d":"8.48"},{"v":423.79299999999995,"d":"423.79"}]
["7","WB030409004001","桩承台接地","1.名称：桩承台接地\n2.类型：≤3根桩，利用桩主筋\n3.方式：详见设计图纸\n4.其他：详见设计图纸及规范要求","基","16",{"v":197.30285,"d":"197.30"},{"v":3156.8456,"d":"3156.85"}]
["8","WB030409004002","桩承台接地","1.名称：桩承台接地\n2.类型：≤7根桩，利用桩主筋\n3.方式： 详见设计图纸\n4.其他：详见设计图纸及规范要求","基","2",{"v":278.48312,"d":"278.48"},{"v":556.96624,"d":"556.97"}]
["9","WB030409002001","柱主筋与圈梁钢筋焊接","1.名称：柱主筋与圈梁钢筋焊接","处","30",{"v":26.169629999999998,"d":"26.17"},{"v":785.0889,"d":"785.09"}]
["10","030409008001","等电位端子箱、测试板","1.名称：接地连接片预埋\n2.材质：详见设计图纸\n3.规格：角钢63×63×5，L=100mm\n4.其他：详见设计图纸及规范要求","个","38",{"v":7.371029999999999,"d":"7.37"},{"v":280.09914,"d":"280.10"}]
["11","030414011001","接地装置","1.名称：接地系统调试\n2.类别：接地网","系统","3",{"v":555.556345,"d":"555.56"},{"v":1666.669035,"d":"1666.67"}]
["12","030404016001","控制箱","1.名称：1#胶带运输机现场控制箱安装\n2.型号规格：详见设计图纸\n3.安装方式：底边距地1.5m\n4.接地\n5.设备不进价\n6.其他：详见设计图纸及规范要求","台","1",{"v":173.42533,"d":"173.43"},{"v":173.42533,"d":"173.43"}]
["13","030404019001","控制开关","1.名称：铁壳开关安装\n2.型号规格:HH4-20/3\n3.额定电流(A)：20A\n3.安装方式：底边距地1.5m\n4.接地\n5.主材不进价\n6.其他：详见设计图纸及规范要求","个","1",{"v":43.393435,"d":"43.39"},{"v":43.393435,"d":"43.39"}]
["14","030404019002","控制开关","1.名称：铁壳开关安装\n2.型号规格:HH4-200/3\n3.额定电流(A)：200A\n3.安装方式：底边距地1.5m\n4.接地\n5.主材不进价\n6.其他：详见设计图纸及规范要求","个","1",{"v":43.393435,"d":"43.39"},{"v":43.393435,"d":"43.39"}]
["15","030404017001","配电箱","1.名称：检修电源箱安装\n2.型号规格：详见设计图纸\n3.安装方式：底边距地1.5m\n4.接地\n5.设备不进价\n6.其他：详见设计图纸及规范要求","台","2",{"v":177.325215,"d":"177.33"},{"v":354.65043,"d":"354.65"}]
["16","030407001001","滑触线","1.名称：安全滑触线安装\n2.型号规格：DHG-4-16\n3.材质：详见设计图纸\n4.主材不进价\n5.其他：详见设计图纸及规范要求","m","32.00",{"v":26.285059999999998,"d":"26.29"},{"v":841.1219199999999,"d":"841.12"}]
["17","030407001002","滑触线","1.名称：安全滑触线安装\n2.型号规格：DHG-4-50\n3.材质：详见设计图纸\n4.主材不进价\n5.其他：详见设计图纸及规范要求","m","172.00",{"v":28.841009999999997,"d":"28.84"},{"v":4960.653719999999,"d":"4960.65"}]
["18","030413001001","铁构件","1.名称：滑触线支架安装\n2.材质：详见设计图纸\n3.规格：详见设计图纸\n4.主材不进价\n5.其他：详见设计图纸及规范要求","t","0.060",{"v":3332.06834,"d":"3332.07"},{"v":199.9241004,"d":"199.92"}]
["19","030411003001","桥架","1.名称：电缆桥架安装\n2.型号：DJ-P-01-206\n3.规格：600×100\n4.材质：铝合金\n5.类型：梯式\n6.接地\n7.主材不进价\n8.其他：详见设计图纸及规范要求","m","145.00",{"v":29.56657,"d":"29.57"},{"v":4287.15265,"d":"4287.15"}]
["20","030411001001","配管","1.名称：保护管敷设\n2.材质：镀锌钢管\n3.规格：SC20\n4.配置形式：暗配\n5.接地\n6.其他：详见设计图纸及规范要求","m","8.00",{"v":5.474679999999999,"d":"5.47"},{"v":43.797439999999995,"d":"43.80"}]
["21","030411001002","配管","1.名称：保护管敷设\n2.材质：镀锌钢管\n3.规格：SC40\n4.配置形式：暗配\n5.接地\n6.其他：详见设计图纸及规范要求","m","2.00",{"v":10.98234,"d":"10.98"},{"v":21.96468,"d":"21.96"}]
["22","030411001003","配管","1.名称：保护管敷设\n2.材质：镀锌钢管\n3.规格：SC50\n4.配置形式：暗配\n5.接地\n6.其他：详见设计图纸及规范要求","m","10.00",{"v":12.755015,"d":"12.76"},{"v":127.55015,"d":"127.55"}]
["23","030411001004","配管","1.名称：保护管敷设\n2.材质：镀锌钢管\n3.规格：SC100\n4.配置形式：暗配\n5.接地\n6.其他：详见设计图纸及规范要求","m","35.00",{"v":24.957614999999997,"d":"24.96"},{"v":873.5165249999999,"d":"873.52"}]
["24","030411001005","配管","1.名称：保护管敷设\n2.材质：镀锌钢管\n3.规格：SC15\n4.配置形式：明配\n5.接地\n6.其他：详见设计图纸及规范要求","m","360.00",{"v":10.02592,"d":"10.03"},{"v":3609.3311999999996,"d":"3609.33"}]
["25","030411001006","配管","1.名称：保护管敷设\n2.材质：镀锌钢管\n3.规格：SC20\n4.配置形式：明配\n5.接地\n6.其他：详见设计图纸及规范要求","m","185.00",{"v":10.487639999999999,"d":"10.49"},{"v":1940.2133999999999,"d":"1940.21"}]
["26","030411001007","配管","1.名称：保护管敷设\n2.材质：镀锌钢管\n3.规格：SC25\n4.配置形式：明配\n5.接地\n6.其他：详见设计图纸及规范要求","m","45.00",{"v":11.559489999999998,"d":"11.56"},{"v":520.1770499999999,"d":"520.18"}]
["27","030411001008","配管","1.名称：保护管敷设\n2.材质：镀锌钢管\n3.规格：SC32\n4.配置形式：明配\n5.接地\n6.其他：详见设计图纸及规范要求","m","25.00",{"v":12.919915,"d":"12.92"},{"v":322.99787499999996,"d":"323.00"}]
["28","030411001009","配管","1.名称：保护管敷设\n2.材质：镀锌钢管\n3.规格：SC40\n4.配置形式：明配\n5.接地\n6.其他：详见设计图纸及规范要求","m","35.00",{"v":15.954075,"d":"15.95"},{"v":558.392625,"d":"558.39"}]
["29","030411001010","配管","1.名称：保护管敷设\n2.材质：镀锌钢管\n3.规格：SC50\n4.配置形式：明配\n5.接地\n6.其他：详见设计图纸及规范要求","m","35.00",{"v":17.339235,"d":"17.34"},{"v":606.8732249999999,"d":"606.87"}]
["30","030411001011","配管","1.名称：保护管敷设\n2.材质：镀锌钢管\n3.规格：SC70\n4.配置形式：明配\n5.接地\n6.其他：详见设计图纸及规范要求","m","32.00",{"v":22.36044,"d":"22.36"},{"v":715.53408,"d":"715.53"}]
["31","030411001012","配管","1.名称：保护管敷设\n2.材质：镀锌钢管\n3.规格：SC100\n4.配置形式：明配\n5.接地\n6.其他：详见设计图纸及规范要求","m","65.00",{"v":32.823345,"d":"32.82"},{"v":2133.517425,"d":"2133.52"}]
["32","030411001013","配管","1.名称：保护管敷设\n2.材质：包塑金属软管\n3.规格：DN20\n4.配专用接头\n5.其他：详见设计图纸及规范要求","m","10.00",{"v":17.471155,"d":"17.47"},{"v":174.71155,"d":"174.71"}]
["33","030411001014","配管","1.名称：保护管敷设\n2.材质：包塑金属软管\n3.规格：DN25\n4.配专用接头\n5.其他：详见设计图纸及规范要求","m","2.00",{"v":19.65608,"d":"19.66"},{"v":39.31216,"d":"39.31"}]
["34","030411001015","配管","1.名称：保护管敷设\n2.材质：包塑金属软管\n3.规格：DN32\n4.配专用接头\n5.其他：详见设计图纸及规范要求","m","2.00",{"v":21.173159999999996,"d":"21.17"},{"v":42.34631999999999,"d":"42.35"}]
["35","030411001016","配管","1.名称：保护管敷设\n2.材质：包塑金属软管\n3.规格：DN40\n4.配专用接头\n5.其他：详见设计图纸及规范要求","m","2.00",{"v":24.347485000000002,"d":"24.35"},{"v":48.694970000000005,"d":"48.69"}]
["36","030411001017","配管","1.名称：保护管敷设\n2.材质：包塑金属软管\n3.规格：DN50\n4.配专用接头\n5.其他：详见设计图纸及规范要求","m","3.00",{"v":27.727935,"d":"27.73"},{"v":83.18380499999999,"d":"83.18"}]
["37","030411001018","配管","1.名称：保护管敷设\n2.材质：包塑金属软管\n3.规格：DN70\n4.配专用接头\n5.其他：详见设计图纸及规范要求","m","4.00",{"v":27.727935,"d":"27.73"},{"v":110.91174,"d":"110.91"}]
["38","030411001019","配管","1.名称：保护管敷设\n2.材质：包塑金属软管\n3.规格：DN100\n4.配专用接头\n5.其他：详见设计图纸及规范要求","m","7.00",{"v":27.727935,"d":"27.73"},{"v":194.095545,"d":"194.10"}]
["39","030408001001","电力电缆","1.名称：电力电缆敷设\n2.型号规格：ZR-YJV-6/6kV-3×70\n3.材质：铜芯\n4.敷设方式、部位：桥架、穿管或电缆沟\n5.电压等级（kV）：6/6kV\n6.接地、固定及挂牌\n7.防火堵洞\n8.主材不进价\n9.其他：详见设计图纸及规范要求","m","120.00",{"v":7.305069999999999,"d":"7.31"},{"v":876.6083999999998,"d":"876.61"}]
["40","030408001002","电力电缆","1.名称：电力电缆敷设\n2.型号规格：ZR-YJV-0.6/1kV-4×4\n3.材质：铜芯\n4.敷设方式、部位：桥架、穿管或电缆沟\n5.电压等级（kV）：0.6/1kV\n6.接地、固定及挂牌\n7.防火堵洞\n8.主材不进价\n9.其他：详见设计图纸及规范要求","m","230.00",{"v":3.6855149999999997,"d":"3.69"},{"v":847.6684499999999,"d":"847.67"}]
["41","030408001003","电力电缆","1.名称：电力电缆敷设\n2.型号规格：ZR-YJV-0.6/1kV-5×4\n3.材质：铜芯\n4.敷设方式、部位：桥架、穿管或电缆沟\n5.电压等级（kV）：0.6/1kV\n6.接地、固定及挂牌\n7.防火堵洞\n8.主材不进价\n9.其他：详见设计图纸及规范要求","m","170.00",{"v":4.229685,"d":"4.23"},{"v":719.0464499999999,"d":"719.05"}]
["42","030408001004","电力电缆","1.名称：电力电缆敷设\n2.型号规格：ZR-YJV-0.6/1kV-5×6\n3.材质：铜芯\n4.敷设方式、部位：桥架、穿管或电缆沟\n5.电压等级（kV）：0.6/1kV\n6.接地、固定及挂牌\n7.防火堵洞\n8.主材不进价\n9.其他：详见设计图纸及规范要求","m","116.00",{"v":4.229685,"d":"4.23"},{"v":490.64346,"d":"490.64"}]
["43","030408001005","电力电缆","1.名称：电力电缆敷设\n2.型号规格：ZR-YJV-0.6/1kV-5×10\n3.材质：铜芯\n4.敷设方式、部位：桥架、穿管或电缆沟\n5.电压等级（kV）：0.6/1kV\n6.接地、固定及挂牌\n7.防火堵洞\n8.主材不进价\n9.其他：详见设计图纸及规范要求","m","136.00",{"v":4.229685,"d":"4.23"},{"v":575.23716,"d":"575.24"}]
["44","030408001006","电力电缆","1.名称：电力电缆敷设\n2.型号规格：ZR-YJV-0.6/1kV-4×16\n3.材质：铜芯\n4.敷设方式、部位：桥架、穿管或电缆沟\n5.电压等级（kV）：0.6/1kV\n6.接地、固定及挂牌\n7.防火堵洞\n8.主材不进价\n9.其他：详见设计图纸及规范要求","m","110.00",{"v":4.279155,"d":"4.28"},{"v":470.70705000000004,"d":"470.71"}]
["45","030408001007","电力电缆","1.名称：电力电缆敷设\n2.型号规格：ZR-YJV-0.6/1kV-3×25+2×16\n3.材质：铜芯\n4.敷设方式、部位：桥架、穿管或电缆沟\n5.电压等级（kV）：0.6/1kV\n6.接地、固定及挂牌\n7.防火堵洞\n8.主材不进价\n9.其他：详见设计图纸及规范要求","m","230.00",{"v":6.1342799999999995,"d":"6.13"},{"v":1410.8844,"d":"1410.88"}]
["46","030408001008","电力电缆","1.名称：电力电缆敷设\n2.型号规格：ZR-YJV-0.6/1kV-3×70+1×35\n3.材质：铜芯\n4.敷设方式、部位：桥架、穿管或电缆沟\n5.电压等级（kV）：0.6/1kV\n6.接地、固定及挂牌\n7.防火堵洞\n8.主材不进价\n9.其他：详见设计图纸及规范要求","m","68.00",{"v":7.305069999999999,"d":"7.31"},{"v":496.7447599999999,"d":"496.74"}]
["47","030408001009","电力电缆","1.名称：电力电缆敷设\n2.型号规格：ZR-YJV-0.6/1kV-3×120\n3.材质：铜芯\n4.敷设方式、部位：桥架、穿管或电缆沟\n5.电压等级（kV）：0.6/1kV\n6.接地、固定及挂牌\n7.防火堵洞\n8.主材不进价\n9.其他：详见设计图纸及规范要求","m","255.00",{"v":9.374564999999999,"d":"9.37"},{"v":2390.5140749999996,"d":"2390.51"}]
["48","030408001010","电力电缆","1.名称：电力电缆敷设\n2.型号规格：ZR-YJV-0.6/1kV-3×120+2×70\n3.材质：铜芯\n4.敷设方式、部位：桥架、穿管或电缆沟\n5.电压等级（kV）：0.6/1kV\n6.接地、固定及挂牌\n7.防火堵洞\n8.主材不进价\n9.其他：详见设计图纸及规范要求","m","112.00",{"v":10.78446,"d":"10.78"},{"v":1207.85952,"d":"1207.86"}]
["49","030408006001","电力电缆头","1.名称：电力电缆终端头制安\n2.型号规格：70mm2及以下\n3.材质、类型：铜芯 热(冷)缩式\n4.安装部位：室内\n5.电压等级(kV)：10kV以下\n6.接线、固定\n7.其他：详见设计图纸及规范要求","个","4",{"v":139.282785,"d":"139.28"},{"v":557.13114,"d":"557.13"}]
["50","030408006002","电力电缆头","1.名称：电力电缆终端头制安\n2.型号规格：10mm2及以下\n3.材质、类型：铜芯 干包式\n4.安装部位：室内\n5.电压等级(kV)：1kV以下\n6.接线、固定\n7.其他：详见设计图纸及规范要求","个","16",{"v":47.95292,"d":"47.95"},{"v":767.24672,"d":"767.25"}]
["51","030408006003","电力电缆头","1.名称：电力电缆终端头制安\n2.型号规格：16mm2及以下\n3.材质、类型：铜芯 干包式\n4.安装部位：室内\n5.电压等级(kV)：1kV以下\n6.接线、固定\n7.其他：详见设计图纸及规范要求","个","2",{"v":59.364000000000004,"d":"59.36"},{"v":118.72800000000001,"d":"118.73"}]
["52","030408006004","电力电缆头","1.名称：电力电缆终端头制安\n2.型号规格：35mm2及以下\n3.材质、类型：铜芯 干包式\n4.安装部位：室内\n5.电压等级(kV)：1kV以下\n6.接线、固定\n7.其他：详见设计图纸及规范要求","个","6",{"v":82.50771499999999,"d":"82.51"},{"v":495.04628999999994,"d":"495.05"}]
["53","030408006005","电力电缆头","1.名称：电力电缆终端头制安\n2.型号规格：70mm2及以下\n3.材质、类型：铜芯 干包式\n4.安装部位：室内\n5.电压等级(kV)：1kV以下\n6.接线、固定\n7.其他：详见设计图纸及规范要求","个","4",{"v":111.05190499999998,"d":"111.05"},{"v":444.2076199999999,"d":"444.21"}]
["54","030408006006","电力电缆头","1.名称：电力电缆终端头制安\n2.型号规格：120mm2及以下\n3.材质、类型：铜芯 干包式\n4.安装部位：室内\n5.电压等级(kV)：1kV以下\n6.接线、固定\n7.其他：详见设计图纸及规范要求","个","10",{"v":132.91764500000002,"d":"132.92"},{"v":1329.1764500000002,"d":"1329.18"}]
["55","030408002001","控制电缆","1.名称：控制电缆敷设\n2.型号规格：ZR-KVV-0.45/0.75kV-2×1.5\n3.材质：铜芯\n4.敷设方式、部位：桥架、穿管或电缆沟\n5.电压等级（kV）：0.45/0.75kV\n6.接地、固定及挂牌\n7.防火堵洞\n8.主材不进价\n9.其他：详见设计图纸及规范要求","m","65.00",{"v":2.58893,"d":"2.59"},{"v":168.28045,"d":"168.28"}]
["56","030408002002","控制电缆","1.名称：控制电缆敷设\n2.型号规格：ZR-KVV-0.45/0.75kV-3×1.5\n3.材质：铜芯\n4.敷设方式、部位：桥架、穿管或电缆沟\n5.电压等级（kV）：0.45/0.75kV\n6.接地、固定及挂牌\n7.防火堵洞\n8.主材不进价\n9.其他：详见设计图纸及规范要求","m","18.00",{"v":2.58893,"d":"2.59"},{"v":46.60074,"d":"46.60"}]
["57","030408002003","控制电缆","1.名称：控制电缆敷设\n2.型号规格：ZR-KVV-0.45/0.75kV-14×1.5\n3.材质：铜芯\n4.敷设方式、部位：桥架、穿管或电缆沟\n5.电压等级（kV）：0.45/0.75kV\n6.接地、固定及挂牌\n7.防火堵洞\n8.主材不进价\n9.其他：详见设计图纸及规范要求","m","110.00",{"v":4.147235,"d":"4.15"},{"v":456.19585,"d":"456.20"}]
["58","030408007001","控制电缆头","1.名称：控制电缆终端头制安\n2.型号规格：6芯及以下\n3.材质、类型：详见设计图纸及规范要求\n4.安装方式：详见设计图纸\n5.接线、固定\n6.其他：详见设计图纸及规范要求","个","6",{"v":48.571295,"d":"48.57"},{"v":291.42777,"d":"291.43"}]
["59","030408007002","控制电缆头","1.名称：控制电缆终端头制安\n2.型号规格：14芯及以下\n3.材质、类型：详见设计图纸及规范要求\n4.安装方式：详见设计图纸\n5.接线、固定\n6.其他：详见设计图纸及规范要求","个","2",{"v":77.43704,"d":"77.44"},{"v":154.87408,"d":"154.87"}]
["60","030411004001","配线","1.名称：导线敷设\n2.型号规格：ZR-BV-0.45/0.75kV-2.5mm2\n3.敷设方式：穿管\n4.接线\n5.其他：详见设计图纸及规范要求","m","1700.00",{"v":0.80801,"d":"0.81"},{"v":1373.617,"d":"1373.62"}]
["61","030404017002","配电箱","1.名称：照明配电箱+AL1\n2.型号规格：详见设计图纸\n3.安装方式：底边距地1.5米\n4.接地\n5.设备不进价\n6.其他：详见设计图纸及规范要求","台","1",{"v":137.27925,"d":"137.28"},{"v":137.27925,"d":"137.28"}]
["62","030404017003","配电箱","1.名称：照明配电箱+AL3\n2.型号规格：详见设计图纸\n3.安装方式：底边距地1.5米\n4.接地\n5.设备不进价\n6.其他：详见设计图纸及规范要求","台","1",{"v":137.27925,"d":"137.28"},{"v":137.27925,"d":"137.28"}]
["63","030404017004","配电箱","1.名称：照明配电箱+AL4\n2.型号规格：详见设计图纸\n3.安装方式：底边距地1.5米\n4.接地\n5.设备不进价\n6.其他：详见设计图纸及规范要求","台","1",{"v":137.27925,"d":"137.28"},{"v":137.27925,"d":"137.28"}]
["64","030412002001","工厂灯","1.名称：节能投光灯安装\n2.型号规格：GT311-XL30Ⅱ，1×30LED\n3.安装形式：壁装式\n4.主材不进价\n5.其他：详见设计图纸及规范要求","套","12",{"v":25.031819999999996,"d":"25.03"},{"v":300.38183999999995,"d":"300.38"}]
["65","030412002002","工厂灯","1.名称：节能悬挂灯安装\n2.型号规格：GC203-XL80A，1×80LED\n3.安装形式：管吊式\n4.主材不进价\n5.其他：详见设计图纸及规范要求","套","14",{"v":25.031819999999996,"d":"25.03"},{"v":350.44548,"d":"350.45"}]
["66","030412002003","工厂灯","1.名称：低悬挂固定灯具安装\n2.型号规格：GC203-XL36A，1×36LED\n3.安装形式：吸顶式\n4.主材不进价\n5.其他：详见设计图纸及规范要求","套","12",{"v":25.031819999999996,"d":"25.03"},{"$f":"G140*F140","v":{"v":300.38183999999995,"d":"300.38"}}]
["67","030411006001","接线盒","1.名称：接线盒安装\n2.材质：钢制\n3.规格：86型\n4.安装形式：明装","个","45",{"v":4.79859,"d":"4.80"},{"v":215.93654999999998,"d":"215.94"}]
["68","030404021001","限位开关","1.名称：跑偏开关安装\n2.型号规格：详见设计图纸\n3.主材不进价\n4.其他：详见设计图纸及规范要求","个","8",{"v":39.62547,"d":"39.63"},{"v":317.00376,"d":"317.00"}]
["69","030604003001","称重装置、皮带跑偏监测装置、电子秤标定","1.名称：拉绳开关安装\n2.型号规格：详见设计图纸\n3.主材不进价\n4.其他：详见设计图纸及规范要求","台","4",{"v":873.42583,"d":"873.43"},{"v":3493.70332,"d":"3493.70"}]
["70","030604003002","称重装置、皮带跑偏监测装置、电子秤标定","1.名称：皮带跑偏检测","台","1",{"v":788.3291849999999,"d":"788.33"},{"v":788.3291849999999,"d":"788.33"}]
["71","030413001002","铁构件","1.名称：电缆桥架支架制作及安装\n2.材质：热镀锌\n3.规格：角钢或槽钢\n4.如固定采用螺栓应为热镀锌螺栓\n5.其他：详见设计图纸及规范要求","t","3.820",{"v":6632.071875,"d":"6632.07"},{"v":25334.514562499997,"d":"25334.51"}]
["72","030413001003","铁构件","1.名称：一般铁构件制作及安装\n2.材质：热镀锌\n3.规格：角钢或槽钢\n4.如固定采用螺栓应为热镀锌螺栓\n5.含灯具、配管、电缆沟支架等\n6.其他：详见设计图纸及规范要求","t","0.650",{"v":8002.432099999998,"d":"8002.43"},{"v":5201.580864999999,"d":"5201.58"}]
["73","030406006001","低压交流异步电动机","1.名称：低压交流异步电动机检查接线\n2.型号：详见图纸\n3.容量(kW)：15kW及以下\n4.启动方式：详见设计图纸\n5.电压等级(kV)：1kV及以下\n6.金属软管安装（配套塑料接头）","台","1",{"v":172.46066499999998,"d":"172.46"},{"v":172.46066499999998,"d":"172.46"}]
["74","030406006002","低压交流异步电动机","1.名称：低压交流异步电动机检查接线\n2.型号：详见图纸\n3.容量(kW)：30kW及以下\n4.启动方式：详见设计图纸\n5.电压等级(kV)：1kV及以下\n6.金属软管安装（配套塑料接头）","台","1",{"v":383.02972,"d":"383.03"},{"v":383.02972,"d":"383.03"}]
["75","WB030414009001","低压交流异步电动机","1.名称：低压交流异步电动机调试\n2.型号：详见设计图纸\n3.控制保护方式：带过流保护","台","2",{"v":1024.202145,"d":"1024.20"},{"v":2048.40429,"d":"2048.40"}]
["76","WB030406002001","中型、大型电动机","1.名称：高压交流异步电动机检查接线\n2.型号：详见图纸\n3.容量(kW)：800kW及以下\n4.启动方式：详见设计图纸\n5.电压等级(kV)：10kV及以下\n6.金属软管安装（配套塑料接头）","台","2",{"v":1260.69348,"d":"1260.69"},{"v":2521.38696,"d":"2521.39"}]
["77","WB030414010001","高压交流异步电动机（一次设备）","1.名称：高压交流异步电动机调试\n2.型号：详见图纸\n3.功率(kW)：800kW\n4.电压等级(kV)：10kV及以下","台","2",{"v":1005.485995,"d":"1005.49"},{"v":2010.97199,"d":"2010.97"}]
["78","WB030414011001","高压交流异步电动机（二次设备）","1.名称：高压交流异步电动机调试\n2.型号：详见图纸\n3.功率(kW)：800kW\n4.控制保护方式：速断过流保护","台","2",{"v":3132.52285,"d":"3132.52"},{"v":6265.0457,"d":"6265.05"}]
[null,"三","201（6）粗碎配电室电气安装工程"]
["1","030402017001","高压成套配电柜","1.名称：重锤反击破碎机高压启动柜安装\n2.型号规格：详见设计图纸\n3.接地\n4.设备不进价\n5.其他：详见设计图纸及规范要求","台","2",{"v":451.09219499999995,"d":"451.09"},{"$f":"G154*F154","v":{"v":902.1843899999999,"d":"902.18"}}]
["2","030404001001","控制屏","1.名称：重锤反击破碎机液阻启动柜安装\n2.型号规格：详见设计图纸\n3.接地\n4.其他：详见设计图纸及规范要求","台","2",{"v":632.96865,"d":"632.97"},{"v":1265.9373,"d":"1265.94"}]
["3","030404001002","控制屏","1.名称：重锤反击破碎机控制柜安装\n2.型号规格：详见设计图纸\n3.接地\n4.其他：详见设计图纸及规范要求","台","2",{"v":365.2535,"d":"365.25"},{"v":730.507,"d":"730.51"}]
["4","WB030402004001","低压成套配电柜","1.名称：低压开关柜安装\n2.型号规格：详见设计图纸\n3.接地\n4.其他：详见设计图纸及规范要求","台","5",{"v":609.5528499999999,"d":"609.55"},{"v":3047.7642499999997,"d":"3047.76"}]
["5","030403003001","带形母线","1.名称：低压开关柜母线安装\n2.型号规格：TMY-80×6.3\n3.其他：详见设计图纸及规范要求","m","16.00",{"v":17.24854,"d":"17.25"},{"v":275.97664,"d":"275.98"}]
["6","030403003002","带形母线","1.名称：低压开关柜母线安装\n2.型号规格：TMY-50×5\n3.其他：详见设计图纸及规范要求","m","4.00",{"v":17.24854,"d":"17.25"},{"v":68.99416,"d":"68.99"}]
["7","WB030413004001","基础槽钢","1.名称：基础槽钢制作及安装\n2.材质：热镀锌\n3.规格：10#槽钢\n4.接地","m","31.00",{"v":13.75266,"d":"13.75"},{"v":426.33246,"d":"426.33"}]
["8","030411001020","配管","1.名称：保护管敷设\n2.材质：镀锌钢管\n3.规格：SC15\n4.配置形式：暗配\n5.接地\n6.其他：详见设计图纸及规范要求","m","20.00",{"v":5.3757399999999995,"d":"5.38"},{"v":107.5148,"d":"107.51"}]
["9","030411001021","配管","1.名称：保护管敷设\n2.材质：镀锌钢管\n3.规格：SC25\n4.配置形式：暗配\n5.接地\n6.其他：详见设计图纸及规范要求","m","10.00",{"v":6.521795,"d":"6.52"},{"v":65.21795,"d":"65.22"}]
["10","030411001022","配管","1.名称：保护管敷设\n2.材质：镀锌钢管\n3.规格：SC50\n4.配置形式：暗配\n5.接地\n6.其他：详见设计图纸及规范要求","m","10.00",{"v":12.755015,"d":"12.76"},{"v":127.55015,"d":"127.55"}]
["11","030411001023","配管","1.名称：保护管敷设\n2.材质：镀锌钢管\n3.规格：SC100\n4.配置形式：暗配\n5.接地\n6.其他：详见设计图纸及规范要求","m","10.00",{"v":24.957614999999997,"d":"24.96"},{"v":249.57614999999998,"d":"249.58"}]
["12","030411001024","配管","1.名称：保护管敷设\n2.材质：镀锌钢管\n3.规格：SC25\n4.配置形式：明配\n5.接地\n6.其他：详见设计图纸及规范要求","m","18.00",{"v":11.559489999999998,"d":"11.56"},{"v":208.07081999999997,"d":"208.07"}]
["13","030411001025","配管","1.名称：保护管敷设\n2.材质：镀锌钢管\n3.规格：SC50\n4.配置形式：明配\n5.接地\n6.其他：详见设计图纸及规范要求","m","2.00",{"v":17.339235,"d":"17.34"},{"v":34.67847,"d":"34.68"}]
["14","030411001026","配管","1.名称：保护管敷设\n2.材质：镀锌钢管\n3.规格：SC100\n4.配置形式：明配\n5.接地\n6.其他：详见设计图纸及规范要求","m","2.00",{"v":32.823345,"d":"32.82"},{"v":65.64669,"d":"65.65"}]
["15","030411001027","配管","1.名称：保护管敷设\n2.材质：包塑金属软管\n3.规格：DN25\n4.配专用接头\n5.其他：详见设计图纸及规范要求","m","3.00",{"v":19.65608,"d":"19.66"},{"v":58.968239999999994,"d":"58.97"}]
["16","030411001028","配管","1.名称：保护管敷设\n2.材质：包塑金属软管\n3.规格：DN50\n4.配专用接头\n5.其他：详见设计图纸及规范要求","m","1.00",{"v":27.727935,"d":"27.73"},{"v":27.727935,"d":"27.73"}]
["17","030411001029","配管","1.名称：保护管敷设\n2.材质：包塑金属软管\n3.规格：DN100\n4.配专用接头\n5.其他：详见设计图纸及规范要求","m","1.00",{"v":27.727935,"d":"27.73"},{"v":27.727935,"d":"27.73"}]
["18","030411001030","配管","1.名称：保护管敷设\n2.材质：硬塑料管\n3.规格：PC20\n4.配置形式：暗配\n5.其他：详见设计图纸及规范要求","m","260.00",{"v":4.27091,"d":"4.27"},{"v":1110.4366,"d":"1110.44"}]
["19","030411001031","配管","1.名称：保护管敷设\n2.材质：硬塑料管\n3.规格：PC25\n4.配置形式：暗配\n5.其他：详见设计图纸及规范要求","m","40.00",{"v":4.48528,"d":"4.49"},{"v":179.4112,"d":"179.41"}]
["20","030408001011","电力电缆","1.名称：电力电缆敷设\n2.型号规格：ZR-YJV-0.6/1kV-3×4\n3.材质：铜芯\n4.敷设方式、部位：桥架、穿管或电缆沟\n5.电压等级（kV）：0.6/1kV\n6.接地、固定及挂牌\n7.防火堵洞\n8.主材不进价\n9.其他：详见设计图纸及规范要求","m","20.00",{"v":3.6855149999999997,"d":"3.69"},{"v":73.71029999999999,"d":"73.71"}]
["21","030408001012","电力电缆","1.名称：电力电缆敷设\n2.型号规格：ZR-YJV-0.6/1kV-5×6\n3.材质：铜芯\n4.敷设方式、部位：桥架、穿管或电缆沟\n5.电压等级（kV）：0.6/1kV\n6.接地、固定及挂牌\n7.防火堵洞\n8.主材不进价\n9.其他：详见设计图纸及规范要求","m","75.00",{"v":4.229685,"d":"4.23"},{"v":317.226375,"d":"317.23"}]
["22","030408001013","电力电缆","1.名称：电力电缆敷设\n2.型号规格：ZR-YJV-0.6/1kV-3×25+2×16\n3.材质：铜芯\n4.敷设方式、部位：桥架、穿管或电缆沟\n5.电压等级（kV）：0.6/1kV\n6.接地、固定及挂牌\n7.防火堵洞\n8.主材不进价\n9.其他：详见设计图纸及规范要求","m","135.00",{"v":6.1342799999999995,"d":"6.13"},{"v":828.1278,"d":"828.13"}]
["23","030408001014","电力电缆","1.名称：电力电缆敷设\n2.型号规格：ZR-YJV-0.6/1kV-3×70+2×35\n3.材质：铜芯\n4.敷设方式、部位：桥架、穿管或电缆沟\n5.电压等级（kV）：0.6/1kV\n6.接地、固定及挂牌\n7.防火堵洞\n8.主材不进价\n9.其他：详见设计图纸及规范要求","m","36.00",{"v":8.401655,"d":"8.40"},{"v":302.45958,"d":"302.46"}]
["24","030408001015","电力电缆","1.名称：电力电缆敷设\n2.型号规格：ZR-YJV-0.6/1kV-3×120+2×70\n3.材质：铜芯\n4.敷设方式、部位：桥架、穿管或电缆沟\n5.电压等级（kV）：0.6/1kV\n6.接地、固定及挂牌\n7.防火堵洞\n8.主材不进价\n9.其他：详见设计图纸及规范要求","m","30.00",{"v":10.78446,"d":"10.78"},{"v":323.5338,"d":"323.53"}]
["25","030408006007","电力电缆头","1.名称：电力电缆终端头制安\n2.型号规格：10mm2及以下\n3.材质、类型：铜芯 干包式\n4.安装部位：室内\n5.电压等级(kV)：1kV以下\n6.接线、固定\n7.其他：详见设计图纸及规范要求","个","8",{"v":47.95292,"d":"47.95"},{"v":383.62336,"d":"383.62"}]
["26","030408006008","电力电缆头","1.名称：电力电缆终端头制安\n2.型号规格：35mm2及以下\n3.材质、类型：铜芯 干包式\n4.安装部位：室内\n5.电压等级(kV)：1kV以下\n6.接线、固定\n7.其他：详见设计图纸及规范要求","个","10",{"v":82.50771499999999,"d":"82.51"},{"v":825.0771499999998,"d":"825.08"}]
["27","030408006009","电力电缆头","1.名称：电力电缆终端头制安\n2.型号规格：70mm2及以下\n3.材质、类型：铜芯 干包式\n4.安装部位：室内\n5.电压等级(kV)：1kV以下\n6.接线、固定\n7.其他：详见设计图纸及规范要求","个","4",{"v":111.05190499999998,"d":"111.05"},{"v":444.2076199999999,"d":"444.21"}]
["28","030408006010","电力电缆头","1.名称：电力电缆终端头制安\n2.型号规格：120mm2及以下\n3.材质、类型：铜芯 干包式\n4.安装部位：室内\n5.电压等级(kV)：1kV以下\n6.接线、固定\n7.其他：详见设计图纸及规范要求","个","6",{"v":132.91764500000002,"d":"132.92"},{"v":797.5058700000002,"d":"797.51"}]
["29","030408002004","控制电缆","1.名称：控制电缆敷设\n2.型号规格：ZR-RVVP-0.45/0.75kV-2×1.5\n3.材质：铜芯\n4.敷设方式、部位：桥架、穿管或电缆沟\n5.电压等级（kV）：0.45/0.75kV\n6.接地、固定及挂牌\n7.防火堵洞\n8.主材不进价\n9.其他：详见设计图纸及规范要求","m","56.00",{"v":2.58893,"d":"2.59"},{"v":144.98008,"d":"144.98"}]
["30","030408002005","控制电缆","1.名称：控制电缆敷设\n2.型号规格：ZR-RVV-0.45/0.75kV-2×1.5\n3.材质：铜芯\n4.敷设方式、部位：桥架、穿管或电缆沟\n5.电压等级（kV）：0.45/0.75kV\n6.接地、固定及挂牌\n7.防火堵洞\n8.主材不进价\n9.其他：详见设计图纸及规范要求","m","36.00",{"v":2.58893,"d":"2.59"},{"v":93.20148,"d":"93.20"}]
["31","030408002006","控制电缆","1.名称：控制电缆敷设\n2.型号规格：ZR-RVV-0.45/0.75kV-5×1.5\n3.材质：铜芯\n4.敷设方式、部位：桥架、穿管或电缆沟\n5.电压等级（kV）：0.45/0.75kV\n6.接地、固定及挂牌\n7.防火堵洞\n8.主材不进价\n9.其他：详见设计图纸及规范要求","m","75.00",{"v":2.58893,"d":"2.59"},{"v":194.16975,"d":"194.17"}]
["32","030408002007","控制电缆","1.名称：控制电缆敷设\n2.型号规格：ZR-RVV-0.45/0.75kV-7×1.5\n3.材质：铜芯\n4.敷设方式、部位：桥架、穿管或电缆沟\n5.电压等级（kV）：0.45/0.75kV\n6.接地、固定及挂牌\n7.防火堵洞\n8.主材不进价\n9.其他：详见设计图纸及规范要求","m","40.00",{"v":4.147235,"d":"4.15"},{"v":165.88940000000002,"d":"165.89"}]
["33","030408002008","控制电缆","1.名称：控制电缆敷设\n2.型号规格：ZR-RVV-0.45/0.75kV-10×1.5\n3.材质：铜芯\n4.敷设方式、部位：桥架、穿管或电缆沟\n5.电压等级（kV）：0.45/0.75kV\n6.接地、固定及挂牌\n7.防火堵洞\n8.主材不进价\n9.其他：详见设计图纸及规范要求","m","32.00",{"v":4.147235,"d":"4.15"},{"v":132.71152,"d":"132.71"}]
["34","030408007003","控制电缆头","1.名称：控制电缆终端头制安\n2.型号规格：6芯及以下\n3.材质、类型：详见设计图纸及规范要求\n4.安装方式：详见设计图纸\n5.接线、固定\n6.其他：详见设计图纸及规范要求","个","16",{"v":48.571295,"d":"48.57"},{"v":777.14072,"d":"777.14"}]
["35","030408007004","控制电缆头","1.名称：控制电缆终端头制安\n2.型号规格：14芯及以下\n3.材质、类型：详见设计图纸及规范要求\n4.安装方式：详见设计图纸\n5.接线、固定\n6.其他：详见设计图纸及规范要求","个","8",{"v":77.43704,"d":"77.44"},{"v":619.49632,"d":"619.50"}]
["36","030411004002","配线","1.名称：导线敷设\n2.型号规格：ZR-BV-0.45/0.75kV-2.5mm2\n3.敷设方式：穿管\n4.接线\n5.其他：详见设计图纸及规范要求","m","380.00",{"v":0.80801,"d":"0.81"},{"v":307.0438,"d":"307.04"}]
["37","030411004003","配线","1.名称：导线敷设\n2.型号规格：ZR-BV-0.45/0.75kV-4mm2\n3.敷设方式：穿管\n4.接线\n5.其他：详见设计图纸及规范要求","m","170.00",{"v":0.585395,"d":"0.59"},{"v":99.51715,"d":"99.52"}]
["38","030411004004","配线","1.名称：导线敷设\n2.型号规格：NH-RVS-0.45/0.75kV-2*2.5mm2\n3.敷设方式：穿管\n4.接线\n5.其他：详见设计图纸及规范要求","m","140.00",{"v":0.8245,"d":"0.82"},115.43]
["39","030404017005","配电箱","1.名称：照明配电箱+AL2\n2.型号规格：详见设计图纸\n3.安装方式：底边距地1.5米\n4.接地\n5.设备不进价\n6.其他：详见设计图纸及规范要求","台","1",{"v":137.27925,"d":"137.28"},{"v":137.27925,"d":"137.28"}]
["40","030404017006","配电箱","1.名称：照明配电箱+AL3\n2.型号规格：详见设计图纸\n3.安装方式：底边距地1.5米\n4.接地\n5.设备不进价\n6.其他：详见设计图纸及规范要求","台","1",{"v":137.27925,"d":"137.28"},{"v":137.27925,"d":"137.28"}]
["41","WB030904012001","A型应急照明集中电源","1.名称：消防应急照明配电箱+ALE\n2.型号规格：详见设计图纸\n3.安装方式：底边距地1.4米\n4.接地\n5.设备不进价\n6.其他：详见设计图纸及规范要求","台","1",{"v":137.27925,"d":"137.28"},{"v":137.27925,"d":"137.28"}]
["42","030412005001","荧光灯","1.名称：固定式悬挂灯安装\n2.型号规格：GFD6110-XL36，1×36LED，配套蓄电池，放电时间≥30min\n3.安装形式：链吊式\n4.主材不进价\n5.其他：详见设计图纸及规范要求","套","3",{"v":23.522985,"d":"23.52"},{"v":70.56895499999999,"d":"70.57"}]
["43","030412005002","荧光灯","1.名称：固定式悬挂灯安装\n2.型号规格：GFD6110-XL36，1×36LED\n3.安装形式：链吊式\n4.主材不进价\n5.其他：详见设计图纸及规范要求","套","8",{"v":23.522985,"d":"23.52"},{"v":188.18388,"d":"188.18"}]
["44","WB030904013001","智能照明灯/指示灯","1.名称：A型消防应急照明灯安装\n2.型号规格：TY-ZFJC系列 12W，1×12LED\n3.安装形式：壁装式\n4.主材不进价\n5.其他：详见设计图纸及规范要求","套","10",{"v":28.305085,"d":"28.31"},{"v":283.05084999999997,"d":"283.05"}]
["45","WB030904013002","智能照明灯/指示灯","1.名称：A型消防安全出口标志安装\n2.型号规格：TY-BLJC系列 1W，1×1LED\n3.安装形式：壁装式\n4.主材不进价\n5.其他：详见设计图纸及规范要求","套","3",{"v":28.305085,"d":"28.31"},{"v":84.915255,"d":"84.92"}]
["46","WB030904013003","智能照明灯/指示灯","1.名称：A型疏散方向指示灯安装\n2.型号规格：TY-BLJC系列 1W，1×1LED\n3.安装形式：壁装式\n4.主材不进价\n5.其他：详见设计图纸及规范要求","套","4",{"v":28.305085,"d":"28.31"},{"v":113.22034,"d":"113.22"}]
["47","030404034001","照明开关","1.名称：单联单控暗开关安装\n2.材质：详见设计图纸\n3.规格：250V，10A\n4.安装方式：距地1.4米，暗装","个","2",{"v":5.186105,"d":"5.19"},{"v":10.37221,"d":"10.37"}]
["48","030404034002","照明开关","1.名称：双联单控暗开关安装\n2.材质：详见设计图纸\n3.规格：250V，10A\n4.安装方式：距地1.4米，暗装","个","1",{"v":5.186105,"d":"5.19"},{"v":5.186105,"d":"5.19"}]
["49","030404034003","照明开关","1.名称：三联单控暗开关安装\n2.材质：详见设计图纸\n3.规格：250V，10A\n4.安装方式：距地1.4米，暗装","个","1",{"v":5.186105,"d":"5.19"},{"v":5.186105,"d":"5.19"}]
["50","030404035001","插座","1.名称：单相接地暗插座安装\n2.材质：详见设计图纸\n3.规格：250V，10A\n4.安装方式：距地0.4米，暗装","个","10",{"v":6.15077,"d":"6.15"},{"v":61.5077,"d":"61.51"}]
["51","030404035002","插座","1.名称：柜式空调插座安装\n2.材质：详见设计图纸\n3.规格：250V，20A，三相带接地插孔\n4.安装方式：距地0.4米，暗装","个","2",{"v":7.618379999999999,"d":"7.62"},{"v":15.236759999999999,"d":"15.24"}]
["52","030411006002","接线盒","1.名称：接线盒安装\n2.材质：塑料\n3.规格：86型\n4.安装形式：暗装","个","44",{"v":3.6277999999999997,"d":"3.63"},{"v":159.6232,"d":"159.62"}]
["53","030413001004","铁构件","1.名称：一般铁构件制作及安装\n2.材质：热镀锌\n3.规格：角钢或槽钢\n4.如固定采用螺栓应为热镀锌螺栓\n5.含灯具、配管、现场控制箱、电缆沟支架等\n6.其他：详见设计图纸及规范要求","t","0.260",{"v":8002.432099999998,"d":"8002.43"},{"v":2080.6323459999994,"d":"2080.63"}]
["54","030414008001","母线","1.名称：母线系统调试\n2.电压等级（kV）：1kV以下","段","1",{"v":262.191,"d":"262.19"},{"v":262.191,"d":"262.19"}]
["55","WB030414026001","避雷器调试","1.名称：避雷器调试\n2.电压等级（kV）：10kV以下","组","1",{"v":327.384215,"d":"327.38"},{"v":327.384215,"d":"327.38"}]
["56","030414002001","送配电装置系统","1.名称：送配电装置系统\n2.型号：详见设计图纸\n3.电压等级（kV）：1kV以下\n4.类型：低压交流断路器回路","系统","24",{"v":228.17212999999998,"d":"228.17"},{"v":5476.13112,"d":"5476.13"}]
["57","030414004001","自动投入装置","1.名称：自动投入装置调试\n2.类型：详见设计图纸","系统","1",{"v":778.006445,"d":"778.01"},{"v":778.006445,"d":"778.01"}]
[null,null,"203细碎工序电气安装工程"]
["1","030409005002","避雷网","1.名称：避雷网敷设\n2.材质：热镀锌\n3.规格：Φ10圆钢\n4.安装形式：沿支架敷设\n5.其他：详见设计图纸及规范要求","m","345.00",{"v":16.852780000000003,"d":"16.85"},{"$f":"G212*F212","v":{"v":5814.209100000001,"d":"5814.21"}}]
["2","030409003003","避雷引下线","1.名称：避雷引下线敷设\n2.材质：利用柱中两根主筋做防雷引下线\n3.规格：详见设计图纸\n4.安装部位：详见设计图纸\n5.安装形式：详见设计图纸\n6.其他：详见设计图纸及规范要求","m","350.00",{"v":8.302715,"d":"8.30"},{"v":2905.95025,"d":"2905.95"}]
["3","030409003004","避雷引下线","1.名称：避雷引下线敷设\n2.材质：利用钢柱做防雷引下线\n3.规格：详见设计图纸\n4.安装部位：详见设计图纸\n5.安装形式：详见设计图纸\n6.其他：详见设计图纸及规范要求","m","100.00",{"v":1.5500599999999998,"d":"1.55"},{"v":155.00599999999997,"d":"155.01"}]
["4","030409003005","避雷引下线","1.名称：避雷引下线敷设\n2.材质：热镀锌\n3.规格：Φ10圆钢\n4.安装部位：详见设计图纸\n5.安装形式：详见设计图纸\n6.其他：详见设计图纸及规范要求","m","445.00",{"v":6.95878,"d":"6.96"},{"v":3096.6571,"d":"3096.66"}]
["5","WB030409003002","接地跨接线","1.名称：接地跨接线安装 \n2.跨接方式：接地网","10处","3.2",{"v":84.18144999999998,"d":"84.18"},{"v":269.38063999999997,"d":"269.38"}]
["6","030409002003","接地母线","1.名称：接地母线敷设\n2.材质：热镀锌\n3.规格：扁钢-40×4\n4.安装部位：户外\n5.安装形式：详见设计图纸\n6.其他：详见设计图纸及规范要求","m","560.00",{"v":20.488825000000002,"d":"20.49"},{"v":11473.742000000002,"d":"11473.74"}]
["7","030409002004","接地母线","1.名称：接地母线敷设\n2.材质：热镀锌\n3.规格：扁钢-40×4\n4.安装部位：户内\n5.安装形式：详见设计图纸\n6.其他：详见设计图纸及规范要求","m","100.00",{"v":8.475859999999999,"d":"8.48"},{"v":847.5859999999999,"d":"847.59"}]
["8","WB030409002002","柱主筋与圈梁钢筋焊接","1.名称：柱主筋与圈梁钢筋焊接","处","42",{"v":26.169629999999998,"d":"26.17"},{"v":1099.12446,"d":"1099.12"}]
["9","030409008002","等电位端子箱、测试板","1.名称：接地连接片预埋\n2.材质：详见设计图纸\n3.规格：角钢63×63×5，L=100mm\n4.其他：详见设计图纸及规范要求","个","43",{"v":7.371029999999999,"d":"7.37"},{"v":316.95428999999996,"d":"316.95"}]
["10","030414011002","接地装置","1.名称：接地系统调试\n2.类别：接地网","系统","2",{"v":555.556345,"d":"555.56"},{"v":1111.11269,"d":"1111.11"}]
["11","030404001003","控制屏","1.名称：圆锥破碎机控制箱安装\n2.型号规格：详见设计图纸\n3.安装方式：详见设计图纸\n4.接地\n5.设备不进价\n6.其他：详见设计图纸及规范要求","台","2",{"v":173.42533,"d":"173.43"},{"v":346.85066,"d":"346.85"}]
["12","030404016002","控制箱","1.名称：3#、4#、14#、15#胶带运输机现场控制箱安装\n2.型号规格：详见设计图纸\n3.安装方式：底边距地1.5m\n4.接地\n5.设备不进价\n6.其他：详见设计图纸及规范要求","台","4",{"v":173.42533,"d":"173.43"},{"v":693.70132,"d":"693.70"}]
["13","030404016003","控制箱","1.名称：5#、6#胶带运输机现场控制箱安装\n2.型号规格：详见设计图纸\n3.安装方式：底边距地1.5m\n4.接地\n5.设备不进价\n6.其他：详见设计图纸及规范要求","台","2",{"v":173.42533,"d":"173.43"},{"v":346.85066,"d":"346.85"}]
["14","030404017007","配电箱","1.名称：检修电源箱安装\n2.型号规格：详见设计图纸\n3.安装方式：底边距地1.5m\n4.接地\n5.设备不进价\n6.其他：详见设计图纸及规范要求","台","4",{"v":137.27925,"d":"137.28"},{"v":549.117,"d":"549.12"}]
["15","030404019003","控制开关","1.名称：铁壳开关安装\n2.型号规格:HH4-20/3\n3.额定电流(A)：20A\n3.安装方式：底边距地1.5m\n4.接地\n5.主材不进价\n6.其他：详见设计图纸及规范要求","个","3",{"v":43.393435,"d":"43.39"},{"v":130.18030499999998,"d":"130.18"}]
["16","030404019004","控制开关","1.名称：铁壳开关安装\n2.型号规格:HH4-60/3\n3.额定电流(A)：60A\n3.安装方式：底边距地1.5m\n4.接地\n5.主材不进价\n6.其他：详见设计图纸及规范要求","个","1",{"v":43.393435,"d":"43.39"},{"v":43.393435,"d":"43.39"}]
["17","030407001003","滑触线","1.名称：安全滑触线安装\n2.型号规格：DHG-4-16\n3.材质：详见设计图纸\n4.主材不进价\n5.其他：详见设计图纸及规范要求","m","600.00",{"v":26.285059999999998,"d":"26.29"},{"v":15771.035999999998,"d":"15771.04"}]
["18","030413001005","铁构件","1.名称：滑触线支架安装\n2.材质：详见设计图纸\n3.规格：详见设计图纸\n4.主材不进价\n5.其他：详见设计图纸及规范要求","t","0.190",{"v":3332.06834,"d":"3332.07"},{"v":633.0929846,"d":"633.09"}]
["19","030411003002","桥架","1.名称：电缆桥架安装\n2.型号：DJ-P-01-204\n3.规格：400×100\n4.材质：铝合金\n5.类型：梯式\n6.接地\n7.主材不进价\n8.其他：详见设计图纸及规范要求","m","90.00",{"v":19.59012,"d":"19.59"},{"v":1763.1108,"d":"1763.11"}]
["20","030411003003","桥架","1.名称：电缆桥架安装\n2.型号：DJ-P-01-206\n3.规格：600×100\n4.材质：铝合金\n5.类型：梯式\n6.接地\n7.主材不进价\n8.其他：详见设计图纸及规范要求","m","269.00",{"v":29.56657,"d":"29.57"},{"v":7953.40733,"d":"7953.41"}]
["21","030411003004","桥架","1.名称：电缆桥架安装（含盖板）\n2.型号：DJ-P-01-206\n3.规格：600×100\n4.材质：铝合金\n5.类型：梯式，含盖板\n6.接地\n7.主材不进价\n8.其他：详见设计图纸及规范要求","m","26.00",{"v":38.43819,"d":"38.44"},{"v":999.39294,"d":"999.39"}]
["22","030413001006","铁构件","1.名称：电缆桥架成品托臂安装\n2.材质：热镀锌\n3.规格：配400×100桥架使用\n4.如固定采用螺栓应为热镀锌螺栓\n5.主材不进价\n6.其他：详见设计图纸及规范要求","个","41",{"v":12.590114999999999,"d":"12.59"},{"v":516.194715,"d":"516.19"}]
["23","030413001007","铁构件","1.名称：电缆桥架成品托臂安装\n2.材质：热镀锌\n3.规格：配600×100桥架使用\n4.如固定采用螺栓应为热镀锌螺栓\n5.主材不进价\n6.其他：详见设计图纸及规范要求","个","46",{"v":17.603075,"d":"17.60"},{"v":809.74145,"d":"809.74"}]
["24","030408003001","电缆保护管","1.名称：保护管敷设\n2.材质：镀锌钢管\n3.规格：SC20\n4.配置形式：埋地\n5.接地\n6.其他：详见设计图纸及规范要求","m","640.00",{"v":7.544175,"d":"7.54"},{"v":4828.272,"d":"4828.27"}]
["25","030411001032","配管","1.名称：保护管敷设\n2.材质：镀锌钢管\n3.规格：SC15\n4.配置形式：暗配\n5.接地\n6.其他：详见设计图纸及规范要求","m","25.00",{"v":5.3757399999999995,"d":"5.38"},{"v":134.3935,"d":"134.39"}]
["26","030411001033","配管","1.名称：保护管敷设\n2.材质：镀锌钢管\n3.规格：SC20\n4.配置形式：暗配\n5.接地\n6.其他：详见设计图纸及规范要求","m","140.00",{"v":5.474679999999999,"d":"5.47"},{"v":766.4551999999999,"d":"766.46"}]
["27","030411001034","配管","1.名称：保护管敷设\n2.材质：镀锌钢管\n3.规格：SC50\n4.配置形式：暗配\n5.接地\n6.其他：详见设计图纸及规范要求","m","15.00",{"v":12.755015,"d":"12.76"},{"v":191.325225,"d":"191.33"}]
["28","030411001035","配管","1.名称：保护管敷设\n2.材质：镀锌钢管\n3.规格：SC70\n4.配置形式：暗配\n5.接地\n6.其他：详见设计图纸及规范要求","m","10.00",{"v":16.498245,"d":"16.50"},{"v":164.98245,"d":"164.98"}]
["29","030411001036","配管","1.名称：保护管敷设\n2.材质：镀锌钢管\n3.规格：SC100\n4.配置形式：暗配\n5.接地\n6.其他：详见设计图纸及规范要求","m","38.00",{"v":24.957614999999997,"d":"24.96"},{"v":948.3893699999999,"d":"948.39"}]
["30","030411001037","配管","1.名称：保护管敷设\n2.材质：镀锌钢管\n3.规格：SC15\n4.配置形式：明配\n5.接地\n6.其他：详见设计图纸及规范要求","m","580.00",{"v":10.02592,"d":"10.03"},{"v":5815.0336,"d":"5815.03"}]
["31","030411001038","配管","1.名称：保护管敷设\n2.材质：镀锌钢管\n3.规格：SC20\n4.配置形式：明配\n5.接地\n6.其他：详见设计图纸及规范要求","m","1770.00",{"v":10.487639999999999,"d":"10.49"},{"v":18563.122799999997,"d":"18563.12"}]
["32","030411001039","配管","1.名称：保护管敷设\n2.材质：镀锌钢管\n3.规格：SC40\n4.配置形式：明配\n5.接地\n6.其他：详见设计图纸及规范要求","m","412.00",{"v":15.954075,"d":"15.95"},{"v":6573.0788999999995,"d":"6573.08"}]
["33","030411001040","配管","1.名称：保护管敷设\n2.材质：镀锌钢管\n3.规格：SC50\n4.配置形式：明配\n5.接地\n6.其他：详见设计图纸及规范要求","m","220.00",{"v":17.339235,"d":"17.34"},{"v":3814.6317,"d":"3814.63"}]
["34","030411001041","配管","1.名称：保护管敷设\n2.材质：镀锌钢管\n3.规格：SC70\n4.配置形式：明配\n5.接地\n6.其他：详见设计图纸及规范要求","m","12.00",{"v":22.36044,"d":"22.36"},{"v":268.32528,"d":"268.33"}]
["35","030411001042","配管","1.名称：保护管敷设\n2.材质：镀锌钢管\n3.规格：SC80\n4.配置形式：明配\n5.接地\n6.其他：详见设计图纸及规范要求","m","32.00",{"v":29.987064999999994,"d":"29.99"},{"v":959.5860799999998,"d":"959.59"}]
["36","030411001043","配管","1.名称：保护管敷设\n2.材质：镀锌钢管\n3.规格：SC100\n4.配置形式：明配\n5.接地\n6.其他：详见设计图纸及规范要求","m","70.00",{"v":32.823345,"d":"32.82"},{"v":2297.6341500000003,"d":"2297.63"}]
["37","030411001044","配管","1.名称：保护管敷设\n2.材质：包塑金属软管\n3.规格：DN20\n4.配专用接头\n5.其他：详见设计图纸及规范要求","m","88.00",{"v":17.471155,"d":"17.47"},{"v":1537.46164,"d":"1537.46"}]
["38","030411001045","配管","1.名称：保护管敷设\n2.材质：包塑金属软管\n3.规格：DN40\n4.配专用接头\n5.其他：详见设计图纸及规范要求","m","21.00",{"v":24.347485000000002,"d":"24.35"},{"v":511.29718500000007,"d":"511.30"}]
["39","030411001046","配管","1.名称：保护管敷设\n2.材质：包塑金属软管\n3.规格：DN50\n4.配专用接头\n5.其他：详见设计图纸及规范要求","m","17.00",{"v":27.727935,"d":"27.73"},{"v":471.374895,"d":"471.37"}]
["40","030411001047","配管","1.名称：保护管敷设\n2.材质：包塑金属软管\n3.规格：DN70\n4.配专用接头\n5.其他：详见设计图纸及规范要求","m","1.00",{"v":27.727935,"d":"27.73"},{"v":27.727935,"d":"27.73"}]
["41","030411001048","配管","1.名称：保护管敷设\n2.材质：包塑金属软管\n3.规格：DN80\n4.配专用接头\n5.其他：详见设计图纸及规范要求","m","2.00",{"v":27.727935,"d":"27.73"},{"v":55.45587,"d":"55.46"}]
["42","030411001049","配管","1.名称：保护管敷设\n2.材质：包塑金属软管\n3.规格：DN100\n4.配专用接头\n5.其他：详见设计图纸及规范要求","m","6.00",{"v":27.727935,"d":"27.73"},{"v":166.36760999999998,"d":"166.37"}]
["43","030411001050","配管","1.名称：保护管敷设\n2.材质：硬塑料管\n3.规格：PC20\n4.配置形式：暗配\n5.其他：详见设计图纸及规范要求","m","300.00",{"v":4.27091,"d":"4.27"},{"v":1281.273,"d":"1281.27"}]
["44","010101003001","挖沟槽土方","1.名称：电缆沟开挖\n2.深度：详见设计图纸\n3.机械挖土\n4.其他：详见设计图纸和规范要求","m3","192.00",{"v":3.058895,"d":"3.06"},{"v":587.30784,"d":"587.31"}]
["45","010404001001","基础垫层","1.混凝土种类：现浇混凝土\n2.混凝土强度等级：C15\n3.室外电缆穿线管底部垫层","m3","16.00",{"v":457.16875999999996,"d":"457.17"},{"v":7314.700159999999,"d":"7314.70"}]
["46","WB010101009001","填土碾压","1.名称：电缆沟回填、夯实\n2.其他：详见设计图纸和规范要求","m3","192.00",{"v":1.3192,"d":"1.32"},{"v":253.2864,"d":"253.29"}]
["47","030408001016","电力电缆","1.名称：电力电缆敷设\n2.型号规格：ZR-YJV-6/6kV-3×50\n3.材质：铜芯\n4.敷设方式、部位：桥架、穿管或电缆沟\n5.电压等级（kV）：6/6kV\n6.接地、固定及挂牌\n7.防火堵洞\n8.主材不进价\n9.其他：详见设计图纸及规范要求","m","155.00",{"v":6.28269,"d":"6.28"},{"v":973.8169499999999,"d":"973.82"}]
["48","030408001017","电力电缆","1.名称：电力电缆敷设\n2.型号规格：ZR-YJV-0.6/1kV-3×4\n3.材质：铜芯\n4.敷设方式、部位：桥架、穿管或电缆沟\n5.电压等级（kV）：0.6/1kV\n6.接地、固定及挂牌\n7.防火堵洞\n8.主材不进价\n9.其他：详见设计图纸及规范要求","m","30.00",{"v":3.6855149999999997,"d":"3.69"},{"v":110.56544999999998,"d":"110.57"}]
["49","030408001018","电力电缆","1.名称：电力电缆敷设\n2.型号规格：ZR-YJV-0.6/1kV-4×4\n3.材质：铜芯\n4.敷设方式、部位：桥架、穿管或电缆沟\n5.电压等级（kV）：0.6/1kV\n6.接地、固定及挂牌\n7.防火堵洞\n8.主材不进价\n9.其他：详见设计图纸及规范要求","m","935.00",{"v":3.6855149999999997,"d":"3.69"},{"v":3445.9565249999996,"d":"3445.96"}]
["50","030408001019","电力电缆","1.名称：电力电缆敷设\n2.型号规格：ZR-YJV-0.6/1kV-5×4\n3.材质：铜芯\n4.敷设方式、部位：桥架、穿管或电缆沟\n5.电压等级（kV）：0.6/1kV\n6.接地、固定及挂牌\n7.防火堵洞\n8.主材不进价\n9.其他：详见设计图纸及规范要求","m","1065.00",{"v":4.229685,"d":"4.23"},{"v":4504.614525,"d":"4504.61"}]
["51","030408001020","电力电缆","1.名称：电力电缆敷设\n2.型号规格：ZR-YJV-0.6/1kV-5×10\n3.材质：铜芯\n4.敷设方式、部位：桥架、穿管或电缆沟\n5.电压等级（kV）：0.6/1kV\n6.接地、固定及挂牌\n7.防火堵洞\n8.主材不进价\n9.其他：详见设计图纸及规范要求","m","1475.00",{"v":4.229685,"d":"4.23"},{"v":6238.7853749999995,"d":"6238.79"}]
["52","030408001021","电力电缆","1.名称：电力电缆敷设\n2.型号规格：ZR-YJV-0.6/1kV-4×16\n3.材质：铜芯\n4.敷设方式、部位：桥架、穿管或电缆沟\n5.电压等级（kV）：0.6/1kV\n6.接地、固定及挂牌\n7.防火堵洞\n8.主材不进价\n9.其他：详见设计图纸及规范要求","m","340.00",{"v":4.279155,"d":"4.28"},{"v":1454.9127,"d":"1454.91"}]
["53","030408001022","电力电缆","1.名称：电力电缆敷设\n2.型号规格：ZR-YJV-0.6/1kV-5×16\n3.材质：铜芯\n4.敷设方式、部位：桥架、穿管或电缆沟\n5.电压等级（kV）：0.6/1kV\n6.接地、固定及挂牌\n7.防火堵洞\n8.主材不进价\n9.其他：详见设计图纸及规范要求","m","80.00",{"v":4.9222649999999994,"d":"4.92"},{"v":393.78119999999996,"d":"393.78"}]
["54","030408001023","电力电缆","1.名称：电力电缆敷设\n2.型号规格：ZR-YJV-0.6/1kV-3×25+2×16\n3.材质：铜芯\n4.敷设方式、部位：桥架、穿管或电缆沟\n5.电压等级（kV）：0.6/1kV\n6.接地、固定及挂牌\n7.防火堵洞\n8.主材不进价\n9.其他：详见设计图纸及规范要求","m","670.00",{"v":6.1342799999999995,"d":"6.13"},{"v":4109.9676,"d":"4109.97"}]
["55","030408001024","电力电缆","1.名称：电力电缆敷设\n2.型号规格：ZR-YJV-0.6/1kV-3×50+1×25\n3.材质：铜芯\n4.敷设方式、部位：桥架、穿管或电缆沟\n5.电压等级（kV）：0.6/1kV\n6.接地、固定及挂牌\n7.防火堵洞\n8.主材不进价\n9.其他：详见设计图纸及规范要求","m","116.00",{"v":6.28269,"d":"6.28"},{"v":728.7920399999999,"d":"728.79"}]
["56","030408001025","电力电缆","1.名称：电力电缆敷设\n2.型号规格：ZR-YJV-0.6/1kV-3×120+1×70\n3.材质：铜芯\n4.敷设方式、部位：桥架、穿管或电缆沟\n5.电压等级（kV）：0.6/1kV\n6.接地、固定及挂牌\n7.防火堵洞\n8.主材不进价\n9.其他：详见设计图纸及规范要求","m","148.00",{"v":9.374564999999999,"d":"9.37"},{"v":1387.4356199999997,"d":"1387.44"}]
["57","030408001026","电力电缆","1.名称：电力电缆敷设\n2.型号规格：ZR-YJV-0.6/1kV-3×120+2×70\n3.材质：铜芯\n4.敷设方式、部位：桥架、穿管或电缆沟\n5.电压等级（kV）：0.6/1kV\n6.接地、固定及挂牌\n7.防火堵洞\n8.主材不进价\n9.其他：详见设计图纸及规范要求","m","205.00",{"v":10.78446,"d":"10.78"},{"v":2210.8143,"d":"2210.81"}]
["58","030408001027","电力电缆","1.名称：电力电缆敷设\n2.型号规格：ZR-YJV-0.6/1kV-3×150+1×70\n3.材质：铜芯\n4.敷设方式、部位：桥架、穿管或电缆沟\n5.电压等级（kV）：0.6/1kV\n6.接地、固定及挂牌\n7.防火堵洞\n8.主材不进价\n9.其他：详见设计图纸及规范要求","m","190.00",{"v":13.98352,"d":"13.98"},{"v":2656.8688,"d":"2656.87"}]
["59","030408006011","电力电缆头","1.名称：电力电缆终端头制安\n2.型号规格：50mm2及以下\n3.材质、类型：铜芯 热(冷)缩式\n4.安装部位：室内\n5.电压等级(kV)：10kV以下\n6.接线、固定\n7.其他：详见设计图纸及规范要求","个","4",{"v":115.108445,"d":"115.11"},{"v":460.43378,"d":"460.43"}]
["60","030408006012","电力电缆头","1.名称：电力电缆终端头制安\n2.型号规格：10mm2及以下\n3.材质、类型：铜芯 干包式\n4.安装部位：室内\n5.电压等级(kV)：1kV以下\n6.接线、固定\n7.其他：详见设计图纸及规范要求","个","94",{"v":47.95292,"d":"47.95"},{"v":4507.57448,"d":"4507.57"}]
["61","030408006013","电力电缆头","1.名称：电力电缆终端头制安\n2.型号规格：16mm2及以下\n3.材质、类型：铜芯 干包式\n4.安装部位：室内\n5.电压等级(kV)：1kV以下\n6.接线、固定\n7.其他：详见设计图纸及规范要求","个","10",{"v":59.364000000000004,"d":"59.36"},{"v":593.6400000000001,"d":"593.64"}]
["62","030408006014","电力电缆头","1.名称：电力电缆终端头制安\n2.型号规格：35mm2及以下\n3.材质、类型：铜芯 干包式\n4.安装部位：室内\n5.电压等级(kV)：1kV以下\n6.接线、固定\n7.其他：详见设计图纸及规范要求","个","14",{"v":82.50771499999999,"d":"82.51"},{"v":1155.10801,"d":"1155.11"}]
["63","030408006015","电力电缆头","1.名称：电力电缆终端头制安\n2.型号规格：50mm2及以下\n3.材质、类型：铜芯 干包式\n4.安装部位：室内\n5.电压等级(kV)：1kV以下\n6.接线、固定\n7.其他：详见设计图纸及规范要求","个","2",{"v":99.508905,"d":"99.51"},{"v":199.01781,"d":"199.02"}]
["64","030408006016","电力电缆头","1.名称：电力电缆终端头制安\n2.型号规格：120mm2及以下\n3.材质、类型：铜芯 干包式\n4.安装部位：室内\n5.电压等级(kV)：1kV以下\n6.接线、固定\n7.其他：详见设计图纸及规范要求","个","8",{"v":132.91764500000002,"d":"132.92"},{"v":1063.3411600000002,"d":"1063.34"}]
["65","030408006017","电力电缆头","1.名称：电力电缆终端头制安\n2.型号规格：240mm2及以下\n3.材质、类型：铜芯 干包式\n4.安装部位：室内\n5.电压等级(kV)：1kV以下\n6.接线、固定\n7.其他：详见设计图纸及规范要求","个","4",{"v":201.8376,"d":"201.84"},{"$f":"G276*F276","v":{"v":807.3504,"d":"807.35"}}]
["66","030408002009","控制电缆","1.名称：控制电缆敷设\n2.型号规格：ZR-KVV-0.45/0.75kV-2×1.5\n3.材质：铜芯\n4.敷设方式、部位：桥架、穿管或电缆沟\n5.电压等级（kV）：0.45/0.75kV\n6.接地、固定及挂牌\n7.防火堵洞\n8.主材不进价\n9.其他：详见设计图纸及规范要求","m","450.00",{"v":2.58893,"d":"2.59"},{"v":1165.0185,"d":"1165.02"}]
["67","030408002010","控制电缆","1.名称：控制电缆敷设\n2.型号规格：ZR-KVV-0.45/0.75kV-3×1.5\n3.材质：铜芯\n4.敷设方式、部位：桥架、穿管或电缆沟\n5.电压等级（kV）：0.45/0.75kV\n6.接地、固定及挂牌\n7.防火堵洞\n8.主材不进价\n9.其他：详见设计图纸及规范要求","m","750.00",{"v":2.58893,"d":"2.59"},{"v":1941.6975,"d":"1941.70"}]
["68","030408002011","控制电缆","1.名称：控制电缆敷设\n2.型号规格：ZR-KVV-0.45/0.75kV-16×1.5\n3.材质：铜芯\n4.敷设方式、部位：桥架、穿管或电缆沟\n5.电压等级（kV）：0.45/0.75kV\n6.接地、固定及挂牌\n7.防火堵洞\n8.主材不进价\n9.其他：详见设计图纸及规范要求","m","600.00",{"v":4.22144,"d":"4.22"},{"v":2532.864,"d":"2532.86"}]
["69","030408002012","控制电缆","1.名称：控制电缆敷设\n2.型号规格：RVVP-0.45/0.75kV-4×1.5\n3.材质：铜芯\n4.敷设方式、部位：桥架、穿管或电缆沟\n5.电压等级（kV）：0.45/0.75kV\n6.接地、固定及挂牌\n7.防火堵洞\n8.主材不进价\n9.其他：详见设计图纸及规范要求","m","530.00",{"v":2.58893,"d":"2.59"},{"v":1372.1329,"d":"1372.13"}]
["70","030408002013","控制电缆","1.名称：控制电缆敷设\n2.型号规格：KVVP-0.45/0.75kV-7×1.5\n3.材质：铜芯\n4.敷设方式、部位：桥架、穿管或电缆沟\n5.电压等级（kV）：0.45/0.75kV\n6.接地、固定及挂牌\n7.防火堵洞\n8.主材不进价\n9.其他：详见设计图纸及规范要求","m","810.00",{"v":4.147235,"d":"4.15"},{"v":3359.26035,"d":"3359.26"}]
["71","030408007005","控制电缆头","1.名称：控制电缆终端头制安\n2.型号规格：6芯及以下\n3.材质、类型：详见设计图纸及规范要求\n4.安装方式：详见设计图纸\n5.接线、固定\n6.其他：详见设计图纸及规范要求","个","56",{"v":48.571295,"d":"48.57"},{"v":2719.99252,"d":"2719.99"}]
["72","030408007006","控制电缆头","1.名称：控制电缆终端头制安\n2.型号规格：14芯及以下\n3.材质、类型：详见设计图纸及规范要求\n4.安装方式：详见设计图纸\n5.接线、固定\n6.其他：详见设计图纸及规范要求","个","12",{"v":77.43704,"d":"77.44"},{"v":929.24448,"d":"929.24"}]
["73","030408007007","控制电缆头","1.名称：控制电缆终端头制安\n2.型号规格：24芯及以下\n3.材质、类型：详见设计图纸及规范要求\n4.安装方式：详见设计图纸\n5.接线、固定\n6.其他：详见设计图纸及规范要求","个","12",{"v":106.88817999999998,"d":"106.89"},{"v":1282.6581599999997,"d":"1282.66"}]
["74","030411004005","配线","1.名称：导线敷设\n2.型号规格：ZR-BV-0.45/0.75kV-2.5mm2\n3.敷设方式：穿管\n4.接线\n5.其他：详见设计图纸及规范要求","m","2800.00",{"v":0.80801,"d":"0.81"},{"v":2262.428,"d":"2262.43"}]
["75","030411004006","配线","1.名称：导线敷设\n2.型号规格：NH-RVS-0.45/0.75kV-2*2.5mm2\n3.敷设方式：穿管\n4.接线\n5.其他：详见设计图纸及规范要求","m","230.00",{"v":0.8245,"d":"0.82"},{"v":189.635,"d":"189.64"}]
["76","030404017008","配电箱","1.名称：照明配电箱+AL1\n2.型号规格：详见设计图纸\n3.安装方式：底边距地1.5米\n4.接地\n5.设备不进价\n6.其他：详见设计图纸及规范要求","台","1",{"v":137.27925,"d":"137.28"},{"v":137.27925,"d":"137.28"}]
["77","030404017009","配电箱","1.名称：照明配电箱+AL2\n2.型号规格：详见设计图纸\n3.安装方式：底边距地1.5米\n4.接地\n5.设备不进价\n6.其他：详见设计图纸及规范要求","台","1",{"v":137.27925,"d":"137.28"},{"v":137.27925,"d":"137.28"}]
["78","030404017010","配电箱","1.名称：照明配电箱+AL6\n2.型号规格：详见设计图纸\n3.安装方式：底边距地1.5米\n4.接地\n5.设备不进价\n6.其他：详见设计图纸及规范要求","台","1",{"v":137.27925,"d":"137.28"},{"v":137.27925,"d":"137.28"}]
["79","030404017011","配电箱","1.名称：照明配电箱+AL7\n2.型号规格：详见设计图纸\n3.安装方式：底边距地1.5米\n4.接地\n5.设备不进价\n6.其他：详见设计图纸及规范要求","台","1",{"v":110.27687499999998,"d":"110.28"},{"v":110.27687499999998,"d":"110.28"}]
["80","030404017012","配电箱","1.名称：照明配电箱+AL11\n2.型号规格：详见设计图纸\n3.安装方式：底边距地1.5米\n4.接地\n5.设备不进价\n6.其他：详见设计图纸及规范要求","台","1",{"v":110.27687499999998,"d":"110.28"},{"v":110.27687499999998,"d":"110.28"}]
["81","WB030904012002","A型应急照明集中电源","1.名称：消防应急照明配电箱+ALE\n2.型号规格：详见设计图纸\n3.安装方式：底边距地1.4米\n4.接地\n5.其他：详见设计图纸及规范要求","台","1",{"v":137.27925,"d":"137.28"},{"v":137.27925,"d":"137.28"}]
["82","030412002004","工厂灯","1.名称：节能投光灯安装\n2.型号规格：GT311-XL30Ⅱ，1×30LED\n3.安装形式：壁装式\n4.主材不进价\n5.其他：详见设计图纸及规范要求","套","79",{"v":25.031819999999996,"d":"25.03"},{"v":1977.5137799999998,"d":"1977.51"}]
["83","030412002005","工厂灯","1.名称：节能投光灯安装\n2.型号规格：GT311-XL60Ⅱ，1×60LED\n3.安装形式：壁装式\n4.主材不进价\n5.其他：详见设计图纸及规范要求","套","16",{"v":25.031819999999996,"d":"25.03"},{"v":400.50911999999994,"d":"400.51"}]
["84","030412002006","工厂灯","1.名称：节能悬挂灯安装\n2.型号规格：GC203-XL80A，1×80LED\n3.安装形式：管吊式\n4.主材不进价\n5.其他：详见设计图纸及规范要求","套","8",{"v":25.031819999999996,"d":"25.03"},{"v":200.25455999999997,"d":"200.25"}]
["85","030412001001","普通灯具","1.名称：节能吸顶灯安装\n2.型号规格：GFD101-XL24ⅡZ，1×24LED，配声控装置\n3.安装形式：吸顶式\n4.主材不进价\n5.其他：详见设计图纸及规范要求","套","8",{"v":13.299184999999998,"d":"13.30"},{"v":106.39347999999998,"d":"106.39"}]
["86","WB030904013004","智能照明灯/指示灯","1.名称：A型消防应急照明灯安装\n2.型号规格：TY-ZFJC系列 12W，1×12LED\n3.安装形式：壁装式\n4.主材不进价\n5.其他：详见设计图纸及规范要求","套","16",{"v":28.305085,"d":"28.31"},{"v":452.88136,"d":"452.88"}]
["87","WB030904013005","智能照明灯/指示灯","1.名称：A型消防安全出口标志安装\n2.型号规格：TY-BLJC系列 1W，1×1LED\n3.安装形式：壁装式\n4.主材不进价\n5.其他：详见设计图纸及规范要求","套","4",{"v":28.305085,"d":"28.31"},{"v":113.22034,"d":"113.22"}]
["88","WB030904013006","智能照明灯/指示灯","1.名称：A型疏散方向指示灯安装\n2.型号规格：TY-BLJC系列 1W，1×1LED\n3.安装形式：壁装式\n4.主材不进价\n5.其他：详见设计图纸及规范要求","套","4",{"v":28.305085,"d":"28.31"},{"v":113.22034,"d":"113.22"}]
["89","WB030904013007","智能照明灯/指示灯","1.名称：A型消防楼层指示标志安装\n2.型号规格：CB-BLZD-1LROEI3W-16B 3W，1×3LED\n3.安装形式：壁装式\n4.主材不进价\n5.其他：详见设计图纸及规范要求","套","3",{"v":28.305085,"d":"28.31"},{"v":84.915255,"d":"84.92"}]
["90","030411006003","接线盒","1.名称：接线盒安装\n2.材质：钢制\n3.规格：86型\n4.安装形式：明装","个","128",{"v":4.79859,"d":"4.80"},{"v":614.21952,"d":"614.22"}]
["91","030411006004","接线盒","1.名称：接线盒安装\n2.材质：塑料\n3.规格：86型\n4.安装形式：暗装","个","27",{"v":3.6277999999999997,"d":"3.63"},{"v":97.9506,"d":"97.95"}]
["92","030404021002","限位开关","1.名称：跑偏开关安装\n2.型号规格：详见设计图纸\n3.主材不进价\n4.其他：详见设计图纸及规范要求","个","32",{"v":39.62547,"d":"39.63"},{"v":1268.01504,"d":"1268.02"}]
["93","030604003003","称重装置、皮带跑偏监测装置、电子秤标定","1.名称：拉绳开关安装\n2.型号规格：详见设计图纸\n3.主材不进价\n4.其他：详见设计图纸及规范要求","台","20",{"v":873.42583,"d":"873.43"},{"v":17468.5166,"d":"17468.52"}]
["94","030404016004","控制箱","1.名称：限位开关箱安装\n2.型号规格：详见设计图纸\n3.主材不进价\n4.其他：详见设计图纸及规范要求","台","4",{"v":160.126145,"d":"160.13"},{"v":640.50458,"d":"640.50"}]
["95","030404021003","限位开关","1.名称：打滑检测器安装\n2.型号规格：详见设计图纸\n3.主材不进价\n4.其他：详见设计图纸及规范要求","个","6",{"v":39.62547,"d":"39.63"},{"v":237.75281999999999,"d":"237.75"}]
["96","030604003004","称重装置、皮带跑偏监测装置、电子秤标定","1.名称：皮带跑偏检测","台","6",{"v":788.3291849999999,"d":"788.33"},{"v":4729.975109999999,"d":"4729.98"}]
["97","030604003005","称重装置、皮带跑偏监测装置、电子秤标定","1.名称：皮带打滑检测","台","6",{"v":644.9651250000001,"d":"644.97"},{"v":3869.79075,"d":"3869.79"}]
["98","030413001008","铁构件","1.名称：电缆桥架支架制作及安装\n2.材质：热镀锌\n3.规格：角钢或槽钢\n4.如固定采用螺栓应为热镀锌螺栓\n5.其他：详见设计图纸及规范要求","t","2.920",{"v":6632.071875,"d":"6632.07"},{"v":19365.649875,"d":"19365.65"}]
["99","030413001009","铁构件","1.名称：一般铁构件制作及安装\n2.材质：热镀锌\n3.规格：角钢或槽钢\n4.如固定采用螺栓应为热镀锌螺栓\n5.含灯具、配管支架等\n6.其他：详见设计图纸及规范要求","t","1.530",{"v":8002.432099999998,"d":"8002.43"},{"v":12243.721112999998,"d":"12243.72"}]
["100","030406006003","低压交流异步电动机","1.名称：低压交流异步电动机检查接线\n2.型号：详见图纸\n3.容量(kW)：15kW及以下\n4.启动方式：详见设计图纸\n5.电压等级(kV)：1kV及以下\n6.金属软管安装（配套塑料接头）","台","6",{"v":172.46066499999998,"d":"172.46"},{"v":1034.76399,"d":"1034.76"}]
["101","030406006004","低压交流异步电动机","1.名称：低压交流异步电动机检查接线\n2.型号：详见图纸\n3.容量(kW)：30kW及以下\n4.启动方式：详见设计图纸\n5.电压等级(kV)：1kV及以下\n6.金属软管安装（配套塑料接头）","台","2",{"v":383.02972,"d":"383.03"},{"v":766.05944,"d":"766.06"}]
["102","030406006005","低压交流异步电动机","1.名称：低压交流异步电动机检查接线\n2.型号：详见图纸\n3.容量(kW)：55kW及以下\n4.启动方式：详见设计图纸\n5.电压等级(kV)：1kV及以下\n6.金属软管安装（配套塑料接头）","台","1",{"v":444.06745500000005,"d":"444.07"},{"v":444.06745500000005,"d":"444.07"}]
["103","030406006006","低压交流异步电动机","1.名称：低压交流异步电动机检查接线\n2.型号：详见图纸\n3.容量(kW)：220kW以下\n4.启动方式：详见设计图纸\n5.电压等级(kV)：1kV及以下\n6.金属软管安装（配套塑料接头）","台","3",{"v":646.19363,"d":"646.19"},{"v":1938.58089,"d":"1938.58"}]
["104","WB030414009002","低压交流异步电动机","1.名称：低压交流异步电动机调试\n2.型号：详见设计图纸\n3.控制保护方式：带过流保护","台","12",{"v":1024.202145,"d":"1024.20"},{"v":12290.425739999999,"d":"12290.43"}]
["105","WB030406002002","中型、大型电动机","1.名称：高压交流异步电动机检查接线\n2.型号：详见图纸\n3.容量(kW)：400kW及以下\n4.启动方式：详见设计图纸\n5.电压等级(kV)：10kV及以下\n6.金属软管安装（配套塑料接头）","台","2",{"v":1260.69348,"d":"1260.69"},{"v":2521.38696,"d":"2521.39"}]
["106","WB030414010002","高压交流异步电动机（一次设备）","1.名称：高压交流异步电动机调试\n2.型号：详见图纸\n3.功率(kW)：400kW\n4.电压等级(kV)：10kV及以下","台","2",{"v":755.9098449999999,"d":"755.91"},{"v":1511.8196899999998,"d":"1511.82"}]
["107","WB030414011002","高压交流异步电动机（二次设备）","1.名称：高压交流异步电动机调试\n2.型号：详见图纸\n3.功率(kW)：400kW\n4.控制保护方式：速断过流保护","台","2",{"v":3132.52285,"d":"3132.52"},{"v":6265.0457,"d":"6265.05"}]
[null,null,"203（8）细碎变电所电气安装工程"]
["1","030409003006","避雷引下线","1.名称：避雷引下线敷设\n2.材质：利用柱中两根主筋做防雷引下线\n3.规格：详见设计图纸\n4.安装部位：详见设计图纸\n5.安装形式：详见设计图纸\n6.其他：详见设计图纸及规范要求","m",{"v":55,"d":"55.00"},{"v":4.147235,"d":"4.15"},{"v":228.097925,"d":"228.10"}]
["2","WB030409003003","接地跨接线","1.名称：接地跨接线安装 \n2.跨接方式：接地网","10处",{"v":0.6,"d":"0.60"},{"v":42.131949999999996,"d":"42.13"},{"v":25.279169999999997,"d":"25.28"}]
["3","030409002005","接地母线","1.名称：接地母线敷设\n2.材质：热镀锌\n3.规格：扁钢-40×4\n4.安装部位：户外\n5.安装形式：详见设计图纸\n6.其他：详见设计图纸及规范要求","m","115.00",{"v":10.248535,"d":"10.25"},{"v":1178.581525,"d":"1178.58"}]
["4","WB030409002003","柱主筋与圈梁钢筋焊接","1.名称：柱主筋与圈梁钢筋焊接","处","14",{"v":13.07657,"d":"13.08"},{"v":183.07198,"d":"183.07"}]
["5","030409008003","等电位端子箱、测试板","1.名称：接地连接片预埋\n2.材质：详见设计图纸\n3.规格：角钢63×63×5，L=100mm\n4.其他：详见设计图纸及规范要求","个","20",{"v":3.6855149999999997,"d":"3.69"},{"v":73.71029999999999,"d":"73.71"}]
["6","030414011003","接地装置","1.名称：接地系统调试\n2.类别：接地网","系统","1",{"v":277.78229500000003,"d":"277.78"},{"v":277.78229500000003,"d":"277.78"}]
["7","030402017002","高压成套配电柜","1.名称：高压开关柜安装\n2.型号：详见设计图纸\n3.规格：断路器柜\n4.接地\n5.设备不进价\n6.其他：详见设计图纸及规范要求","台","2",{"v":1131.7087,"d":"1131.71"},{"v":2263.4174,"d":"2263.42"}]
["8","030402017003","高压成套配电柜","1.名称：圆锥破碎机高压启动柜安装\n2.型号规格：详见设计图纸\n3.接地\n4.设备不进价\n5.其他：详见设计图纸及规范要求","台","2",{"v":449.443195,"d":"449.44"},{"v":898.88639,"d":"898.89"}]
["9","030401002001","干式变压器","1.名称：电力变压器安装\n2.型号：SCB13-1000/6，D/yn111，6/0.4kV\n3.容量（kVA）：1000\n4.电压（kV）：6/0.4\n5.带保护罩\n6.接地\n7.设备不进价\n8.其他：详见设计图纸及规范要求","台","2",{"v":2287.6906799999997,"d":"2287.69"},{"v":4575.381359999999,"d":"4575.38"}]
["10","WB030402004002","低压成套配电柜","1.名称：低压开关柜安装\n2.型号规格：详见设计图纸\n3.接地\n4.设备不进价\n5.其他：详见设计图纸及规范要求","台","16",{"v":607.45862,"d":"607.46"},{"v":9719.33792,"d":"9719.34"}]
["11","030404009001","低压电容器柜","1.名称：动态电容滤波补偿柜安装\n2.型号规格：300kVar/台，详见设计图纸\n3.接地\n4.设备不进价\n5.其他：详见设计图纸及规范要求","台","2",{"v":297.009635,"d":"297.01"},{"v":594.01927,"d":"594.02"}]
["12","030403006001","低压封闭式插接母线槽","1.名称：低压母线桥安装\n2.母线规格：TMY-4(100×8)\n3.容量(A)：详见设计图纸\n4.主材不进价","m","13.20",{"v":69.167305,"d":"69.17"},{"v":913.008426,"d":"913.01"}]
["13","030403003003","带形母线","1.名称：低压开关柜母线安装\n2.型号规格：TMY-100×8\n3.主材不进价\n4.其他：详见设计图纸及规范要求","m","80.00",{"v":17.24854,"d":"17.25"},{"v":1379.8831999999998,"d":"1379.88"}]
["14","030403003004","带形母线","1.名称：低压开关柜母线安装\n2.型号规格：TMY-50×5\n3.主材不进价\n4.其他：详见设计图纸及规范要求","m","20.00",{"v":17.24854,"d":"17.25"},{"v":344.97079999999994,"d":"344.97"}]
["15","WB030413004002","基础槽钢","1.名称：基础槽钢制作及安装\n2.材质：热镀锌\n3.规格：10#槽钢\n4.接地","m","56.00",{"v":13.75266,"d":"13.75"},{"v":770.14896,"d":"770.15"}]
["16","030408003002","电缆保护管","1.名称：保护管敷设\n2.材质：镀锌钢管\n3.规格：SC50\n4.配置形式：埋地\n5.接地\n6.其他：详见设计图纸及规范要求","m","320.00",{"v":7.544175,"d":"7.54"},{"v":2414.136,"d":"2414.14"}]
["17","030408003003","电缆保护管","1.名称：保护管敷设\n2.材质：镀锌钢管\n3.规格：SC100\n4.配置形式：埋地\n5.接地\n6.其他：详见设计图纸及规范要求","m","630.00",{"v":8.434635,"d":"8.43"},{"v":5313.82005,"d":"5313.82"}]
["18","030411001051","配管","1.名称：保护管敷设\n2.材质：镀锌钢管\n3.规格：SC15\n4.配置形式：暗配\n5.接地\n6.其他：详见设计图纸及规范要求","m","25.00",{"v":5.3757399999999995,"d":"5.38"},{"v":134.3935,"d":"134.39"}]
["19","030411001052","配管","1.名称：保护管敷设\n2.材质：镀锌钢管\n3.规格：SC20\n4.配置形式：暗配\n5.接地\n6.其他：详见设计图纸及规范要求","m","6.00",{"v":5.474679999999999,"d":"5.47"},{"v":32.848079999999996,"d":"32.85"}]
["20","030411001053","配管","1.名称：保护管敷设\n2.材质：镀锌钢管\n3.规格：SC100\n4.配置形式：暗配\n5.接地\n6.其他：详见设计图纸及规范要求","m","16.00",{"v":24.957614999999997,"d":"24.96"},{"v":399.32183999999995,"d":"399.32"}]
["21","030411001054","配管","1.名称：保护管敷设\n2.材质：镀锌钢管\n3.规格：SC100\n4.配置形式：明配\n5.接地\n6.其他：详见设计图纸及规范要求","m","2.00",{"v":32.823345,"d":"32.82"},{"$f":"G340*F340","v":{"v":65.64669,"d":"65.65"}}]
["22","030411001055","配管","1.名称：保护管敷设\n2.材质：包塑金属软管\n3.规格：DN100\n4.配专用接头\n5.其他：详见设计图纸及规范要求","m","2.00",{"v":27.727935,"d":"27.73"},{"v":55.45587,"d":"55.46"}]
["23","030411001056","配管","1.名称：保护管敷设\n2.材质：硬塑料管\n3.规格：PC20\n4.配置形式：暗配\n5.其他：详见设计图纸及规范要求","m","520.00",{"v":4.27091,"d":"4.27"},{"v":2220.8732,"d":"2220.87"}]
["24","030411001057","配管","1.名称：保护管敷设\n2.材质：硬塑料管\n3.规格：PC25\n4.配置形式：暗配\n5.其他：详见设计图纸及规范要求","m","80.00",{"v":4.48528,"d":"4.49"},{"v":358.8224,"d":"358.82"}]
["25","010101003002","挖沟槽土方","1.名称：电缆沟开挖\n2.深度：详见设计图纸\n3.机械挖土\n4.其他：详见设计图纸和规范要求","m3","153.90",{"v":3.03416,"d":"3.03"},{"v":466.957224,"d":"466.96"}]
["26","010404001002","基础垫层","1.混凝土种类：现浇混凝土\n2.混凝土强度等级：C15\n3.室外电缆穿线管底部垫层","m3","12.83",{"v":457.09455499999996,"d":"457.09"},{"v":5864.52314065,"d":"5864.52"}]
["27","WB010101009002","填土碾压","1.名称：电缆沟回填、夯实\n2.其他：详见设计图纸和规范要求","m3","153.90",1.32,{"v":203.14800000000002,"d":"203.15"}]
["28","030408001028","电力电缆","1.名称：电力电缆敷设\n2.型号规格：ZR-YJV-6/6kV-3×70\n3.材质：铜芯\n4.敷设方式、部位：桥架、穿管或电缆沟\n5.电压等级（kV）：6/6kV\n6.接地、固定及挂牌\n7.防火堵洞\n8.主材不进价\n9.其他：详见设计图纸及规范要求","m","30.00",{"v":7.296825,"d":"7.30"},{"v":218.90475,"d":"218.90"}]
["29","030408001029","电力电缆","1.名称：电力电缆敷设\n2.型号规格：ZR-YJV-0.6/1kV-2×4\n3.材质：铜芯\n4.敷设方式、部位：桥架、穿管或电缆沟\n5.电压等级（kV）：0.6/1kV\n6.接地、固定及挂牌\n7.防火堵洞\n8.主材不进价\n9.其他：详见设计图纸及规范要求","m","50.00",{"v":3.67727,"d":"3.68"},{"v":183.8635,"d":"183.86"}]
["30","030408001030","电力电缆","1.名称：电力电缆敷设\n2.型号规格：ZR-YJV-0.6/1kV-3×4\n3.材质：铜芯\n4.敷设方式、部位：桥架、穿管或电缆沟\n5.电压等级（kV）：0.6/1kV\n6.接地、固定及挂牌\n7.防火堵洞\n8.主材不进价\n9.其他：详见设计图纸及规范要求","m","25.00",{"v":3.67727,"d":"3.68"},{"v":91.93175,"d":"91.93"}]
["31","030408001031","电力电缆","1.名称：电力电缆敷设\n2.型号规格：ZR-YJV-0.6/1kV-5×6\n3.材质：铜芯\n4.敷设方式、部位：桥架、穿管或电缆沟\n5.电压等级（kV）：0.6/1kV\n6.接地、固定及挂牌\n7.防火堵洞\n8.主材不进价\n9.其他：详见设计图纸及规范要求","m","30.00",{"v":4.213195000000001,"d":"4.21"},{"v":126.39585000000002,"d":"126.40"}]
["32","030408001032","电力电缆","1.名称：电力电缆敷设\n2.型号规格：ZR-YJV-0.6/1kV-5×10\n3.材质：铜芯\n4.敷设方式、部位：桥架、穿管或电缆沟\n5.电压等级（kV）：0.6/1kV\n6.接地、固定及挂牌\n7.防火堵洞\n8.主材不进价\n9.其他：详见设计图纸及规范要求","m","30.00",{"v":4.213195000000001,"d":"4.21"},{"v":126.39585000000002,"d":"126.40"}]
["33","030408001033","电力电缆","1.名称：电力电缆敷设\n2.型号规格：ZR-YJV-0.6/1kV-3×90+2×50\n3.材质：铜芯\n4.敷设方式、部位：桥架、穿管或电缆沟\n5.电压等级（kV）：0.6/1kV\n6.接地、固定及挂牌\n7.防火堵洞\n8.主材不进价\n9.其他：详见设计图纸及规范要求","m","180.00",{"v":10.76797,"d":"10.77"},{"v":1938.2346,"d":"1938.23"}]
["34","030408001034","电力电缆","1.名称：电力电缆敷设\n2.型号规格：ZR-YJV22-0.6/1kV-3×185+2×95\n3.材质：铜芯\n4.敷设方式、部位：桥架、穿管或电缆沟\n5.电压等级（kV）：0.6/1kV\n6.接地、固定及挂牌\n7.防火堵洞\n8.主材不进价\n9.其他：详见设计图纸及规范要求","m","930.00",{"v":7.296825,"d":"7.30"},{"v":6786.0472500000005,"d":"6786.05"}]
["35","030408006018","电力电缆头","1.名称：电力电缆终端头制安\n2.型号规格：70mm2及以下\n3.材质、类型：铜芯 热(冷)缩式\n4.安装部位：室内\n5.电压等级(kV)：10kV以下\n6.接线、固定\n7.其他：详见设计图纸及规范要求","个","4",{"v":139.282785,"d":"139.28"},{"v":557.13114,"d":"557.13"}]
["36","030408006019","电力电缆头","1.名称：电力电缆终端头制安\n2.型号规格：10mm2及以下\n3.材质、类型：铜芯 干包式\n4.安装部位：室内\n5.电压等级(kV)：1kV以下\n6.接线、固定\n7.其他：详见设计图纸及规范要求","个","10",{"v":47.95292,"d":"47.95"},{"v":479.5292,"d":"479.53"}]
["37","030408006020","电力电缆头","1.名称：电力电缆终端头制安\n2.型号规格：120mm2及以下\n3.材质、类型：铜芯 干包式\n4.安装部位：室内\n5.电压等级(kV)：1kV以下\n6.接线、固定\n7.其他：详见设计图纸及规范要求","个","4",{"v":132.91764500000002,"d":"132.92"},{"v":531.6705800000001,"d":"531.67"}]
["38","030408006021","电力电缆头","1.名称：电力电缆终端头制安\n2.型号规格：240mm2及以下\n3.材质、类型：铜芯 干包式\n4.安装部位：室内\n5.电压等级(kV)：1kV以下\n6.接线、固定\n7.其他：详见设计图纸及规范要求","个","16",{"v":201.8376,"d":"201.84"},{"v":3229.4016,"d":"3229.40"}]
["39","030408002014","控制电缆","1.名称：控制电缆敷设\n2.型号规格：ZR-KVV-0.45/0.75kV-14×1.5\n3.材质：铜芯\n4.敷设方式、部位：桥架、穿管或电缆沟\n5.电压等级（kV）：0.45/0.75kV\n6.接地、固定及挂牌\n7.防火堵洞\n8.主材不进价\n9.其他：详见设计图纸及规范要求","m","375.00",{"v":4.130744999999999,"d":"4.13"},{"v":1549.0293749999996,"d":"1549.03"}]
["40","030408007008","控制电缆头","1.名称：控制电缆终端头制安\n2.型号规格：14芯及以下\n3.材质、类型：详见设计图纸及规范要求\n4.安装方式：详见设计图纸\n5.接线、固定\n6.其他：详见设计图纸及规范要求","个","4",{"v":77.43704,"d":"77.44"},{"v":309.74816,"d":"309.75"}]
["41","030411004007","配线","1.名称：导线敷设\n2.型号规格：ZR-BV-0.45/0.75kV-2.5mm2\n3.敷设方式：穿管\n4.接线\n5.其他：详见设计图纸及规范要求","m","920.00",{"v":0.80801,"d":"0.81"},{"v":743.3692,"d":"743.37"}]
["42","030411004008","配线","1.名称：导线敷设\n2.型号规格：ZR-BV-0.45/0.75kV-4mm2\n3.敷设方式：穿管\n4.接线\n5.其他：详见设计图纸及规范要求","m","320.00",{"v":0.585395,"d":"0.59"},{"v":187.3264,"d":"187.33"}]
["43","030411004009","配线","1.名称：导线敷设\n2.型号规格：NH-RVS-0.45/0.75kV-2*2.5mm2\n3.敷设方式：穿管\n4.接线\n5.其他：详见设计图纸及规范要求","m","280.00",{"v":0.8245,"d":"0.82"},230.86]
["44","030404017013","配电箱","1.名称：照明配电箱+AL5\n2.型号规格：详见设计图纸\n3.安装方式：底边距地1.5米\n4.接地\n5.设备不进价\n6.其他：详见设计图纸及规范要求","台","1",{"v":137.27925,"d":"137.28"},{"v":137.27925,"d":"137.28"}]
["45","WB030904012003","A型应急照明集中电源","1.名称：消防应急照明配电箱+ALE\n2.型号规格：详见设计图纸\n3.安装方式：底边距地1.4米\n4.接地\n5.设备不进价\n6.其他：详见设计图纸及规范要求","台","1",{"v":161.461835,"d":"161.46"},{"v":161.461835,"d":"161.46"}]
["46","030412005003","荧光灯","1.名称：固定式悬挂灯安装\n2.型号规格：GFD6110-XL36，1×36LED，配套蓄电池，放电时间≥30min\n3.安装形式：链吊式\n4.主材不进价\n5.其他：详见设计图纸及规范要求","套","9",{"v":11.765614999999999,"d":"11.77"},{"v":105.89053499999999,"d":"105.89"}]
["47","030412005004","荧光灯","1.名称：固定式悬挂灯安装\n2.型号规格：GFD6110-XL36，1×36LED\n3.安装形式：链吊式\n4.主材不进价\n5.其他：详见设计图纸及规范要求","套","18",{"v":11.765614999999999,"d":"11.77"},{"v":211.78106999999997,"d":"211.78"}]
["48","WB030904013008","智能照明灯/指示灯","1.名称：A型消防应急照明灯安装\n2.型号规格：TY-ZFJC系列 12W，1×12LED\n3.安装形式：壁装式\n4.主材不进价\n5.其他：详见设计图纸及规范要求","套","16",{"v":14.156665,"d":"14.16"},{"v":226.50664,"d":"226.51"}]
["49","WB030904013009","智能照明灯/指示灯","1.名称：A型消防安全出口标志安装\n2.型号规格：TY-BLJC系列 1W，1×1LED\n3.安装形式：壁装式\n4.主材不进价\n5.其他：详见设计图纸及规范要求","套","4",{"v":14.156665,"d":"14.16"},{"v":56.62666,"d":"56.63"}]
["50","WB030904013010","智能照明灯/指示灯","1.名称：A型疏散方向指示灯安装\n2.型号规格：TY-BLJC系列 1W，1×1LED\n3.安装形式：壁装式\n4.主材不进价\n5.其他：详见设计图纸及规范要求","套","6",{"v":14.156665,"d":"14.16"},{"v":84.93999,"d":"84.94"}]
["51","030404034004","照明开关","1.名称：单联单控暗开关安装\n2.材质：详见设计图纸\n3.规格：250V，10A\n4.安装方式：距地1.4米，暗装","个","8",{"v":4.147235,"d":"4.15"},{"v":33.17788,"d":"33.18"}]
["52","030404034005","照明开关","1.名称：三联单控暗开关安装\n2.材质：详见设计图纸\n3.规格：250V，10A\n4.安装方式：距地1.4米，暗装","个","3",{"v":4.147235,"d":"4.15"},{"v":12.441705,"d":"12.44"}]
["53","030404035003","插座","1.名称：单相接地暗插座安装\n2.材质：详见设计图纸\n3.规格：250V，10A\n4.安装方式：距地0.4米，暗装","个","12",{"v":4.9222649999999994,"d":"4.92"},{"v":59.06717999999999,"d":"59.07"}]
["54","030404035004","插座","1.名称：柜式空调插座安装\n2.材质：详见设计图纸\n3.规格：250V，20A，三相带接地插孔\n4.安装方式：距地0.4米，暗装","个","4",{"v":6.093055,"d":"6.09"},{"v":24.37222,"d":"24.37"}]
["55","030411006005","接线盒","1.名称：接线盒安装\n2.材质：塑料\n3.规格：86型\n4.安装形式：暗装","个","80",{"v":2.90224,"d":"2.90"},{"v":232.17919999999998,"d":"232.18"}]
["56","030413001010","铁构件","1.名称：一般铁构件制作及安装\n2.材质：热镀锌\n3.规格：角钢或槽钢\n4.如固定采用螺栓应为热镀锌螺栓\n5.含灯具、配管、现场控制箱、电缆沟支架等\n6.其他：详见设计图纸及规范要求","t","0.630",{"v":8002.432099999998,"d":"8002.43"},{"v":5041.532222999999,"d":"5041.53"}]
["57","030414008002","母线","1.名称：母线系统调试\n2.电压等级（kV）：1kV以下","段","2",{"v":262.191,"d":"262.19"},{"v":524.382,"d":"524.38"}]
["58","WB030414026002","避雷器调试","1.名称：避雷器调试\n2.电压等级（kV）：10kV以下","组","2",{"v":327.384215,"d":"327.38"},{"v":654.76843,"d":"654.77"}]
["59","030414001001","电力变压器系统","1.名称：电力变压器系统调试\n2.型号：SCB13-1000/6，D/yn111，6/0.4kV\n3.容量(kVA)：1000\n4.配套高压出线柜调试","系统","2",{"v":2858.863055,"d":"2858.86"},{"v":5717.72611,"d":"5717.73"}]
["60","030414010001","电容器","1.名称：无功补偿装置系统调试\n2.电压等级（kV）：1kV以下","组","2",{"v":562.44092,"d":"562.44"},{"v":1124.88184,"d":"1124.88"}]
["61","030414004002","自动投入装置","1.名称：自动投入装置调试\n2.类型：备用电源互投切","系统","2",{"v":778.006445,"d":"778.01"},{"v":1556.01289,"d":"1556.01"}]
["62","030414002002","送配电装置系统","1.名称：送配电装置系统\n2.型号：详见设计图纸\n3.电压等级（kV）：1kV以下\n4.类型：低压交流断路器回路","系统","54",{"v":228.17212999999998,"d":"228.17"},{"v":12321.29502,"d":"12321.30"}]
[null,null,"204（1）筛分间电气安装工程"]
["1","030409003007","避雷引下线","1.名称：避雷引下线敷设\n2.材质：利用柱中两根主筋做防雷引下线\n3.规格：详见设计图纸\n4.安装部位：详见设计图纸\n5.安装形式：详见设计图纸\n6.其他：详见设计图纸及规范要求","m","90.00",{"v":8.302715,"d":"8.30"},{"$f":"G383*F383","v":{"v":747.2443499999999,"d":"747.24"}}]
["2","030409003008","避雷引下线","1.名称：避雷引下线敷设\n2.材质：利用钢柱做防雷引下线\n3.规格：详见设计图纸\n4.安装部位：详见设计图纸\n5.安装形式：详见设计图纸\n6.其他：详见设计图纸及规范要求","m","800.00",{"v":1.5500599999999998,"d":"1.55"},{"v":1240.0479999999998,"d":"1240.05"}]
["3","WB030409003004","接地跨接线","1.名称：接地跨接线安装 \n2.跨接方式：接地网","10处","3.6",{"v":84.18144999999998,"d":"84.18"},{"v":303.05321999999995,"d":"303.05"}]
["4","030409002006","接地母线","1.名称：接地母线敷设\n2.材质：热镀锌\n3.规格：扁钢-40×4\n4.安装部位：户外\n5.安装形式：详见设计图纸\n6.其他：详见设计图纸及规范要求","m","440.00",{"v":20.488825000000002,"d":"20.49"},{"v":9015.083,"d":"9015.08"}]
["5","030409002007","接地母线","1.名称：接地母线敷设\n2.材质：热镀锌\n3.规格：扁钢-40×4\n4.安装部位：户内\n5.安装形式：详见设计图纸\n6.其他：详见设计图纸及规范要求","m","30.00",{"v":8.475859999999999,"d":"8.48"},{"v":254.27579999999998,"d":"254.28"}]
["6","WB030409003005","接地跨接线","1.名称：接地跨接线安装 \n2.跨接方式：接地网","10处","3.6",{"v":84.18144999999998,"d":"84.18"},{"v":303.05321999999995,"d":"303.05"}]
["7","WB030409004003","桩承台接地","1.名称：桩承台接地\n2.类型：≤3根桩，利用桩主筋\n3.方式：详见设计图纸\n4.其他：详见设计图纸及规范要求","基","36",{"v":197.30285,"d":"197.30"},{"v":7102.9026,"d":"7102.90"}]
["8","WB030409002004","柱主筋与圈梁钢筋焊接","1.名称：柱主筋与圈梁钢筋焊接","处","36",{"v":26.169629999999998,"d":"26.17"},{"v":942.1066799999999,"d":"942.11"}]
["9","030414011004","接地装置","1.名称：接地系统调试\n2.类别：接地网","系统","1",{"v":555.556345,"d":"555.56"},{"v":555.556345,"d":"555.56"}]
["10","030404016005","控制箱","1.名称：2#、16#、17#、18#、20#胶带运输机现场控制箱安装\n2.型号规格：详见设计图纸\n3.安装方式：底边距地1.5m\n4.接地\n5.设备不进价\n6.其他：详见设计图纸及规范要求","台","6",{"v":173.42533,"d":"173.43"},{"v":1040.55198,"d":"1040.55"}]
["11","030404016006","控制箱","1.名称：7#、8#、9#、11#、13#胶带运输机现场控制箱安装\n2.型号规格：详见设计图纸\n3.安装方式：底边距地1.5m\n4.接地\n5.设备不进价\n6.其他：详见设计图纸及规范要求","台","5",{"v":173.42533,"d":"173.43"},{"v":867.12665,"d":"867.13"}]
["12","030404017014","配电箱","1.名称：检修电源箱安装\n2.型号规格：详见设计图纸\n3.安装方式：底边距地1.5m\n4.接地\n5.设备不进价\n6.其他：详见设计图纸及规范要求","台","5",{"v":137.27925,"d":"137.28"},{"v":686.39625,"d":"686.40"}]
["13","030404017015","配电箱","1.名称：断路器箱安装\n2.型号规格：详见设计图纸\n2.型号规格：详见设计图纸\n3.安装方式：底边距地1.5m\n4.接地\n5.设备不进价\n6.其他：详见设计图纸及规范要求","台","1",{"v":110.27687499999998,"d":"110.28"},{"v":110.27687499999998,"d":"110.28"}]
["14","030407001004","滑触线","1.名称：安全滑触线安装\n2.型号规格：DHG-4-16\n3.材质：详见设计图纸\n4.主材不进价\n5.其他：详见设计图纸及规范要求","m","452.00",{"v":26.285059999999998,"d":"26.29"},{"v":11880.847119999999,"d":"11880.85"}]
["15","030413001011","铁构件","1.名称：滑触线支架安装\n2.材质：详见设计图纸\n3.规格：详见设计图纸\n4.主材不进价\n5.其他：详见设计图纸及规范要求","t","0.140",{"v":3332.06834,"d":"3332.07"},{"v":466.48956760000004,"d":"466.49"}]
["16","030411003005","桥架","1.名称：电缆桥架安装\n2.型号：详见设计图纸\n3.规格：200×100\n4.材质：铝合金\n5.类型：梯式\n6.接地\n7.主材不进价\n8.其他：详见设计图纸及规范要求","m","120.00",{"v":19.59012,"d":"19.59"},{"v":2350.8143999999998,"d":"2350.81"}]
["17","030411003006","桥架","1.名称：电缆桥架安装\n2.型号：详见设计图纸\n3.规格：600×150\n4.材质：铝合金\n5.类型：梯式\n6.接地\n7.主材不进价\n8.其他：详见设计图纸及规范要求","m","300.00",{"v":29.56657,"d":"29.57"},{"v":8869.971,"d":"8869.97"}]
["18","030411003007","桥架","1.名称：电缆桥架安装（含盖板）\n2.型号：详见设计图纸\n3.规格：600×150\n4.材质：铝合金\n5.类型：梯式，含盖板\n6.接地\n7.主材不进价\n8.其他：详见设计图纸及规范要求","m","20.00",{"v":38.43819,"d":"38.44"},{"v":768.7638,"d":"768.76"}]
["19","030411001058","配管","1.名称：保护管敷设\n2.材质：镀锌钢管\n3.规格：SC20\n4.配置形式：暗配\n5.接地\n6.其他：详见设计图纸及规范要求","m","180.00",{"v":5.474679999999999,"d":"5.47"},{"v":985.4423999999999,"d":"985.44"}]
["20","030411001059","配管","1.名称：保护管敷设\n2.材质：镀锌钢管\n3.规格：SC25\n4.配置形式：暗配\n5.接地\n6.其他：详见设计图纸及规范要求","m","5.00",{"v":6.521795,"d":"6.52"},{"v":32.608975,"d":"32.61"}]
["21","030411001060","配管","1.名称：保护管敷设\n2.材质：镀锌钢管\n3.规格：SC50\n4.配置形式：暗配\n5.接地\n6.其他：详见设计图纸及规范要求","m","15.00",{"v":12.755015,"d":"12.76"},{"v":191.325225,"d":"191.33"}]
["22","030411001061","配管","1.名称：保护管敷设\n2.材质：镀锌钢管\n3.规格：SC80\n4.配置形式：暗配\n5.接地\n6.其他：详见设计图纸及规范要求","m","3.00",{"v":22.27799,"d":"22.28"},{"v":66.83397,"d":"66.83"}]
["23","030411001062","配管","1.名称：保护管敷设\n2.材质：镀锌钢管\n3.规格：SC20\n4.配置形式：明配\n5.接地\n6.其他：详见设计图纸及规范要求","m","2550.00",{"v":10.487639999999999,"d":"10.49"},{"v":26743.481999999996,"d":"26743.48"}]
["24","030411001063","配管","1.名称：保护管敷设\n2.材质：镀锌钢管\n3.规格：SC25\n4.配置形式：明配\n5.接地\n6.其他：详见设计图纸及规范要求","m","80.00",{"v":11.559489999999998,"d":"11.56"},{"v":924.7591999999999,"d":"924.76"}]
["25","030411001064","配管","1.名称：保护管敷设\n2.材质：镀锌钢管\n3.规格：SC32\n4.配置形式：明配\n5.接地\n6.其他：详见设计图纸及规范要求","m","50.00",{"v":12.919915,"d":"12.92"},{"v":645.9957499999999,"d":"646.00"}]
["26","030411001065","配管","1.名称：保护管敷设\n2.材质：镀锌钢管\n3.规格：SC40\n4.配置形式：明配\n5.接地\n6.其他：详见设计图纸及规范要求","m","30.00",{"v":15.954075,"d":"15.95"},{"v":478.62225,"d":"478.62"}]
["27","030411001066","配管","1.名称：保护管敷设\n2.材质：镀锌钢管\n3.规格：SC50\n4.配置形式：明配\n5.接地\n6.其他：详见设计图纸及规范要求","m","210.00",{"v":17.339235,"d":"17.34"},{"v":3641.23935,"d":"3641.24"}]
["28","030411001067","配管","1.名称：保护管敷设\n2.材质：镀锌钢管\n3.规格：SC80\n4.配置形式：明配\n5.接地\n6.其他：详见设计图纸及规范要求","m","10.00",{"v":29.987064999999994,"d":"29.99"},{"v":299.87064999999996,"d":"299.87"}]
["29","030411001068","配管","1.名称：保护管敷设\n2.材质：镀锌钢管\n3.规格：SC100\n4.配置形式：明配\n5.接地\n6.其他：详见设计图纸及规范要求","m","126.00",{"v":32.823345,"d":"32.82"},{"v":4135.741470000001,"d":"4135.74"}]
["30","030411001069","配管","1.名称：保护管敷设\n2.材质：包塑金属软管\n3.规格：DN20\n4.配专用接头\n5.其他：详见设计图纸及规范要求","m","100.00",{"v":17.471155,"d":"17.47"},{"v":1747.1154999999999,"d":"1747.12"}]
["31","030411001070","配管","1.名称：保护管敷设\n2.材质：包塑金属软管\n3.规格：DN25\n4.配专用接头\n5.其他：详见设计图纸及规范要求","m","11.00",{"v":19.65608,"d":"19.66"},{"v":216.21688,"d":"216.22"}]
["32","030411001071","配管","1.名称：保护管敷设\n2.材质：包塑金属软管\n3.规格：DN32\n4.配专用接头\n5.其他：详见设计图纸及规范要求","m","11.00",{"v":21.173159999999996,"d":"21.17"},{"v":232.90475999999995,"d":"232.90"}]
["33","030411001072","配管","1.名称：保护管敷设\n2.材质：包塑金属软管\n3.规格：DN40\n4.配专用接头\n5.其他：详见设计图纸及规范要求","m","7.00",{"v":24.347485000000002,"d":"24.35"},{"v":170.432395,"d":"170.43"}]
["34","030411001073","配管","1.名称：保护管敷设\n2.材质：包塑金属软管\n3.规格：DN50\n4.配专用接头\n5.其他：详见设计图纸及规范要求","m","37.00",{"v":27.727935,"d":"27.73"},{"v":1025.933595,"d":"1025.93"}]
["35","030411001074","配管","1.名称：保护管敷设\n2.材质：包塑金属软管\n3.规格：DN80\n4.配专用接头\n5.其他：详见设计图纸及规范要求","m","1.00",{"v":27.727935,"d":"27.73"},{"v":27.727935,"d":"27.73"}]
["36","030411001075","配管","1.名称：保护管敷设\n2.材质：包塑金属软管\n3.规格：DN100\n4.配专用接头\n5.其他：详见设计图纸及规范要求","m","12.00",{"v":27.727935,"d":"27.73"},{"v":332.73521999999997,"d":"332.74"}]
["37","030408001035","电力电缆","1.名称：电力电缆敷设\n2.型号规格：ZR-YJV-0.6/1kV-4×4\n3.材质：铜芯\n4.敷设方式、部位：桥架、穿管或电缆沟\n5.电压等级（kV）：0.6/1kV\n6.接地、固定及挂牌\n7.防火堵洞\n8.主材不进价\n9.其他：详见设计图纸及规范要求","m","1480.00",{"v":3.6855149999999997,"d":"3.69"},{"v":5454.562199999999,"d":"5454.56"}]
["38","030408001036","电力电缆","1.名称：电力电缆敷设\n2.型号规格：ZR-YJV-0.6/1kV-5×6\n3.材质：铜芯\n4.敷设方式、部位：桥架、穿管或电缆沟\n5.电压等级（kV）：0.6/1kV\n6.接地、固定及挂牌\n7.防火堵洞\n8.主材不进价\n9.其他：详见设计图纸及规范要求","m","860.00",{"v":4.229685,"d":"4.23"},{"v":3637.5290999999997,"d":"3637.53"}]
["39","030408001037","电力电缆","1.名称：电力电缆敷设\n2.型号规格：ZR-YJV-0.6/1kV-5×10\n3.材质：铜芯\n4.敷设方式、部位：桥架、穿管或电缆沟\n5.电压等级（kV）：0.6/1kV\n6.接地、固定及挂牌\n7.防火堵洞\n8.主材不进价\n9.其他：详见设计图纸及规范要求","m","178.00",{"v":4.229685,"d":"4.23"},{"v":752.88393,"d":"752.88"}]
["40","030408001038","电力电缆","1.名称：电力电缆敷设\n2.型号规格：ZR-YJV-0.6/1kV-4×16\n3.材质：铜芯\n4.敷设方式、部位：桥架、穿管或电缆沟\n5.电压等级（kV）：0.6/1kV\n6.接地、固定及挂牌\n7.防火堵洞\n8.主材不进价\n9.其他：详见设计图纸及规范要求","m","76.00",{"v":4.279155,"d":"4.28"},{"v":325.21578,"d":"325.22"}]
["41","030408001039","电力电缆","1.名称：电力电缆敷设\n2.型号规格：ZR-YJV-0.6/1kV-3×35+1×16\n3.材质：铜芯\n4.敷设方式、部位：桥架、穿管或电缆沟\n5.电压等级（kV）：0.6/1kV\n6.接地、固定及挂牌\n7.防火堵洞\n8.主材不进价\n9.其他：详见设计图纸及规范要求","m","800.00",{"v":5.351005,"d":"5.35"},{"v":4280.804,"d":"4280.80"}]
["42","030408001040","电力电缆","1.名称：电力电缆敷设\n2.型号规格：ZR-YJV-0.6/1kV-3×35+2×16\n3.材质：铜芯\n4.敷设方式、部位：桥架、穿管或电缆沟\n5.电压等级（kV）：0.6/1kV\n6.接地、固定及挂牌\n7.防火堵洞\n8.主材不进价\n9.其他：详见设计图纸及规范要求","m","1860.00",{"v":6.1342799999999995,"d":"6.13"},{"v":11409.760799999998,"d":"11409.76"}]
["43","030408001041","电力电缆","1.名称：电力电缆敷设\n2.型号规格：ZR-YJV-0.6/1kV-3×50+1×25\n3.材质：铜芯\n4.敷设方式、部位：桥架、穿管或电缆沟\n5.电压等级（kV）：0.6/1kV\n6.接地、固定及挂牌\n7.防火堵洞\n8.主材不进价\n9.其他：详见设计图纸及规范要求","m","722.00",{"v":6.28269,"d":"6.28"},{"v":4536.10218,"d":"4536.10"}]
["44","030408001042","电力电缆","1.名称：电力电缆敷设\n2.型号规格：ZR-YJV-0.6/1kV-3×70+1×35\n3.材质：铜芯\n4.敷设方式、部位：桥架、穿管或电缆沟\n5.电压等级（kV）：0.6/1kV\n6.接地、固定及挂牌\n7.防火堵洞\n8.主材不进价\n9.其他：详见设计图纸及规范要求","m","128.00",{"v":7.305069999999999,"d":"7.31"},{"v":935.0489599999999,"d":"935.05"}]
["45","030408001043","电力电缆","1.名称：电力电缆敷设\n2.型号规格：ZR-YJV-0.6/1kV-3×120+2×70\n3.材质：铜芯\n4.敷设方式、部位：桥架、穿管或电缆沟\n5.电压等级（kV）：0.6/1kV\n6.接地、固定及挂牌\n7.防火堵洞\n8.主材不进价\n9.其他：详见设计图纸及规范要求","m","1505.00",{"v":10.78446,"d":"10.78"},{"v":16230.612299999999,"d":"16230.61"}]
["46","030408006022","电力电缆头","1.名称：电力电缆终端头制安\n2.型号规格：10mm2及以下\n3.材质、类型：铜芯 干包式\n4.安装部位：室内\n5.电压等级(kV)：1kV以下\n6.接线、固定\n7.其他：详见设计图纸及规范要求","个","40",{"v":47.95292,"d":"47.95"},{"v":1918.1168,"d":"1918.12"}]
["47","030408006023","电力电缆头","1.名称：电力电缆终端头制安\n2.型号规格：16mm2及以下\n3.材质、类型：铜芯 干包式\n4.安装部位：室内\n5.电压等级(kV)：1kV以下\n6.接线、固定\n7.其他：详见设计图纸及规范要求","个","2",{"v":59.364000000000004,"d":"59.36"},{"v":118.72800000000001,"d":"118.73"}]
["48","030408006024","电力电缆头","1.名称：电力电缆终端头制安\n2.型号规格：35mm2及以下\n3.材质、类型：铜芯 干包式\n4.安装部位：室内\n5.电压等级(kV)：1kV以下\n6.接线、固定\n7.其他：详见设计图纸及规范要求","个","44",{"v":82.50771499999999,"d":"82.51"},{"v":3630.3394599999997,"d":"3630.34"}]
["49","030408006025","电力电缆头","1.名称：电力电缆终端头制安\n2.型号规格：50mm2及以下\n3.材质、类型：铜芯 干包式\n4.安装部位：室内\n5.电压等级(kV)：1kV以下\n6.接线、固定\n7.其他：详见设计图纸及规范要求","个","12",{"v":99.508905,"d":"99.51"},{"v":1194.1068599999999,"d":"1194.11"}]
["50","030408006026","电力电缆头","1.名称：电力电缆终端头制安\n2.型号规格：70mm2及以下\n3.材质、类型：铜芯 干包式\n4.安装部位：室内\n5.电压等级(kV)：1kV以下\n6.接线、固定\n7.其他：详见设计图纸及规范要求","个","2",{"v":111.05190499999998,"d":"111.05"},{"v":222.10380999999995,"d":"222.10"}]
["51","030408006027","电力电缆头","1.名称：电力电缆终端头制安\n2.型号规格：120mm2及以下\n3.材质、类型：铜芯 干包式\n4.安装部位：室内\n5.电压等级(kV)：1kV以下\n6.接线、固定\n7.其他：详见设计图纸及规范要求","个","24",{"v":132.91764500000002,"d":"132.92"},{"v":3190.0234800000007,"d":"3190.02"}]
["52","030408002015","控制电缆","1.名称：控制电缆敷设\n2.型号规格：ZR-kVV-0.45/0.75kV-3×1.5\n3.材质：铜芯\n4.敷设方式、部位：桥架、穿管或电缆沟\n5.电压等级（kV）：0.45/0.75kV\n6.接地、固定及挂牌\n7.防火堵洞\n8.主材不进价\n9.其他：详见设计图纸及规范要求","m","2380.00",{"v":2.58893,"d":"2.59"},{"v":6161.6534,"d":"6161.65"}]
["53","030408002016","控制电缆","1.名称：控制电缆敷设\n2.型号规格：ZR-KVV-0.45/0.75kV-12×1.5\n3.材质：铜芯\n4.敷设方式、部位：桥架、穿管或电缆沟\n5.电压等级（kV）：0.45/0.75kV\n6.接地、固定及挂牌\n7.防火堵洞\n8.主材不进价\n9.其他：详见设计图纸及规范要求","m","865.00",{"v":4.147235,"d":"4.15"},{"v":3587.358275,"d":"3587.36"}]
["54","030408002017","控制电缆","1.名称：控制电缆敷设\n2.型号规格：ZR-KVV-0.45/0.75kV-16×1.5\n3.材质：铜芯\n4.敷设方式、部位：桥架、穿管或电缆沟\n5.电压等级（kV）：0.45/0.75kV\n6.接地、固定及挂牌\n7.防火堵洞\n8.主材不进价\n9.其他：详见设计图纸及规范要求","m","540.00",{"v":4.22144,"d":"4.22"},{"v":2279.5776,"d":"2279.58"}]
["55","030408007009","控制电缆头","1.名称：控制电缆终端头制安\n2.型号规格：6芯及以下\n3.材质、类型：详见设计图纸及规范要求\n4.安装方式：详见设计图纸\n5.接线、固定\n6.其他：详见设计图纸及规范要求","个","100",{"v":48.571295,"d":"48.57"},{"v":4857.1295,"d":"4857.13"}]
["56","030408007010","控制电缆头","1.名称：控制电缆终端头制安\n2.型号规格：14芯及以下\n3.材质、类型：详见设计图纸及规范要求\n4.安装方式：详见设计图纸\n5.接线、固定\n6.其他：详见设计图纸及规范要求","个","14",{"v":77.43704,"d":"77.44"},{"v":1084.11856,"d":"1084.12"}]
["57","030408007011","控制电缆头","1.名称：控制电缆终端头制安\n2.型号规格：24芯及以下\n3.材质、类型：详见设计图纸及规范要求\n4.安装方式：详见设计图纸\n5.接线、固定\n6.其他：详见设计图纸及规范要求","个","10",{"v":106.88817999999998,"d":"106.89"},{"v":1068.8817999999997,"d":"1068.88"}]
["58","030411004010","配线","1.名称：导线敷设\n2.型号规格：ZR-BV-0.45/0.75kV-2.5mm2\n3.敷设方式：穿管\n4.接线\n5.其他：详见设计图纸及规范要求","m","2200.00",{"v":0.80801,"d":"0.81"},{"v":1777.622,"d":"1777.62"}]
["59","030404017016","配电箱","1.名称：照明配电箱+AL1\n2.型号规格：详见设计图纸\n3.安装方式：底边距地1.5米\n4.接地\n5.设备不进价\n6.其他：详见设计图纸及规范要求","台","1",{"v":137.27925,"d":"137.28"},{"v":137.27925,"d":"137.28"}]
["60","030404017017","配电箱","1.名称：照明配电箱+AL2\n2.型号规格：详见设计图纸\n3.安装方式：底边距地1.5米\n4.接地\n5.设备不进价\n6.其他：详见设计图纸及规范要求","台","1",{"v":137.27925,"d":"137.28"},{"v":137.27925,"d":"137.28"}]
["61","030404017018","配电箱","1.名称：照明配电箱+AL3\n2.型号规格：详见设计图纸\n3.安装方式：底边距地1.5米\n4.接地\n5.设备不进价\n6.其他：详见设计图纸及规范要求","台","1",{"v":137.27925,"d":"137.28"},{"v":137.27925,"d":"137.28"}]
["62","030404017019","配电箱","1.名称：照明配电箱+AL4\n2.型号规格：详见设计图纸\n3.安装方式：底边距地1.5米\n4.接地\n5.设备不进价\n6.其他：详见设计图纸及规范要求","台","1",{"v":137.27925,"d":"137.28"},{"v":137.27925,"d":"137.28"}]
["63","030412002007","工厂灯","1.名称：LED投光灯安装\n2.型号规格：GT311-XL70Ⅱ，70W\n3.安装形式：壁装式\n4.主材不进价\n5.其他：详见设计图纸及规范要求","套","32",{"v":25.031819999999996,"d":"25.03"},{"v":801.0182399999999,"d":"801.02"}]
["64","030412002008","工厂灯","1.名称：LED高悬挂固定灯安装\n2.型号规格：RLEHB0012-XL150Ⅱ，150W\n3.安装形式：详见设计图纸\n4.主材不进价\n5.其他：详见设计图纸及规范要求","套","26",{"v":25.031819999999996,"d":"25.03"},{"v":650.8273199999999,"d":"650.83"}]
["65","030411006006","接线盒","1.名称：接线盒安装\n2.材质：钢制\n3.规格：86型\n4.安装形式：明装","个","58",{"v":4.79859,"d":"4.80"},{"$f":"G447*F447","v":{"v":278.31822,"d":"278.32"}}]
["66","030404021004","限位开关","1.名称：跑偏开关安装\n2.型号规格：详见设计图纸\n3.主材不进价\n4.其他：详见设计图纸及规范要求","个","94",{"v":39.62547,"d":"39.63"},{"v":3724.79418,"d":"3724.79"}]
["67","030604003006","称重装置、皮带跑偏监测装置、电子秤标定","1.名称：拉绳开关安装\n2.型号规格：详见设计图纸\n3.主材不进价\n4.其他：详见设计图纸及规范要求","台","44",{"v":873.42583,"d":"873.43"},{"v":38430.73652,"d":"38430.74"}]
["68","030404021005","限位开关","1.名称：打滑检测器安装\n2.型号规格：详见设计图纸\n3.主材不进价\n4.其他：详见设计图纸及规范要求","个","11",{"v":39.62547,"d":"39.63"},{"v":435.88017,"d":"435.88"}]
["69","030404021006","限位开关","1.名称：撕裂装置安装\n2.型号规格：详见设计图纸\n3.主材不进价\n4.其他：详见设计图纸及规范要求","个","11",{"v":39.62547,"d":"39.63"},{"v":435.88017,"d":"435.88"}]
["70","030604003007","称重装置、皮带跑偏监测装置、电子秤标定","1.名称：皮带跑偏检测","台","11",{"v":788.3291849999999,"d":"788.33"},{"v":8671.621035,"d":"8671.62"}]
["71","030604003008","称重装置、皮带跑偏监测装置、电子秤标定","1.名称：皮带打滑检测","台","11",{"v":644.9651250000001,"d":"644.97"},{"v":7094.6163750000005,"d":"7094.62"}]
["72","030413001012","铁构件","1.名称：电缆桥架支架制作及安装\n2.材质：热镀锌\n3.规格：角钢或槽钢\n4.如固定采用螺栓应为热镀锌螺栓\n5.其他：详见设计图纸及规范要求","t","8.430",{"v":6632.071875,"d":"6632.07"},{"v":55908.365906249994,"d":"55908.37"}]
["73","030413001013","铁构件","1.名称：一般铁构件制作及安装\n2.材质：热镀锌\n3.规格：角钢或槽钢\n4.如固定采用螺栓应为热镀锌螺栓\n5.含灯具、配管支架等\n6.其他：详见设计图纸及规范要求","t","1.640",{"v":8002.432099999998,"d":"8002.43"},{"v":13123.988643999995,"d":"13123.99"}]
["74","030406006007","低压交流异步电动机","1.名称：低压交流异步电动机检查接线\n2.型号：详见图纸\n3.容量(kW)：15kW及以下\n4.启动方式：详见设计图纸\n5.电压等级(kV)：1kV及以下\n6.金属软管安装（配套塑料接头）","台","11",{"v":172.46066499999998,"d":"172.46"},{"v":1897.0673149999998,"d":"1897.07"}]
["75","030406006008","低压交流异步电动机","1.名称：低压交流异步电动机检查接线\n2.型号：详见图纸\n3.容量(kW)：30kW及以下\n4.启动方式：详见设计图纸\n5.电压等级(kV)：1kV及以下\n6.金属软管安装（配套塑料接头）","台","1",{"v":383.02972,"d":"383.03"},{"v":383.02972,"d":"383.03"}]
["76","030406006009","低压交流异步电动机","1.名称：低压交流异步电动机检查接线\n2.型号：详见图纸\n3.容量(kW)：55kW及以下\n4.启动方式：详见设计图纸\n5.电压等级(kV)：1kV及以下\n6.金属软管安装（配套塑料接头）","台","9",{"v":444.06745500000005,"d":"444.07"},{"v":3996.6070950000003,"d":"3996.61"}]
["77","030406006010","低压交流异步电动机","1.名称：低压交流异步电动机检查接线\n2.型号：详见图纸\n3.容量(kW)：75kW以下\n4.启动方式：详见设计图纸\n5.电压等级(kV)：1kV及以下\n6.金属软管安装（配套塑料接头）","台","1",{"v":512.0557249999999,"d":"512.06"},{"v":512.0557249999999,"d":"512.06"}]
["78","WB030414009003","低压交流异步电动机","1.名称：低压交流异步电动机调试\n2.型号：详见设计图纸\n3.控制保护方式：带过流保护","台","22",{"v":1024.202145,"d":"1024.20"},{"v":22532.44719,"d":"22532.45"}]
[null,null,"204（4）14#皮带廊电气安装工程"]
["1","030409003009","避雷引下线","1.名称：避雷引下线敷设\n2.材质：利用柱中两根主筋做防雷引下线\n3.规格：详见设计图纸\n4.安装部位：详见设计图纸\n5.安装形式：详见设计图纸\n6.其他：详见设计图纸及规范要求","m","12.00",{"v":8.302715,"d":"8.30"},{"$f":"G462*F462","v":{"v":99.63257999999999,"d":"99.63"}}]
["2","030409003010","避雷引下线","1.名称：避雷引下线敷设\n2.材质：利用钢柱做防雷引下线\n3.规格：详见设计图纸\n4.安装部位：详见设计图纸\n5.安装形式：详见设计图纸\n6.其他：详见设计图纸及规范要求","m","112.00",{"v":1.5500599999999998,"d":"1.55"},{"v":173.60671999999997,"d":"173.61"}]
["3","WB030409003006","接地跨接线","1.名称：接地跨接线安装 \n2.跨接方式：接地网","10处","0.6",{"v":84.18144999999998,"d":"84.18"},{"v":50.50886999999999,"d":"50.51"}]
["4","030409002008","接地母线","1.名称：接地母线敷设\n2.材质：热镀锌\n3.规格：扁钢-40×4\n4.安装部位：户外\n5.安装形式：详见设计图纸\n6.其他：详见设计图纸及规范要求","m","105.00",{"v":20.488825000000002,"d":"20.49"},{"v":2151.326625,"d":"2151.33"}]
["5","WB030409004004","桩承台接地","1.名称：桩承台接地\n2.类型：≤3根桩，利用桩主筋\n3.方式：详见设计图纸\n4.其他：详见设计图纸及规范要求","基","6",{"v":197.30285,"d":"197.30"},{"v":1183.8171,"d":"1183.82"}]
["6","WB030409002005","柱主筋与圈梁钢筋焊接","1.名称：柱主筋与圈梁钢筋焊接","处","10",{"v":26.169629999999998,"d":"26.17"},{"v":261.69629999999995,"d":"261.70"}]
["7","030409008004","等电位端子箱、测试板","1.名称：接地连接片预埋\n2.材质：详见设计图纸\n3.规格：角钢63×63×5，L=100mm\n4.其他：详见设计图纸及规范要求","个","10",{"v":7.371029999999999,"d":"7.37"},{"v":73.71029999999999,"d":"73.71"}]
["8","030414011005","接地装置","1.名称：接地系统调试\n2.类别：接地网","系统","1",{"v":555.556345,"d":"555.56"},{"v":555.556345,"d":"555.56"}]
["9","030411003008","桥架","1.名称：电缆桥架安装\n2.型号：DJ-P-01-206\n3.规格：600×100\n4.材质：铝合金\n5.类型：梯式\n6.接地\n7.主材不进价\n8.其他：详见设计图纸及规范要求","m","91.00",{"v":29.56657,"d":"29.57"},{"v":2690.55787,"d":"2690.56"}]
["10","030413001014","铁构件","1.名称：电缆桥架成品托臂安装\n2.材质：热镀锌\n3.规格：配600×100桥架使用\n4.如固定采用螺栓应为热镀锌螺栓\n5.主材不进价\n6.其他：详见设计图纸及规范要求","个","46",{"v":17.603075,"d":"17.60"},{"v":809.74145,"d":"809.74"}]
["11","030411001076","配管","1.名称：保护管敷设\n2.材质：镀锌钢管\n3.规格：SC15\n4.配置形式：明配\n5.接地\n6.其他：详见设计图纸及规范要求","m","70.00",{"v":10.02592,"d":"10.03"},{"v":701.8144,"d":"701.81"}]
["12","030411001077","配管","1.名称：保护管敷设\n2.材质：镀锌钢管\n3.规格：SC20\n4.配置形式：明配\n5.接地\n6.其他：详见设计图纸及规范要求","m","30.00",{"v":10.487639999999999,"d":"10.49"},{"v":314.62919999999997,"d":"314.63"}]
["13","030411001078","配管","1.名称：保护管敷设\n2.材质：镀锌钢管\n3.规格：SC32\n4.配置形式：明配\n5.接地\n6.其他：详见设计图纸及规范要求","m","7.00",{"v":12.919915,"d":"12.92"},{"v":90.439405,"d":"90.44"}]
["14","030411001079","配管","1.名称：保护管敷设\n2.材质：包塑金属软管\n3.规格：DN32\n4.配专用接头\n5.其他：详见设计图纸及规范要求","m","1.00",{"v":21.173159999999996,"d":"21.17"},{"v":21.173159999999996,"d":"21.17"}]
["15","030408001044","电力电缆","1.名称：电力电缆敷设\n2.型号规格：ZR-YJV-0.6/1kV-5×6\n3.材质：铜芯\n4.敷设方式、部位：桥架、穿管或电缆沟\n5.电压等级（kV）：0.6/1kV\n6.接地、固定及挂牌\n7.防火堵洞\n8.主材不进价\n9.其他：详见设计图纸及规范要求","m","178.00",{"v":4.229685,"d":"4.23"},{"v":752.88393,"d":"752.88"}]
["16","030408006028","电力电缆头","1.名称：电力电缆终端头制安\n2.型号规格：10mm2及以下\n3.材质、类型：铜芯 干包式\n4.安装部位：室内\n5.电压等级(kV)：1kV以下\n6.接线、固定\n7.其他：详见设计图纸及规范要求","个","2",{"v":47.95292,"d":"47.95"},{"v":95.90584,"d":"95.91"}]
["17","030411004011","配线","1.名称：导线敷设\n2.型号规格：ZR-BV-0.45/0.75kV-2.5mm2\n3.敷设方式：穿管\n4.接线\n5.其他：详见设计图纸及规范要求","m","360.00",{"v":0.80801,"d":"0.81"},{"v":290.8836,"d":"290.88"}]
["18","030404017020","配电箱","1.名称：照明配电箱+AL1\n2.型号规格：详见设计图纸\n3.安装方式：底边距地1.5米\n4.接地\n5.设备不进价\n6.其他：详见设计图纸及规范要求","台","1",{"v":137.27925,"d":"137.28"},{"v":137.27925,"d":"137.28"}]
["19","030412002009","工厂灯","1.名称：低悬挂固定灯具安装\n2.型号规格：GC203-XL36A，1×36LED\n3.安装形式：吸顶式\n4.主材不进价\n5.其他：详见设计图纸及规范要求","套","6",{"v":25.031819999999996,"d":"25.03"},{"v":150.19091999999998,"d":"150.19"}]
["20","030411006007","接线盒","1.名称：接线盒安装\n2.材质：钢制\n3.规格：86型\n4.安装形式：明装","个","6",{"v":4.79859,"d":"4.80"},{"v":28.791539999999998,"d":"28.79"}]
["21","030413001015","铁构件","1.名称：一般铁构件制作及安装\n2.材质：热镀锌\n3.规格：角钢或槽钢\n4.如固定采用螺栓应为热镀锌螺栓\n5.含灯具、配管支架等\n6.其他：详见设计图纸及规范要求","t","0.035",{"v":8002.432099999998,"d":"8002.43"},{"v":280.08512349999995,"d":"280.09"}]
[null,null,"204（6）1#转运站电气安装工程"]
["1","030409005003","避雷网","1.名称：避雷网敷设\n2.材质：热镀锌\n3.规格：Φ12圆钢\n4.安装形式：沿支架敷设\n5.其他：详见设计图纸及规范要求","m","135.00",{"v":16.852780000000003,"d":"16.85"},{"$f":"G484*F484","v":{"v":2275.1253,"d":"2275.13"}}]
["2","030409003011","避雷引下线","1.名称：避雷引下线敷设\n2.材质：利用柱中两根主筋做防雷引下线\n3.规格：详见设计图纸\n4.安装部位：详见设计图纸\n5.安装形式：详见设计图纸\n6.其他：详见设计图纸及规范要求","m","110.00",{"v":8.302715,"d":"8.30"},{"v":913.29865,"d":"913.30"}]
["3","030409003012","避雷引下线","1.名称：避雷引下线敷设\n2.材质：利用钢柱做防雷引下线\n3.规格：详见设计图纸\n4.安装部位：详见设计图纸\n5.安装形式：详见设计图纸\n6.其他：详见设计图纸及规范要求","m","180.00",{"v":1.5500599999999998,"d":"1.55"},{"v":279.01079999999996,"d":"279.01"}]
["4","WB030409003007","接地跨接线","1.名称：接地跨接线安装 \n2.跨接方式：接地网","10处","2.8",{"v":84.18144999999998,"d":"84.18"},{"v":235.70805999999993,"d":"235.71"}]
["5","030409002009","接地母线","1.名称：接地母线敷设\n2.材质：热镀锌\n3.规格：扁钢-40×4\n4.安装部位：户外\n5.安装形式：详见设计图纸\n6.其他：详见设计图纸及规范要求","m","540.00",{"v":20.488825000000002,"d":"20.49"},{"v":11063.9655,"d":"11063.97"}]
["6","WB030409002006","柱主筋与圈梁钢筋焊接","1.名称：柱主筋与圈梁钢筋焊接","处","40",{"v":26.169629999999998,"d":"26.17"},{"v":1046.7851999999998,"d":"1046.79"}]
["7","030409008005","等电位端子箱、测试板","1.名称：接地连接片预埋\n2.材质：详见设计图纸\n3.规格：角钢63×63×5，L=100mm\n4.其他：详见设计图纸及规范要求","个","12",{"v":7.371029999999999,"d":"7.37"},{"v":88.45236,"d":"88.45"}]
["8","030414011006","接地装置","1.名称：接地系统调试\n2.类别：接地网","系统","4",{"v":555.556345,"d":"555.56"},{"v":2222.22538,"d":"2222.23"}]
["9","030404017021","配电箱","1.名称：总配电箱安装\n2.型号规格：XL-21型\n3.安装方式：落地安装\n4.接地\n5.设备不进价\n6.其他：详见设计图纸及规范要求","台","1",{"v":288.33589499999994,"d":"288.34"},{"v":288.33589499999994,"d":"288.34"}]
["10","030404016007","控制箱","1.名称：10#胶带运输机现场控制箱安装\n2.型号规格：详见设计图纸\n2.型号规格：详见设计图纸\n3.安装方式：底边距地1.5m\n4.接地\n5.设备不进价\n6.其他：详见设计图纸及规范要求","台","1",{"v":173.42533,"d":"173.43"},{"v":173.42533,"d":"173.43"}]
["11","030404016008","控制箱","1.名称：21#胶带运输机现场控制箱安装\n2.型号规格：详见设计图纸\n2.型号规格：详见设计图纸\n3.安装方式：底边距地1.5m\n4.接地\n5.设备不进价\n6.其他：详见设计图纸及规范要求","台","1",{"v":173.42533,"d":"173.43"},{"v":173.42533,"d":"173.43"}]
["12","030404017022","配电箱","1.名称：行车检修隔离箱安装\n2.型号规格：详见设计图纸\n2.型号规格：详见设计图纸\n3.安装方式：底边距地1.5m\n4.接地\n5.设备不进价\n6.其他：详见设计图纸及规范要求","台","1",{"v":110.27687499999998,"d":"110.28"},{"v":110.27687499999998,"d":"110.28"}]
["13","WB030413004003","基础槽钢","1.名称：基础槽钢制作及安装\n2.材质：热镀锌\n3.规格：10#槽钢\n4.接地","m","3.20",{"v":13.75266,"d":"13.75"},{"v":44.008512,"d":"44.01"}]
["14","030407001005","滑触线","1.名称：安全滑触线安装\n2.型号规格：DHG-4-16\n3.材质：详见设计图纸\n4.主材不进价\n5.其他：详见设计图纸及规范要求","m","88.00",{"v":26.285059999999998,"d":"26.29"},{"v":2313.08528,"d":"2313.09"}]
["15","030413001016","铁构件","1.名称：滑触线支架安装\n2.材质：详见设计图纸\n3.规格：详见设计图纸\n4.主材不进价\n5.其他：详见设计图纸及规范要求","t","0.030",{"v":3332.06834,"d":"3332.07"},{"v":99.9620502,"d":"99.96"}]
["16","030404021007","限位开关","1.名称：跑偏开关安装\n2.型号规格：详见设计图纸\n3.主材不进价\n4.其他：详见设计图纸及规范要求","个","16",{"v":39.62547,"d":"39.63"},{"v":634.00752,"d":"634.01"}]
["17","030604003009","称重装置、皮带跑偏监测装置、电子秤标定","1.名称：拉绳开关安装\n2.型号规格：详见设计图纸\n3.主材不进价\n4.其他：详见设计图纸及规范要求","台","8",{"v":873.42583,"d":"873.43"},{"v":6987.40664,"d":"6987.41"}]
["18","030404021008","限位开关","1.名称：打滑检测器安装\n2.型号规格：详见设计图纸\n3.主材不进价\n4.其他：详见设计图纸及规范要求","个","2",{"v":39.62547,"d":"39.63"},{"v":79.25094,"d":"79.25"}]
["19","030404021009","限位开关","1.名称：纵向撕裂装置安装\n2.型号规格：详见设计图纸\n3.主材不进价\n4.其他：详见设计图纸及规范要求","个","2",{"v":39.62547,"d":"39.63"},{"v":79.25094,"d":"79.25"}]
["20","030604003010","称重装置、皮带跑偏监测装置、电子秤标定","1.名称：皮带跑偏检测","台","2",{"v":788.3291849999999,"d":"788.33"},{"v":1576.6583699999999,"d":"1576.66"}]
["21","030604003011","称重装置、皮带跑偏监测装置、电子秤标定","1.名称：皮带打滑检测","台","2",{"v":644.9651250000001,"d":"644.97"},{"v":1289.9302500000001,"d":"1289.93"}]
["22","030411003009","桥架","1.名称：电缆桥架安装\n2.型号：详见设计图纸\n3.规格：300×100\n4.材质：热镀锌\n5.类型：梯式\n6.接地\n7.主材不进价\n8.其他：详见设计图纸及规范要求","m","155.00",{"v":19.59012,"d":"19.59"},{"v":3036.4685999999997,"d":"3036.47"}]
["23","030413001017","铁构件","1.名称：电缆桥架成品托臂安装\n2.材质：热镀锌\n3.规格：配300×100桥架使用\n4.如固定采用螺栓应为热镀锌螺栓\n5.主材不进价\n6.其他：详见设计图纸及规范要求","个","78",{"v":10.067145,"d":"10.07"},{"v":785.23731,"d":"785.24"}]
["24","030408003004","电缆保护管","1.名称：保护管敷设\n2.材质：镀锌钢管\n3.规格：SC50\n4.配置形式：埋地\n5.接地\n6.其他：详见设计图纸及规范要求","m","1120.00",{"v":7.544175,"d":"7.54"},{"v":8449.476,"d":"8449.48"}]
["25","030408003005","电缆保护管","1.名称：保护管敷设\n2.材质：镀锌钢管\n3.规格：SC100\n4.配置形式：埋地\n5.接地\n6.其他：详见设计图纸及规范要求","m","370.00",{"v":8.434635,"d":"8.43"},{"v":3120.81495,"d":"3120.81"}]
["26","030411001080","配管","1.名称：保护管敷设\n2.材质：镀锌钢管\n3.规格：SC20\n4.配置形式：暗配\n5.接地\n6.其他：详见设计图纸及规范要求","m","32.00",{"v":5.474679999999999,"d":"5.47"},{"v":175.18975999999998,"d":"175.19"}]
["27","030411001081","配管","1.名称：保护管敷设\n2.材质：镀锌钢管\n3.规格：SC32\n4.配置形式：暗配\n5.接地\n6.其他：详见设计图纸及规范要求","m","5.00",{"v":6.87633,"d":"6.88"},{"v":34.38165,"d":"34.38"}]
["28","030411001082","配管","1.名称：保护管敷设\n2.材质：镀锌钢管\n3.规格：SC50\n4.配置形式：暗配\n5.接地\n6.其他：详见设计图纸及规范要求","m","3.00",{"v":12.755015,"d":"12.76"},{"v":38.265045,"d":"38.27"}]
["29","030411001083","配管","1.名称：保护管敷设\n2.材质：镀锌钢管\n3.规格：SC100\n4.配置形式：暗配\n5.接地\n6.其他：详见设计图纸及规范要求","m","3.00",{"v":24.957614999999997,"d":"24.96"},{"v":74.87284499999998,"d":"74.87"}]
["30","030411001084","配管","1.名称：保护管敷设\n2.材质：镀锌钢管\n3.规格：SC20\n4.配置形式：明配\n5.接地\n6.其他：详见设计图纸及规范要求","m","460.00",{"v":10.487639999999999,"d":"10.49"},{"v":4824.314399999999,"d":"4824.31"}]
["31","030411001085","配管","1.名称：保护管敷设\n2.材质：镀锌钢管\n3.规格：SC32\n4.配置形式：明配\n5.接地\n6.其他：详见设计图纸及规范要求","m","110.00",{"v":12.919915,"d":"12.92"},{"v":1421.19065,"d":"1421.19"}]
["32","030411001086","配管","1.名称：保护管敷设\n2.材质：镀锌钢管\n3.规格：SC40\n4.配置形式：明配\n5.接地\n6.其他：详见设计图纸及规范要求","m","50.00",{"v":15.954075,"d":"15.95"},{"v":797.70375,"d":"797.70"}]
["33","030411001087","配管","1.名称：保护管敷设\n2.材质：镀锌钢管\n3.规格：SC50\n4.配置形式：明配\n5.接地\n6.其他：详见设计图纸及规范要求","m","30.00",{"v":17.339235,"d":"17.34"},{"v":520.17705,"d":"520.18"}]
["34","030411001088","配管","1.名称：保护管敷设\n2.材质：镀锌钢管\n3.规格：SC100\n4.配置形式：明配\n5.接地\n6.其他：详见设计图纸及规范要求","m","120.00",{"v":32.823345,"d":"32.82"},{"v":3938.8014000000003,"d":"3938.80"}]
["35","030411001089","配管","1.名称：保护管敷设\n2.材质：包塑金属软管\n3.规格：DN20\n4.配专用接头\n5.其他：详见设计图纸及规范要求","m","16.00",{"v":17.471155,"d":"17.47"},{"v":279.53848,"d":"279.54"}]
["36","030411001090","配管","1.名称：保护管敷设\n2.材质：包塑金属软管\n3.规格：DN32\n4.配专用接头\n5.其他：详见设计图纸及规范要求","m","12.00",{"v":21.173159999999996,"d":"21.17"},{"v":254.07791999999995,"d":"254.08"}]
["37","030411001091","配管","1.名称：保护管敷设\n2.材质：包塑金属软管\n3.规格：DN40\n4.配专用接头\n5.其他：详见设计图纸及规范要求","m","2.00",{"v":24.347485000000002,"d":"24.35"},{"v":48.694970000000005,"d":"48.69"}]
["38","030411001092","配管","1.名称：保护管敷设\n2.材质：包塑金属软管\n3.规格：DN50\n4.配专用接头\n5.其他：详见设计图纸及规范要求","m","6.00",{"v":27.727935,"d":"27.73"},{"v":166.36760999999998,"d":"166.37"}]
["39","030411001093","配管","1.名称：保护管敷设\n2.材质：包塑金属软管\n3.规格：DN100\n4.配专用接头\n5.其他：详见设计图纸及规范要求","m","8.00",{"v":27.727935,"d":"27.73"},{"v":221.82348,"d":"221.82"}]
["40","010101003003","挖沟槽土方","1.名称：电缆沟开挖\n2.深度：详见设计图纸\n3.机械挖土\n4.其他：详见设计图纸和规范要求","m3","355.20",{"v":3.058895,"d":"3.06"},{"v":1086.519504,"d":"1086.52"}]
["41","010404001003","基础垫层","1.混凝土种类：现浇混凝土\n2.混凝土强度等级：C15\n3.室外电缆穿线管底部垫层","m3","29.60",{"v":457.16875999999996,"d":"457.17"},{"v":13532.195296,"d":"13532.20"}]
["42","WB010101009003","填土碾压","1.名称：电缆沟回填、夯实\n2.其他：详见设计图纸和规范要求","m3","355.20",{"v":1.3192,"d":"1.32"},{"v":468.57983999999993,"d":"468.58"}]
["43","030408001045","电力电缆","1.名称：电力电缆敷设\n2.型号规格：ZR-YJV-0.6/1kV-4×4\n3.材质：铜芯\n4.敷设方式、部位：桥架、穿管或电缆沟\n5.电压等级（kV）：0.6/1kV\n6.接地、固定及挂牌\n7.防火堵洞\n8.主材不进价\n9.其他：详见设计图纸及规范要求","m","80.00",{"v":3.6855149999999997,"d":"3.69"},{"v":294.84119999999996,"d":"294.84"}]
["44","030408001046","电力电缆","1.名称：电力电缆敷设\n2.型号规格：ZR-YJV-0.6/1kV-4×6\n3.材质：铜6\n4.敷设方式、部位：桥架、穿管或电缆沟\n5.电压等级（kV）：0.6/1kV\n6.接地、固定及挂牌\n7.防火堵洞\n8.主材不进价\n9.其他：详见设计图纸及规范要求","m","50.00",{"v":3.6855149999999997,"d":"3.69"},{"v":184.27575,"d":"184.28"}]
["45","030408001047","电力电缆","1.名称：电力电缆敷设\n2.型号规格：ZR-YJV-0.6/1kV-5×6\n3.材质：铜芯\n4.敷设方式、部位：桥架、穿管或电缆沟\n5.电压等级（kV）：0.6/1kV\n6.接地、固定及挂牌\n7.防火堵洞\n8.主材不进价\n9.其他：详见设计图纸及规范要求","m","195.00",{"v":4.229685,"d":"4.23"},{"v":824.788575,"d":"824.79"}]
["46","030408001048","电力电缆","1.名称：电力电缆敷设\n2.型号规格：ZR-YJV-0.6/1kV-4×16\n3.材质：铜芯\n4.敷设方式、部位：桥架、穿管或电缆沟\n5.电压等级（kV）：0.6/1kV\n6.接地、固定及挂牌\n7.防火堵洞\n8.主材不进价\n9.其他：详见设计图纸及规范要求","m","50.00",{"v":4.279155,"d":"4.28"},{"v":213.95775,"d":"213.96"}]
["47","030408001049","电力电缆","1.名称：电力电缆敷设\n2.型号规格：ZR-YJV-0.6/1kV-3×35+2×16\n3.材质：铜芯\n4.敷设方式、部位：桥架、穿管或电缆沟\n5.电压等级（kV）：0.6/1kV\n6.接地、固定及挂牌\n7.防火堵洞\n8.主材不进价\n9.其他：详见设计图纸及规范要求","m","180.00",{"v":6.1342799999999995,"d":"6.13"},{"v":1104.1704,"d":"1104.17"}]
["48","030408001050","电力电缆","1.名称：电力电缆敷设\n2.型号规格：ZR-YJV-0.6/1kV-3×70+2×35\n3.材质：铜芯\n4.敷设方式、部位：桥架、穿管或电缆沟\n5.电压等级（kV）：0.6/1kV\n6.接地、固定及挂牌\n7.防火堵洞\n8.主材不进价\n9.其他：详见设计图纸及规范要求","m","45.00",{"v":8.401655,"d":"8.40"},{"v":378.074475,"d":"378.07"}]
["49","030408001051","电力电缆","1.名称：电力电缆敷设\n2.型号规格：ZR-YJV-0.6/1kV-3×90+1×50\n3.材质：铜芯\n4.敷设方式、部位：桥架、穿管或电缆沟\n5.电压等级（kV）：0.6/1kV\n6.接地、固定及挂牌\n7.防火堵洞\n8.主材不进价\n9.其他：详见设计图纸及规范要求","m","45.00",{"v":9.374564999999999,"d":"9.37"},{"v":421.85542499999997,"d":"421.86"}]
["50","030408001052","电力电缆","1.名称：电力电缆敷设\n2.型号规格：ZR-YJV-0.6/1kV-3×90+2×50\n3.材质：铜芯\n4.敷设方式、部位：桥架、穿管或电缆沟\n5.电压等级（kV）：0.6/1kV\n6.接地、固定及挂牌\n7.防火堵洞\n8.主材不进价\n9.其他：详见设计图纸及规范要求","m","730.00",{"v":10.78446,"d":"10.78"},{"v":7872.6557999999995,"d":"7872.66"}]
["51","030408006029","电力电缆头","1.名称：电力电缆终端头制安\n2.型号规格：10mm2及以下\n3.材质、类型：铜芯 干包式\n4.安装部位：室内\n5.电压等级(kV)：1kV以下\n6.接线、固定\n7.其他：详见设计图纸及规范要求","个","10",{"v":47.95292,"d":"47.95"},{"v":479.5292,"d":"479.53"}]
["52","030408006030","电力电缆头","1.名称：电力电缆终端头制安\n2.型号规格：16mm2及以下\n3.材质、类型：铜芯 干包式\n4.安装部位：室内\n5.电压等级(kV)：1kV以下\n6.接线、固定\n7.其他：详见设计图纸及规范要求","个","10",{"v":59.364000000000004,"d":"59.36"},{"v":593.6400000000001,"d":"593.64"}]
["53","030408006031","电力电缆头","1.名称：电力电缆终端头制安\n2.型号规格：35mm2及以下\n3.材质、类型：铜芯 干包式\n4.安装部位：室内\n5.电压等级(kV)：1kV以下\n6.接线、固定\n7.其他：详见设计图纸及规范要求","个","14",{"v":82.50771499999999,"d":"82.51"},{"v":1155.10801,"d":"1155.11"}]
["54","030408006032","电力电缆头","1.名称：电力电缆终端头制安\n2.型号规格：50mm2及以下\n3.材质、类型：铜芯 干包式\n4.安装部位：室内\n5.电压等级(kV)：1kV以下\n6.接线、固定\n7.其他：详见设计图纸及规范要求","个","2",{"v":99.508905,"d":"99.51"},{"v":199.01781,"d":"199.02"}]
["55","030408006033","电力电缆头","1.名称：电力电缆终端头制安\n2.型号规格：70mm2及以下\n3.材质、类型：铜芯 干包式\n4.安装部位：室内\n5.电压等级(kV)：1kV以下\n6.接线、固定\n7.其他：详见设计图纸及规范要求","个","2",{"v":111.05190499999998,"d":"111.05"},{"v":222.10380999999995,"d":"222.10"}]
["56","030408006034","电力电缆头","1.名称：电力电缆终端头制安\n2.型号规格：120mm2及以下\n3.材质、类型：铜芯 干包式\n4.安装部位：室内\n5.电压等级(kV)：1kV以下\n6.接线、固定\n7.其他：详见设计图纸及规范要求","个","4",{"v":132.91764500000002,"d":"132.92"},{"v":531.6705800000001,"d":"531.67"}]
["57","030408002018","控制电缆","1.名称：控制电缆敷设\n2.型号规格：ZR-KVV-0.45/0.75kV-3×1.5\n3.材质：铜芯\n4.敷设方式、部位：桥架、穿管或电缆沟\n5.电压等级（kV）：0.45/0.75kV\n6.接地、固定及挂牌\n7.防火堵洞\n8.主材不进价\n9.其他：详见设计图纸及规范要求","m","400.00",{"v":2.58893,"d":"2.59"},{"v":1035.572,"d":"1035.57"}]
["58","030408002019","控制电缆","1.名称：控制电缆敷设\n2.型号规格：ZR-KVV-0.45/0.75kV-14×1.5\n3.材质：铜芯\n4.敷设方式、部位：桥架、穿管或电缆沟\n5.电压等级（kV）：0.45/0.75kV\n6.接地、固定及挂牌\n7.防火堵洞\n8.主材不进价\n9.其他：详见设计图纸及规范要求","m","45.00",{"v":4.147235,"d":"4.15"},{"v":186.625575,"d":"186.63"}]
["59","030408002020","控制电缆","1.名称：控制电缆敷设\n2.型号规格：ZR-KVV-0.45/0.75kV-16×1.5\n3.材质：铜芯\n4.敷设方式、部位：桥架、穿管或电缆沟\n5.电压等级（kV）：0.45/0.75kV\n6.接地、固定及挂牌\n7.防火堵洞\n8.主材不进价\n9.其他：详见设计图纸及规范要求","m","45.00",{"v":4.22144,"d":"4.22"},{"v":189.96480000000003,"d":"189.96"}]
["60","030408007012","控制电缆头","1.名称：控制电缆终端头制安\n2.型号规格：6芯及以下\n3.材质、类型：详见设计图纸及规范要求\n4.安装方式：详见设计图纸\n5.接线、固定\n6.其他：详见设计图纸及规范要求","个","16",{"v":48.571295,"d":"48.57"},{"v":777.14072,"d":"777.14"}]
["61","030408007013","控制电缆头","1.名称：控制电缆终端头制安\n2.型号规格：14芯及以下\n3.材质、类型：详见设计图纸及规范要求\n4.安装方式：详见设计图纸\n5.接线、固定\n6.其他：详见设计图纸及规范要求","个","2",{"v":77.43704,"d":"77.44"},{"v":154.87408,"d":"154.87"}]
["62","030408007014","控制电缆头","1.名称：控制电缆终端头制安\n2.型号规格：24芯及以下\n3.材质、类型：详见设计图纸及规范要求\n4.安装方式：详见设计图纸\n5.接线、固定\n6.其他：详见设计图纸及规范要求","个","2",{"v":106.88817999999998,"d":"106.89"},{"v":213.77635999999995,"d":"213.78"}]
["63","030411004012","配线","1.名称：导线敷设\n2.型号规格：ZR-BV-0.45/0.75kV-2.5mm2\n3.敷设方式：穿管\n4.接线\n5.其他：详见设计图纸及规范要求","m","1260.00",{"v":0.80801,"d":"0.81"},{"v":1018.0926000000001,"d":"1018.09"}]
["64","030404017023","配电箱","1.名称：照明配电箱+AL1\n2.型号规格：PZ30型，带金属盖板\n3.安装方式：底边距地1.5米\n4.接地\n5.设备不进价\n6.其他：详见设计图纸及规范要求","台","1",{"v":137.27925,"d":"137.28"},{"v":137.27925,"d":"137.28"}]
["65","030404017024","配电箱","1.名称：照明配电箱+AL2\n2.型号规格：PZ30型，带金属盖板\n3.安装方式：底边距地1.5米\n4.接地\n5.设备不进价\n6.其他：详见设计图纸及规范要求","台","1",{"v":137.27925,"d":"137.28"},{"$f":"G548*F548","v":{"v":137.27925,"d":"137.28"}}]
["66","030412002010","工厂灯","1.名称：壁装LED平台灯安装\n2.型号规格：GT311-Ⅱ（48W）\n3.安装形式：壁装式\n4.主材不进价\n5.其他：详见设计图纸及规范要求","套","18",{"v":25.031819999999996,"d":"25.03"},{"v":450.5727599999999,"d":"450.57"}]
["67","030412002011","工厂灯","1.名称：吸顶LED节能灯安装\n2.型号规格：GC203-Ⅱ（50W）\n3.安装形式：详见设计图纸\n4.主材不进价\n5.其他：详见设计图纸及规范要求","套","18",{"v":25.031819999999996,"d":"25.03"},{"v":450.5727599999999,"d":"450.57"}]
["68","030411006008","接线盒","1.名称：接线盒安装\n2.材质：钢制\n3.规格：86型\n4.安装形式：明装","个","36",{"v":4.79859,"d":"4.80"},{"v":172.74924,"d":"172.75"}]
["69","030413001018","铁构件","1.名称：一般铁构件制作及安装\n2.材质：热镀锌\n3.规格：角钢或槽钢\n4.如固定采用螺栓应为热镀锌螺栓\n5.含灯具、配管、现场控制箱、电缆沟支架等\n6.其他：详见设计图纸及规范要求","t","0.300",{"v":8002.432099999998,"d":"8002.43"},{"v":2400.7296299999994,"d":"2400.73"}]
["70","030406006011","低压交流异步电动机","1.名称：低压交流异步电动机检查接线\n2.型号：详见图纸\n3.容量(kW)：15kW及以下\n4.启动方式：详见设计图纸\n5.电压等级(kV)：1kV及以下\n6.金属软管安装（配套塑料接头）","台","2",{"v":172.46066499999998,"d":"172.46"},{"v":344.92132999999995,"d":"344.92"}]
["71","030406006012","低压交流异步电动机","1.名称：低压交流异步电动机检查接线\n2.型号：详见图纸\n3.容量(kW)：30kW及以下\n4.启动方式：详见设计图纸\n5.电压等级(kV)：1kV及以下\n6.金属软管安装（配套塑料接头）","台","1",{"v":383.02972,"d":"383.03"},{"v":383.02972,"d":"383.03"}]
["72","030406006013","低压交流异步电动机","1.名称：低压交流异步电动机检查接线\n2.型号：详见图纸\n3.容量(kW)：75kW及以下\n4.启动方式：详见设计图纸\n5.电压等级(kV)：1kV及以下\n6.金属软管安装（配套塑料接头）","台","1",{"v":512.0557249999999,"d":"512.06"},{"v":512.0557249999999,"d":"512.06"}]
["73","WB030414009004","低压交流异步电动机","1.名称：低压交流异步电动机调试\n2.型号：详见设计图纸\n3.控制保护方式：带过流保护","台","4",{"v":1024.202145,"d":"1024.20"},{"v":4096.80858,"d":"4096.81"}]
["74","030414002003","送配电装置系统","1.名称：送配电装置系统\n2.型号：详见设计图纸\n3.电压等级（kV）：1kV以下\n4.类型：低压交流断路器回路","系统","6",{"v":228.17212999999998,"d":"228.17"},{"v":1369.03278,"d":"1369.03"}]
[null,null,"204（10）筛分间变电所电气安装工程"]
["1","030409005004","避雷网","1.名称：避雷网敷设\n2.材质：热镀锌\n3.规格：Φ10圆钢\n4.安装形式：沿支架敷设\n5.其他：详见设计图纸及规范要求","m","70.00",{"v":8.418145,"d":"8.42"},{"$f":"G559*F559","v":{"v":589.2701500000001,"d":"589.27"}}]
["2","030409003013","避雷引下线","1.名称：避雷引下线敷设\n2.材质：利用柱中两根主筋做防雷引下线\n3.规格：详见设计图纸\n4.安装部位：详见设计图纸\n5.安装形式：详见设计图纸\n6.其他：详见设计图纸及规范要求","m","60.00",{"v":4.147235,"d":"4.15"},{"v":248.8341,"d":"248.83"}]
["3","WB030409003008","接地跨接线","1.名称：接地跨接线安装 \n2.跨接方式：接地网","10处","0.6",{"v":42.131949999999996,"d":"42.13"},{"v":25.279169999999997,"d":"25.28"}]
["4","030409002010","接地母线","1.名称：接地母线敷设\n2.材质：热镀锌\n3.规格：扁钢-40×4\n4.安装部位：户外\n5.安装形式：详见设计图纸\n6.其他：详见设计图纸及规范要求","m","125.00",{"v":10.248535,"d":"10.25"},{"v":1281.066875,"d":"1281.07"}]
["5","030409002011","接地母线","1.名称：接地母线敷设\n2.材质：热镀锌\n3.规格：扁钢-40×4\n4.安装部位：户内\n5.安装形式：详见设计图纸\n6.其他：详见设计图纸及规范要求","m","70.00",{"v":4.2544200000000005,"d":"4.25"},{"v":297.80940000000004,"d":"297.81"}]
["6","WB030409002007","柱主筋与圈梁钢筋焊接","1.名称：柱主筋与圈梁钢筋焊接","处","10",{"v":13.07657,"d":"13.08"},{"v":130.7657,"d":"130.77"}]
["7","030409008006","等电位端子箱、测试板","1.名称：接地连接片预埋\n2.材质：详见设计图纸\n3.规格：角钢63×63×5，L=100mm\n4.其他：详见设计图纸及规范要求","个","16",{"v":3.6855149999999997,"d":"3.69"},{"v":58.968239999999994,"d":"58.97"}]
["8","030414011007","接地装置","1.名称：接地系统调试\n2.类别：接地网","系统","1",{"v":277.78229500000003,"d":"277.78"},{"v":277.78229500000003,"d":"277.78"}]
["9","030402017004","高压成套配电柜","1.名称：高压开关柜安装\n2.型号：详见设计图纸\n3.规格：断路器柜\n4.接地\n5.设备不进价\n6.其他：详见设计图纸及规范要求","台","2",{"v":1133.3576999999998,"d":"1133.36"},{"v":2266.7153999999996,"d":"2266.72"}]
["10","030401002002","干式变压器","1.名称：电力变压器安装\n2.型号：SCB13-2000/6，D/yn111，6/0.4kV\n3.容量（kVA）：2000\n4.电压（kV）：6/0.4\n5.带保护罩\n6.接地\n7.设备不进价\n8.其他：详见设计图纸及规范要求","台","2",{"v":2516.0936699999997,"d":"2516.09"},{"v":5032.1873399999995,"d":"5032.19"}]
["11","WB030402004003","低压成套配电柜","1.名称：低压开关柜安装\n2.型号规格：详见设计图纸\n3.接地\n4.设备不进价\n5.其他：详见设计图纸及规范要求","台","15",{"v":609.5528499999999,"d":"609.55"},{"v":9143.292749999999,"d":"9143.29"}]
["12","030404009002","低压电容器柜","1.名称：动态电容滤波补偿柜安装\n2.型号规格：350kVar/台，详见设计图纸\n3.接地\n4.设备不进价\n5.其他：详见设计图纸及规范要求","台","4",{"v":298.64214499999997,"d":"298.64"},{"v":1194.5685799999999,"d":"1194.57"}]
["13","030403006002","低压封闭式插接母线槽","1.名称：低压母线桥安装\n2.母线规格：TMY-4*2(125×8)\n3.容量(A)：详见设计图纸\n4.主材不进价","m","12.00",{"v":69.29922499999999,"d":"69.30"},{"v":831.5907,"d":"831.59"}]
["14","030403003005","带形母线","1.名称：低压开关柜母线安装\n2.型号规格：TMY-2(125×8)\n3.主材不进价\n4.其他：详见设计图纸及规范要求","m","83.20",{"v":95.88935,"d":"95.89"},{"v":7977.99392,"d":"7977.99"}]
["15","030403003006","带形母线","1.名称：低压开关柜母线安装\n2.型号规格：TMY-80×8\n3.主材不进价\n4.其他：详见设计图纸及规范要求","m","20.80",{"v":17.24854,"d":"17.25"},{"v":358.769632,"d":"358.77"}]
["16","WB030413004004","基础槽钢","1.名称：基础槽钢制作及安装\n2.材质：热镀锌\n3.规格：10#槽钢\n4.接地","m","64.00",{"v":13.75266,"d":"13.75"},{"v":880.17024,"d":"880.17"}]
["17","030411001094","配管","1.名称：保护管敷设\n2.材质：镀锌钢管\n3.规格：SC32\n4.配置形式：暗配\n5.接地\n6.其他：详见设计图纸及规范要求","m","5.00",{"v":6.87633,"d":"6.88"},{"v":34.38165,"d":"34.38"}]
["18","030411001095","配管","1.名称：保护管敷设\n2.材质：硬塑料管\n3.规格：PC20\n4.配置形式：暗配\n5.其他：详见设计图纸及规范要求","m","150.00",{"v":4.27091,"d":"4.27"},{"v":640.6365,"d":"640.64"}]
["19","030411001096","配管","1.名称：保护管敷设\n2.材质：硬塑料管\n3.规格：PC25\n4.配置形式：暗配\n5.其他：详见设计图纸及规范要求","m","20.00",{"v":4.48528,"d":"4.49"},{"v":89.7056,"d":"89.71"}]
["20","030411001097","配管","1.名称：保护管敷设\n2.材质：镀锌\n3.规格：JDG20\n4.配置形式：暗配\n5.其他：详见设计图纸及规范要求","m","175.00",{"v":8.698475,"d":"8.70"},{"v":1522.233125,"d":"1522.23"}]
["21","030408001053","电力电缆","1.名称：电力电缆敷设\n2.型号规格：ZR-YJV-6/6kV-3×120\n3.材质：铜芯\n4.敷设方式、部位：桥架、穿管或电缆沟\n5.电压等级（kV）：6/6kV\n6.接地、固定及挂牌\n7.防火堵洞\n8.主材不进价\n9.其他：详见设计图纸及规范要求","m","30.00",{"v":9.374564999999999,"d":"9.37"},{"v":281.23695,"d":"281.24"}]
["22","030408001054","电力电缆","1.名称：电力电缆敷设\n2.型号规格：ZR-YJV-0.6/1kV-5×6\n3.材质：铜芯\n4.敷设方式、部位：桥架、穿管或电缆沟\n5.电压等级（kV）：0.6/1kV\n6.接地、固定及挂牌\n7.防火堵洞\n8.主材不进价\n9.其他：详见设计图纸及规范要求","m","22.00",{"v":4.229685,"d":"4.23"},{"v":93.05306999999999,"d":"93.05"}]
["23","030408006035","电力电缆头","1.名称：电力电缆终端头制安\n2.型号规格：120mm2及以下\n3.材质、类型：铜芯 热(冷)缩式\n4.安装部位：室内\n5.电压等级(kV)：10kV以下\n6.接线、固定\n7.其他：详见设计图纸及规范要求","个","4",{"v":159.400585,"d":"159.40"},{"v":637.60234,"d":"637.60"}]
["24","030408006036","电力电缆头","1.名称：电力电缆终端头制安\n2.型号规格：10mm2及以下\n3.材质、类型：铜芯 干包式\n4.安装部位：室内\n5.电压等级(kV)：1kV以下\n6.接线、固定\n7.其他：详见设计图纸及规范要求","个","2",{"v":47.95292,"d":"47.95"},{"v":95.90584,"d":"95.91"}]
["25","030411004013","配线","1.名称：导线敷设\n2.型号规格：ZR-BV-0.45/0.75kV-2.5mm2\n3.敷设方式：穿管\n4.接线\n5.其他：详见设计图纸及规范要求","m","550.00",{"v":0.80801,"d":"0.81"},{"v":444.4055,"d":"444.41"}]
["26","030411004014","配线","1.名称：导线敷设\n2.型号规格：NH-BV-0.45/0.75kV-4mm2\n3.敷设方式：穿管\n4.接线\n5.其他：详见设计图纸及规范要求","m","22.00",{"v":0.585395,"d":"0.59"},{"v":12.87869,"d":"12.88"}]
["27","030411004015","配线","1.名称：导线敷设\n2.型号规格：NH-RVS-0.45/0.75kV-2*2.5mm2\n3.敷设方式：穿管\n4.接线\n5.其他：详见设计图纸及规范要求","m","170.00",{"v":0.8245,"d":"0.82"},{"v":140.165,"d":"140.17"}]
["28","030404017025","配电箱","1.名称：照明配电箱+AL1\n2.型号规格：详见设计图纸\n3.安装方式：底边距地1.5米\n4.接地\n5.设备不进价\n6.其他：详见设计图纸及规范要求","台","1",{"v":137.27925,"d":"137.28"},{"v":137.27925,"d":"137.28"}]
["29","WB030904012004","A型应急照明集中电源","1.名称：消防应急照明配电箱+ALE\n2.型号规格：详见设计图纸\n3.安装方式：底边距地1.4米\n4.接地\n5.设备不进价\n6.其他：详见设计图纸及规范要求","台","1",{"v":137.27925,"d":"137.28"},{"v":137.27925,"d":"137.28"}]
["30","030412005005","荧光灯","1.名称：固定式悬挂灯安装\n2.型号规格：GFD6110-XL36，1×36LED，配套蓄电池，放电时间≥30min\n3.安装形式：管吊式\n4.主材不进价\n5.其他：详见设计图纸及规范要求","套","18",{"v":9.489995,"d":"9.49"},{"v":170.81991,"d":"170.82"}]
["31","WB030904013011","智能照明灯/指示灯","1.名称：A型应急照明灯安装\n2.型号规格：36V，5W，IP30，自带蓄电池\n3.安装形式：壁装式\n4.主材不进价\n5.其他：详见设计图纸及规范要求","套","9",{"v":14.156665,"d":"14.16"},{"v":127.409985,"d":"127.41"}]
["32","WB030904013012","智能照明灯/指示灯","1.名称：A型出口标志灯安装\n2.型号规格：36V，1W，IP30，自带蓄电池\n3.安装形式：壁装式\n4.主材不进价\n5.其他：详见设计图纸及规范要求","套","3",{"v":14.156665,"d":"14.16"},{"v":42.469995,"d":"42.47"}]
["33","WB030904013013","智能照明灯/指示灯","1.名称：A型方向标志灯安装\n2.型号规格：36V，1W，IP30，自带蓄电池\n3.安装形式：壁装式\n4.主材不进价\n5.其他：详见设计图纸及规范要求","套","6",{"v":14.156665,"d":"14.16"},{"v":84.93999,"d":"84.94"}]
["34","030404034006","照明开关","1.名称：双联单控暗开关安装\n2.材质：详见设计图纸\n3.规格：250V，10A\n4.安装方式：距地1.4米，暗装","个","1",{"v":4.147235,"d":"4.15"},{"v":4.147235,"d":"4.15"}]
["35","030404034007","照明开关","1.名称：三联单控暗开关安装\n2.材质：详见设计图纸\n3.规格：250V，10A\n4.安装方式：距地1.4米，暗装","个","1",{"v":4.147235,"d":"4.15"},{"v":4.147235,"d":"4.15"}]
["36","030404035005","插座","1.名称：单相接地暗插座安装\n2.材质：详见设计图纸\n3.规格：250V，10A\n4.安装方式：距地0.4米，暗装","个","9",{"v":4.9222649999999994,"d":"4.92"},{"v":44.30038499999999,"d":"44.30"}]
["37","030411006009","接线盒","1.名称：接线盒安装\n2.材质：塑料\n3.规格：86型\n4.安装形式：暗装","个","29",{"v":2.90224,"d":"2.90"},{"v":84.16496,"d":"84.16"}]
["38","030411006010","接线盒","1.名称：接线盒安装\n2.材质：钢制\n3.规格：86型\n4.安装形式：暗装","个","22",{"v":2.90224,"d":"2.90"},{"v":63.84928,"d":"63.85"}]
["39","030413001019","铁构件","1.名称：一般铁构件制作及安装\n2.材质：热镀锌\n3.规格：角钢或槽钢\n4.如固定采用螺栓应为热镀锌螺栓\n5.含灯具、配管支架等\n6.其他：详见设计图纸及规范要求","t","0.400",{"v":8002.432099999998,"d":"8002.43"},{"v":3200.9728399999995,"d":"3200.97"}]
["40","030414008003","母线","1.名称：母线系统调试\n2.电压等级（kV）：1kV以下","段","2",{"v":262.191,"d":"262.19"},{"v":524.382,"d":"524.38"}]
["41","WB030414026003","避雷器调试","1.名称：避雷器调试\n2.电压等级（kV）：10kV以下","组","2",{"v":327.384215,"d":"327.38"},{"v":654.76843,"d":"654.77"}]
["42","030414001002","电力变压器系统","1.名称：电力变压器系统调试\n2.型号：SCB13-2000/6，D/yn111，6/0.4kV\n3.容量(kVA)：2000\n4.配套高压出线柜调试","系统","2",{"v":2858.863055,"d":"2858.86"},{"v":5717.72611,"d":"5717.73"}]
["43","030414010002","电容器","1.名称：无功补偿装置系统调试\n2.电压等级（kV）：1kV以下","组","4",{"v":562.44092,"d":"562.44"},{"v":2249.76368,"d":"2249.76"}]
["44","030414004003","自动投入装置","1.名称：自动投入装置调试\n2.类型：备用电源互投切","系统","2",{"v":778.006445,"d":"778.01"},{"v":1556.01289,"d":"1556.01"}]
["45","030414002004","送配电装置系统","1.名称：送配电装置系统\n2.型号：详见设计图纸\n3.电压等级（kV）：1kV以下\n4.类型：低压交流断路器回路","系统","44",{"v":228.17212999999998,"d":"228.17"},{"v":10039.573719999999,"d":"10039.57"}]
[null,null,"206（1）混合骨料库电气安装工程"]
["1","030409003014","避雷引下线","1.名称：避雷引下线敷设\n2.材质：利用柱中两根主筋做防雷引下线\n3.规格：详见设计图纸\n4.安装部位：详见设计图纸\n5.安装形式：详见设计图纸\n6.其他：详见设计图纸及规范要求","m","135.00",{"v":8.302715,"d":"8.30"},{"$f":"G605*F605","v":{"v":1120.866525,"d":"1120.87"}}]
["2","030409003015","避雷引下线","1.名称：避雷引下线敷设\n2.材质：利用钢柱做防雷引下线\n3.规格：详见设计图纸\n4.安装部位：详见设计图纸\n5.安装形式：详见设计图纸\n6.其他：详见设计图纸及规范要求","m","2255.00",{"v":1.5500599999999998,"d":"1.55"},{"v":3495.3852999999995,"d":"3495.39"}]
["3","WB030409003009","接地跨接线","1.名称：接地跨接线安装 \n2.跨接方式：接地网","10处","5.6",{"v":84.18144999999998,"d":"84.18"},{"v":471.41611999999986,"d":"471.42"}]
["4","030409002012","接地母线","1.名称：接地母线敷设\n2.材质：热镀锌\n3.规格：扁钢-40×5\n4.安装部位：户外\n5.安装形式：详见设计图纸\n6.其他：详见设计图纸及规范要求","m","90.00",{"v":20.488825000000002,"d":"20.49"},{"v":1843.9942500000002,"d":"1843.99"}]
["5","030409002013","接地母线","1.名称：接地母线敷设\n2.材质：热镀锌\n3.规格：扁钢-40×4\n4.安装部位：户外\n5.安装形式：详见设计图纸\n6.其他：详见设计图纸及规范要求","m","720.00",{"v":20.488825000000002,"d":"20.49"},{"v":14751.954000000002,"d":"14751.95"}]
["6","030409002014","接地母线","1.名称：接地母线敷设\n2.材质：热镀锌\n3.规格：扁钢-25×4\n4.安装部位：户内\n5.安装形式：详见设计图纸\n6.其他：详见设计图纸及规范要求","m","1230.00",{"v":8.475859999999999,"d":"8.48"},{"v":10425.307799999999,"d":"10425.31"}]
["7","030409001001","接地极","1.名称：接地极制安\n2.材质：热镀锌\n3.规格：角钢∠50×5，L=2500mm\n4.其他：详见设计图纸及规范要求","根","14",{"v":28.11545,"d":"28.12"},{"v":393.61629999999997,"d":"393.62"}]
["8","WB030409002008","柱主筋与圈梁钢筋焊接","1.名称：柱主筋与圈梁钢筋焊接","处","56",{"v":26.169629999999998,"d":"26.17"},{"v":1465.49928,"d":"1465.50"}]
["9","030409008007","等电位端子箱、测试板","1.名称：接地连接片预埋\n2.材质：详见设计图纸 \n3.规格：钢板100×100×10\n4.其他：详见设计图纸及规范要求","个","112",{"v":7.371029999999999,"d":"7.37"},{"v":825.55536,"d":"825.56"}]
["10","WB030409001001","断接卡子制作、安装","1.名称：接地电阻检测点制安","套","6",{"v":19.301544999999997,"d":"19.30"},{"v":115.80926999999998,"d":"115.81"}]
["11","030414011008","接地装置","1.名称：接地系统调试\n2.类别：接地网","系统","1",{"v":555.556345,"d":"555.56"},{"v":555.556345,"d":"555.56"}]
["12","030404017026","配电箱","1.名称：检修电源箱安装\n2.型号规格：详见设计图纸\n3.安装方式：底边距地1.5m\n4.接地\n5.设备不进价\n6.其他：详见设计图纸及规范要求","台","2",{"v":137.27925,"d":"137.28"},{"v":274.5585,"d":"274.56"}]
["13","030404019005","控制开关","1.名称：铁壳开关安装\n2.型号规格:HH4-30/3Z\n3.额定电流(A)：30A\n3.安装方式：底边距地1.5m\n4.接地\n5.主材不进价\n6.其他：详见设计图纸及规范要求","个","2",{"v":43.393435,"d":"43.39"},{"v":86.78687,"d":"86.79"}]
["14","030411003010","桥架","1.名称：电缆桥架安装\n2.型号：详见设计图纸\n3.规格：600×150\n4.材质：热镀锌\n5.类型：梯式\n6.接地\n7.主材不进价\n8.其他：详见设计图纸及规范要求","m","680.00",{"v":29.56657,"d":"29.57"},{"v":20105.2676,"d":"20105.27"}]
["15","030411003011","桥架","1.名称：电缆桥架安装（含盖板）\n2.型号：详见设计图纸\n3.规格：600×150\n4.材质：热镀锌\n5.类型：梯式，含盖板\n6.接地\n7.主材不进价\n8.其他：详见设计图纸及规范要求","m","185.00",{"v":38.43819,"d":"38.44"},{"v":7111.065149999999,"d":"7111.07"}]
["16","030413001020","铁构件","1.名称：电缆桥架成品托臂安装\n2.材质：热镀锌\n3.规格：配600×105桥架使用\n4.如固定采用螺栓应为热镀锌螺栓\n5.主材不进价\n6.其他：详见设计图纸及规范要求","个","322",{"v":17.603075,"d":"17.60"},{"v":5668.19015,"d":"5668.19"}]
["17","030411001098","配管","1.名称：保护管敷设\n2.材质：镀锌钢管\n3.规格：SC20\n4.配置形式：明配\n5.接地\n6.其他：详见设计图纸及规范要求","m","1550.00",{"v":10.487639999999999,"d":"10.49"},{"v":16255.841999999999,"d":"16255.84"}]
["18","030411001099","配管","1.名称：保护管敷设\n2.材质：镀锌钢管\n3.规格：SC40\n4.配置形式：明配\n5.接地\n6.其他：详见设计图纸及规范要求","m","20.00",{"v":15.954075,"d":"15.95"},{"v":319.0815,"d":"319.08"}]
["19","030411001100","配管","1.名称：保护管敷设\n2.材质：镀锌钢管\n3.规格：SC50\n4.配置形式：明配\n5.接地\n6.其他：详见设计图纸及规范要求","m","140.00",{"v":17.339235,"d":"17.34"},{"v":2427.4928999999997,"d":"2427.49"}]
["20","030411001101","配管","1.名称：保护管敷设\n2.材质：包塑金属软管\n3.规格：DN40\n4.配专用接头\n5.其他：详见设计图纸及规范要求","m","6.00",{"v":24.347485000000002,"d":"24.35"},{"v":146.08491,"d":"146.08"}]
["21","030411001102","配管","1.名称：保护管敷设\n2.材质：包塑金属软管\n3.规格：DN50\n4.配专用接头\n5.其他：详见设计图纸及规范要求","m","41.00",{"v":27.727935,"d":"27.73"},{"v":1136.845335,"d":"1136.85"}]
["22","030408001055","电力电缆","1.名称：电力电缆敷设\n2.型号规格：NH-YJV-0.6/1kV-3×2.5\n3.材质：铜芯\n4.敷设方式、部位：桥架、穿管或电缆沟\n5.电压等级（kV）：0.6/1kV\n6.接地、固定及挂牌\n7.防火堵洞\n8.主材不进价\n9.其他：详见设计图纸及规范要求","m","10.00",{"v":3.6855149999999997,"d":"3.69"},{"v":36.855149999999995,"d":"36.86"}]
["23","030408001056","电力电缆","1.名称：电力电缆敷设\n2.型号规格：ZR-YJV-0.6/1kV-5×6\n3.材质：铜芯\n4.敷设方式、部位：桥架、穿管或电缆沟\n5.电压等级（kV）：0.6/1kV\n6.接地、固定及挂牌\n7.防火堵洞\n8.主材不进价\n9.其他：详见设计图纸及规范要求","m","170.00",{"v":4.229685,"d":"4.23"},{"v":719.0464499999999,"d":"719.05"}]
["24","030408001057","电力电缆","1.名称：电力电缆敷设\n2.型号规格：ZR-YJV-0.6/1kV-5×10\n3.材质：铜芯\n4.敷设方式、部位：桥架、穿管或电缆沟\n5.电压等级（kV）：0.6/1kV\n6.接地、固定及挂牌\n7.防火堵洞\n8.主材不进价\n9.其他：详见设计图纸及规范要求","m","6455.00",{"v":4.229685,"d":"4.23"},{"v":27302.616675,"d":"27302.62"}]
["25","030408001058","电力电缆","1.名称：电力电缆敷设\n2.型号规格：ZR-YJV-0.6/1kV-5×16\n3.材质：铜芯\n4.敷设方式、部位：桥架、穿管或电缆沟\n5.电压等级（kV）：0.6/1kV\n6.接地、固定及挂牌\n7.防火堵洞\n8.主材不进价\n9.其他：详见设计图纸及规范要求","m","550.00",{"v":4.9222649999999994,"d":"4.92"},{"v":2707.2457499999996,"d":"2707.25"}]
["26","030408001059","电力电缆","1.名称：电力电缆敷设\n2.型号规格：ZR-YJV-0.6/1kV-3×25+2×16\n3.材质：铜芯\n4.敷设方式、部位：桥架、穿管或电缆沟\n5.电压等级（kV）：0.6/1kV\n6.接地、固定及挂牌\n7.防火堵洞\n8.主材不进价\n9.其他：详见设计图纸及规范要求","m","200.00",{"v":6.1342799999999995,"d":"6.13"},{"v":1226.856,"d":"1226.86"}]
["27","WB030407002001","移动软电缆","1.名称：单梁起重机移动软电缆敷设\n2.型号规格：ZR-YCW-0.45/0.75kV-5×6\n3.安装方式：沿钢索\n4.主材不进价\n5.其他：详见设计图纸及规范要求机","套","2",{"v":1376.9974499999998,"d":"1377.00"},{"v":2753.9948999999997,"d":"2753.99"}]
["28","030408006037","电力电缆头","1.名称：电力电缆终端头制安\n2.型号规格：10mm2及以下\n3.材质、类型：铜芯 干包式\n4.安装部位：室内\n5.电压等级(kV)：1kV以下\n6.接线、固定\n7.其他：详见设计图纸及规范要求","个","90",{"v":47.95292,"d":"47.95"},{"v":4315.7627999999995,"d":"4315.76"}]
["29","030408006038","电力电缆头","1.名称：电力电缆终端头制安\n2.型号规格：16mm2及以下\n3.材质、类型：铜芯 干包式\n4.安装部位：室内\n5.电压等级(kV)：1kV以下\n6.接线、固定\n7.其他：详见设计图纸及规范要求","个","6",{"v":59.364000000000004,"d":"59.36"},{"v":356.184,"d":"356.18"}]
["30","030408006039","电力电缆头","1.名称：电力电缆终端头制安\n2.型号规格：35mm2及以下\n3.材质、类型：铜芯 干包式\n4.安装部位：室内\n5.电压等级(kV)：1kV以下\n6.接线、固定\n7.其他：详见设计图纸及规范要求","个","2",{"v":82.50771499999999,"d":"82.51"},{"v":165.01542999999998,"d":"165.02"}]
["31","030411004016","配线","1.名称：导线敷设\n2.型号规格：ZR-BV-0.45/0.75kV-2.5mm2\n3.敷设方式：穿管\n4.接线\n5.其他：详见设计图纸及规范要求","m","3500.00",{"v":0.80801,"d":"0.81"},{"v":2828.035,"d":"2828.04"}]
["32","030411004017","配线","1.名称：导线敷设\n2.型号规格：NH-RVS-0.45/0.75kV-2*2.5mm2\n3.敷设方式：穿管\n4.接线\n5.其他：详见设计图纸及规范要求","m","560.00",{"v":0.8245,"d":"0.82"},461.72]
["33","030404017027","配电箱","1.名称：照明配电箱+AL1\n2.型号规格：详见设计图纸\n3.安装方式：底边距地1.5米\n4.接地\n5.设备不进价\n6.其他：详见设计图纸及规范要求","台","1",{"v":137.27925,"d":"137.28"},{"v":137.27925,"d":"137.28"}]
["34","030404017028","配电箱","1.名称：照明配电箱+AL2\n2.型号规格：详见设计图纸\n3.安装方式：底边距地1.5米\n4.接地\n5.设备不进价\n6.其他：详见设计图纸及规范要求","台","1",{"v":137.27925,"d":"137.28"},{"v":137.27925,"d":"137.28"}]
["35","WB030904012005","A型应急照明集中电源","1.名称：消防应急照明配电箱+ALE\n2.型号规格：详见设计图纸\n3.安装方式：底边距地1.5米\n4.接地\n5.设备不进价\n6.其他：详见设计图纸及规范要求","台","1",{"v":137.27925,"d":"137.28"},{"v":137.27925,"d":"137.28"}]
["36","030412002012","工厂灯","1.名称：免维护节能防尘防腐防水工厂灯安装\n2.型号规格：JHGF980-LED200W（可调节活动支架） 220V200W 光源LED\n3.安装形式：详见设计图纸\n4.主材不进价\n5.其他：详见设计图纸及规范要求","套","29",{"v":25.031819999999996,"d":"25.03"},{"v":725.9227799999999,"d":"725.92"}]
["37","030413001021","铁构件","1.名称：工厂灯活动支架安装\n2.型号规格：详见设计图纸\n3.主材不进价\n4.其他：详见设计图纸及规范要求","个","29",{"v":5.004715,"d":"5.00"},{"v":145.136735,"d":"145.14"}]
["38","WB030904013014","智能照明灯/指示灯","1.名称：A型应急照明灯安装\n2.型号规格：36V，5W，IP30，应急时间≥0.5h\n3.安装形式：壁装式\n4.主材不进价\n5.其他：详见设计图纸及规范要求","套","12",{"v":28.305085,"d":"28.31"},{"v":339.66102,"d":"339.66"}]
["39","WB030904013015","智能照明灯/指示灯","1.名称：A型出口标志灯安装\n2.型号规格：36V，1W，IP30，应急时间≥0.5h\n3.安装形式：壁装式\n4.主材不进价\n5.其他：详见设计图纸及规范要求","套","9",{"v":28.305085,"d":"28.31"},{"v":254.74576499999998,"d":"254.75"}]
["40","030411006011","接线盒","1.名称：接线盒安装\n2.材质：钢制\n3.规格：86型\n4.安装形式：明装","个","50",{"v":4.79859,"d":"4.80"},{"v":239.9295,"d":"239.93"}]
["41","WB030411001001","钢索架设","1.名称：钢索架设\n2.规格：详见设计图纸\n3.其他：详见设计图纸及规范要求","10m","3.040",{"v":17.528869999999998,"d":"17.53"},{"v":53.28776479999999,"d":"53.29"}]
["42","WB030411002001","钢索拉紧装置","1.名称：钢索拉紧装置安装\n2.规格：详见设计图纸\n3.其他：详见设计图纸及规范要求","套","4",{"v":57.310995,"d":"57.31"},{"v":229.24398,"d":"229.24"}]
["43","030413001022","铁构件","1.名称：电缆桥架支架制作及安装\n2.材质：热镀锌\n3.规格：角钢或槽钢\n4.如固定采用螺栓应为热镀锌螺栓\n5.其他：详见设计图纸及规范要求","t","1.460",{"v":6632.071875,"d":"6632.07"},{"v":9682.8249375,"d":"9682.82"}]
["44","030413001023","铁构件","1.名称：一般铁构件制作及安装\n2.材质：热镀锌\n3.规格：角钢或槽钢\n4.如固定采用螺栓应为热镀锌螺栓\n5.含灯具、配管支架等\n6.其他：详见设计图纸及规范要求","t","0.800",{"v":8002.432099999998,"d":"8002.43"},{"v":6401.945679999999,"d":"6401.95"}]
[null,null,"206（2）石屑、机制砂库电气安装工程"]
["1","030409003016","避雷引下线","1.名称：避雷引下线敷设\n2.材质：利用柱中两根主筋做防雷引下线\n3.规格：详见设计图纸\n4.安装部位：详见设计图纸\n5.安装形式：详见设计图纸\n6.其他：详见设计图纸及规范要求","m","120.00",{"v":8.302715,"d":"8.30"},{"$f":"G650*F650","v":{"v":996.3257999999998,"d":"996.33"}}]
["2","030409003017","避雷引下线","1.名称：避雷引下线敷设\n2.材质：利用钢柱做防雷引下线\n3.规格：详见设计图纸\n4.安装部位：详见设计图纸\n5.安装形式：详见设计图纸\n6.其他：详见设计图纸及规范要求","m","1760.00",{"v":1.5500599999999998,"d":"1.55"},{"v":2728.1055999999994,"d":"2728.11"}]
["3","WB030409003010","接地跨接线","1.名称：接地跨接线安装 \n2.跨接方式：接地网","10处","5.0",{"v":84.18144999999998,"d":"84.18"},{"v":420.9072499999999,"d":"420.91"}]
["4","030409002015","接地母线","1.名称：接地母线敷设\n2.材质：热镀锌\n3.规格：扁钢-40×5\n4.安装部位：户外\n5.安装形式：详见设计图纸\n6.其他：详见设计图纸及规范要求","m","90.00",{"v":20.488825000000002,"d":"20.49"},{"v":1843.9942500000002,"d":"1843.99"}]
["5","030409002016","接地母线","1.名称：接地母线敷设\n2.材质：热镀锌\n3.规格：扁钢-40×4\n4.安装部位：户外\n5.安装形式：详见设计图纸\n6.其他：详见设计图纸及规范要求","m","635.00",{"v":20.488825000000002,"d":"20.49"},{"v":13010.403875000002,"d":"13010.40"}]
["6","030409002017","接地母线","1.名称：接地母线敷设\n2.材质：热镀锌\n3.规格：扁钢-25×4\n4.安装部位：户内\n5.安装形式：详见设计图纸\n6.其他：详见设计图纸及规范要求","m","1300.00",{"v":8.475859999999999,"d":"8.48"},{"v":11018.617999999999,"d":"11018.62"}]
["7","030409001002","接地极","1.名称：接地极制安\n2.材质：热镀锌\n3.规格：角钢∠50×5，L=2500mm\n4.其他：详见设计图纸及规范要求","根","14",{"v":28.11545,"d":"28.12"},{"v":393.61629999999997,"d":"393.62"}]
["8","WB030409002009","柱主筋与圈梁钢筋焊接","1.名称：柱主筋与圈梁钢筋焊接","处","50",{"v":26.169629999999998,"d":"26.17"},{"v":1308.4814999999999,"d":"1308.48"}]
["9","030409008008","等电位端子箱、测试板","1.名称：接地连接片预埋\n2.材质：详见设计图纸 \n3.规格：钢板100×100×10\n4.其他：详见设计图纸及规范要求","个","100",{"v":7.371029999999999,"d":"7.37"},{"v":737.103,"d":"737.10"}]
["10","WB030409001002","断接卡子制作、安装","1.名称：接地电阻检测点制安","套","6",{"v":19.301544999999997,"d":"19.30"},{"v":115.80926999999998,"d":"115.81"}]
["11","030414011009","接地装置","1.名称：接地系统调试\n2.类别：接地网","系统","1",{"v":555.556345,"d":"555.56"},{"v":555.556345,"d":"555.56"}]
["12","030404016009","控制箱","1.名称：23#、24胶带运输机现场控制箱安装\n2.型号规格：详见设计图纸\n3.安装方式：底边距地1.5m\n4.接地\n5.设备不进价\n6.其他：详见设计图纸及规范要求","台","2",{"v":1205.460225,"d":"1205.46"},{"v":2410.92045,"d":"2410.92"}]
["13","030404017029","配电箱","1.名称：检修电源箱安装\n2.型号规格：详见设计图纸\n3.安装方式：底边距地1.5m\n4.接地\n5.设备不进价\n6.其他：详见设计图纸及规范要求","台","1",{"v":177.325215,"d":"177.33"},{"v":177.325215,"d":"177.33"}]
["14","030404019006","控制开关","1.名称：铁壳开关安装\n2.型号规格:HH4-30/3Z\n3.额定电流(A)：30A\n3.安装方式：底边距地1.5m\n4.接地\n5.主材不进价\n6.其他：详见设计图纸及规范要求","个","2",{"v":43.393435,"d":"43.39"},{"v":86.78687,"d":"86.79"}]
["15","030411003012","桥架","1.名称：电缆桥架安装\n2.型号：详见设计图纸\n3.规格：600×150\n4.材质：热镀锌\n5.类型：梯式\n6.接地\n7.主材不进价\n8.其他：详见设计图纸及规范要求","m","680.00",{"v":29.56657,"d":"29.57"},{"v":20105.2676,"d":"20105.27"}]
["16","030411003013","桥架","1.名称：电缆桥架安装（含盖板）\n2.型号：详见设计图纸\n3.规格：600×150\n4.材质：热镀锌\n5.类型：梯式，含盖板\n6.接地\n7.主材不进价\n8.其他：详见设计图纸及规范要求","m","280.00",{"v":38.43819,"d":"38.44"},{"v":10762.6932,"d":"10762.69"}]
["17","030413001024","铁构件","1.名称：电缆桥架成品托臂安装\n2.材质：热镀锌\n3.规格：配600×105桥架使用\n4.如固定采用螺栓应为热镀锌螺栓\n5.主材不进价\n6.其他：详见设计图纸及规范要求","个","317",{"v":17.603075,"d":"17.60"},{"v":5580.174775,"d":"5580.17"}]
["18","030411001103","配管","1.名称：保护管敷设\n2.材质：镀锌钢管\n3.规格：SC25\n4.配置形式：暗配\n5.接地\n6.其他：详见设计图纸及规范要求","m","40.00",{"v":6.521795,"d":"6.52"},{"v":260.8718,"d":"260.87"}]
["19","030411001104","配管","1.名称：保护管敷设\n2.材质：镀锌钢管\n3.规格：SC32\n4.配置形式：暗配\n5.接地\n6.其他：详见设计图纸及规范要求","m","8.00",{"v":6.87633,"d":"6.88"},{"v":55.01064,"d":"55.01"}]
["20","030411001105","配管","1.名称：保护管敷设\n2.材质：镀锌钢管\n3.规格：SC100\n4.配置形式：暗配\n5.接地\n6.其他：详见设计图纸及规范要求","m","3.00",{"v":24.957614999999997,"d":"24.96"},{"v":74.87284499999998,"d":"74.87"}]
["21","030411001106","配管","1.名称：保护管敷设\n2.材质：镀锌钢管\n3.规格：SC125\n4.配置形式：暗配\n5.接地\n6.其他：详见设计图纸及规范要求","m","5.00",{"v":26.13665,"d":"26.14"},{"v":130.68325,"d":"130.68"}]
["22","030411001107","配管","1.名称：保护管敷设\n2.材质：镀锌钢管\n3.规格：SC20\n4.配置形式：明配\n5.接地\n6.其他：详见设计图纸及规范要求","m","1480.00",{"v":10.487639999999999,"d":"10.49"},{"v":15521.707199999999,"d":"15521.71"}]
["23","030411001108","配管","1.名称：保护管敷设\n2.材质：镀锌钢管\n3.规格：SC25\n4.配置形式：明配\n5.接地\n6.其他：详见设计图纸及规范要求","m","310.00",{"v":11.559489999999998,"d":"11.56"},{"v":3583.4418999999994,"d":"3583.44"}]
["24","030411001109","配管","1.名称：保护管敷设\n2.材质：镀锌钢管\n3.规格：SC32\n4.配置形式：明配\n5.接地\n6.其他：详见设计图纸及规范要求","m","100.00",{"v":12.919915,"d":"12.92"},{"v":1291.9914999999999,"d":"1291.99"}]
["25","030411001110","配管","1.名称：保护管敷设\n2.材质：镀锌钢管\n3.规格：SC40\n4.配置形式：明配\n5.接地\n6.其他：详见设计图纸及规范要求","m","20.00",{"v":15.954075,"d":"15.95"},{"v":319.0815,"d":"319.08"}]
["26","030411001111","配管","1.名称：保护管敷设\n2.材质：镀锌钢管\n3.规格：SC50\n4.配置形式：明配\n5.接地\n6.其他：详见设计图纸及规范要求","m","250.00",{"v":17.339235,"d":"17.34"},{"v":4334.808749999999,"d":"4334.81"}]
["27","030411001112","配管","1.名称：保护管敷设\n2.材质：镀锌钢管\n3.规格：SC100\n4.配置形式：明配\n5.接地\n6.其他：详见设计图纸及规范要求","m","60.00",{"v":32.823345,"d":"32.82"},{"v":1969.4007000000001,"d":"1969.40"}]
["28","030411001113","配管","1.名称：保护管敷设\n2.材质：镀锌钢管\n3.规格：SC125\n4.配置形式：明配\n5.接地\n6.其他：详见设计图纸及规范要求","m","36.00",{"v":37.638425,"d":"37.64"},{"v":1354.9832999999999,"d":"1354.98"}]
["29","030411001114","配管","1.名称：保护管敷设\n2.材质：包塑金属软管\n3.规格：DN25\n4.配专用接头\n5.其他：详见设计图纸及规范要求","m","16.00",{"v":19.65608,"d":"19.66"},{"v":314.49728,"d":"314.50"}]
["30","030411001115","配管","1.名称：保护管敷设\n2.材质：包塑金属软管\n3.规格：DN32\n4.配专用接头\n5.其他：详见设计图纸及规范要求","m","2.00",{"v":21.173159999999996,"d":"21.17"},{"v":42.34631999999999,"d":"42.35"}]
["31","030411001116","配管","1.名称：保护管敷设\n2.材质：包塑金属软管\n3.规格：DN40\n4.配专用接头\n5.其他：详见设计图纸及规范要求","m","6.00",{"v":24.347485000000002,"d":"24.35"},{"v":146.08491,"d":"146.08"}]
["32","030411001117","配管","1.名称：保护管敷设\n2.材质：包塑金属软管\n3.规格：DN50\n4.配专用接头\n5.其他：详见设计图纸及规范要求","m","36.00",{"v":27.727935,"d":"27.73"},{"v":998.20566,"d":"998.21"}]
["33","030411001118","配管","1.名称：保护管敷设\n2.材质：包塑金属软管\n3.规格：DN100\n4.配专用接头\n5.其他：详见设计图纸及规范要求","m","1.00",{"v":27.727935,"d":"27.73"},{"v":27.727935,"d":"27.73"}]
["34","030411001119","配管","1.名称：保护管敷设\n2.材质：包塑金属软管\n3.规格：DN125\n4.配专用接头\n5.其他：详见设计图纸及规范要求","m","1.00",{"v":27.727935,"d":"27.73"},{"v":27.727935,"d":"27.73"}]
["35","030408001060","电力电缆","1.名称：电力电缆敷设\n2.型号规格：NH-YJV-0.6/1kV-3×2.5\n3.材质：铜芯\n4.敷设方式、部位：桥架、穿管或电缆沟\n5.电压等级（kV）：0.6/1kV\n6.接地、固定及挂牌\n7.防火堵洞\n8.主材不进价\n9.其他：详见设计图纸及规范要求","m","16.00",{"v":3.6855149999999997,"d":"3.69"},{"v":58.968239999999994,"d":"58.97"}]
["36","030408001061","电力电缆","1.名称：电力电缆敷设\n2.型号规格：ZR-YJV-0.6/1kV-4×4\n3.材质：铜芯\n4.敷设方式、部位：桥架、穿管或电缆沟\n5.电压等级（kV）：0.6/1kV\n6.接地、固定及挂牌\n7.防火堵洞\n8.主材不进价\n9.其他：详见设计图纸及规范要求","m","590.00",{"v":3.6855149999999997,"d":"3.69"},{"v":2174.45385,"d":"2174.45"}]
["37","030408001062","电力电缆","1.名称：电力电缆敷设\n2.型号规格：ZR-YJV-0.6/1kV-5×6\n3.材质：铜芯\n4.敷设方式、部位：桥架、穿管或电缆沟\n5.电压等级（kV）：0.6/1kV\n6.接地、固定及挂牌\n7.防火堵洞\n8.主材不进价\n9.其他：详见设计图纸及规范要求","m","170.00",{"v":4.229685,"d":"4.23"},{"v":719.0464499999999,"d":"719.05"}]
["38","030408001063","电力电缆","1.名称：电力电缆敷设\n2.型号规格：ZR-YJV-0.6/1kV-5×10\n3.材质：铜芯\n4.敷设方式、部位：桥架、穿管或电缆沟\n5.电压等级（kV）：0.6/1kV\n6.接地、固定及挂牌\n7.防火堵洞\n8.主材不进价\n9.其他：详见设计图纸及规范要求","m","7130.00",{"v":4.229685,"d":"4.23"},{"v":30157.65405,"d":"30157.65"}]
["39","030408001064","电力电缆","1.名称：电力电缆敷设\n2.型号规格：ZR-YJV-0.6/1kV-5×16\n3.材质：铜芯\n4.敷设方式、部位：桥架、穿管或电缆沟\n5.电压等级（kV）：0.6/1kV\n6.接地、固定及挂牌\n7.防火堵洞\n8.主材不进价\n9.其他：详见设计图纸及规范要求","m","180.00",{"v":4.9222649999999994,"d":"4.92"},{"v":886.0076999999999,"d":"886.01"}]
["40","030408001065","电力电缆","1.名称：电力电缆敷设\n2.型号规格：ZR-YJV-0.6/1kV-3×70+1×35\n3.材质：铜芯\n4.敷设方式、部位：桥架、穿管或电缆沟\n5.电压等级（kV）：0.6/1kV\n6.接地、固定及挂牌\n7.防火堵洞\n8.主材不进价\n9.其他：详见设计图纸及规范要求","m","300.00",{"v":7.305069999999999,"d":"7.31"},{"v":2191.5209999999997,"d":"2191.52"}]
["41","030408001066","电力电缆","1.名称：电力电缆敷设\n2.型号规格：ZR-YJV-0.6/1kV-3×95+1×50\n3.材质：铜芯\n4.敷设方式、部位：桥架、穿管或电缆沟\n5.电压等级（kV）：0.6/1kV\n6.接地、固定及挂牌\n7.防火堵洞\n8.主材不进价\n9.其他：详见设计图纸及规范要求","m","285.00",{"v":9.374564999999999,"d":"9.37"},{"v":2671.7510249999996,"d":"2671.75"}]
["42","WB030407002002","移动软电缆","1.名称：单梁起重机移动软电缆敷设\n2.型号规格：ZR-YCW-0.45/0.75kV-5×6\n3.安装方式：沿钢索\n4.主材不进价\n5.其他：详见设计图纸及规范要求","套","2",{"v":1376.9974499999998,"d":"1377.00"},{"v":2753.9948999999997,"d":"2753.99"}]
["43","030408006040","电力电缆头","1.名称：电力电缆终端头制安\n2.型号规格：10mm2及以下\n3.材质、类型：铜芯 干包式\n4.安装部位：室内\n5.电压等级(kV)：1kV以下\n6.接线、固定\n7.其他：详见设计图纸及规范要求","个","90",{"v":47.95292,"d":"47.95"},{"v":4315.7627999999995,"d":"4315.76"}]
["44","030408006041","电力电缆头","1.名称：电力电缆终端头制安\n2.型号规格：16mm2及以下\n3.材质、类型：铜芯 干包式\n4.安装部位：室内\n5.电压等级(kV)：1kV以下\n6.接线、固定\n7.其他：详见设计图纸及规范要求","个","2",{"v":59.364000000000004,"d":"59.36"},{"v":118.72800000000001,"d":"118.73"}]
["45","030408006042","电力电缆头","1.名称：电力电缆终端头制安\n2.型号规格：70mm2及以下\n3.材质、类型：铜芯 干包式\n4.安装部位：室内\n5.电压等级(kV)：1kV以下\n6.接线、固定\n7.其他：详见设计图纸及规范要求","个","2",{"v":111.05190499999998,"d":"111.05"},{"v":222.10380999999995,"d":"222.10"}]
["46","030408006043","电力电缆头","1.名称：电力电缆终端头制安\n2.型号规格：120mm2及以下\n3.材质、类型：铜芯 干包式\n4.安装部位：室内\n5.电压等级(kV)：1kV以下\n6.接线、固定\n7.其他：详见设计图纸及规范要求","个","2",{"v":132.91764500000002,"d":"132.92"},{"v":265.83529000000004,"d":"265.84"}]
["47","030408002021","控制电缆","1.名称：控制电缆敷设\n2.型号规格：ZR-kVV-0.45/0.75kV-3×1.5\n3.材质：铜芯\n4.敷设方式、部位：桥架、穿管或电缆沟\n5.电压等级（kV）：0.45/0.75kV\n6.接地、固定及挂牌\n7.防火堵洞\n8.主材不进价\n9.其他：详见设计图纸及规范要求","m","1000.00",{"v":2.58893,"d":"2.59"},2588.93]
["48","030408002022","控制电缆","1.名称：控制电缆敷设\n2.型号规格：ZR-KVV-0.45/0.75kV-16×1.5\n3.材质：铜芯\n4.敷设方式、部位：桥架、穿管或电缆沟\n5.电压等级（kV）：0.45/0.75kV\n6.接地、固定及挂牌\n7.防火堵洞\n8.主材不进价\n9.其他：详见设计图纸及规范要求","m","605.00",{"v":4.22144,"d":"4.22"},{"v":2553.9712000000004,"d":"2553.97"}]
["49","030408007015","控制电缆头","1.名称：控制电缆终端头制安\n2.型号规格：6芯及以下\n3.材质、类型：详见设计图纸及规范要求\n4.安装方式：详见设计图纸\n5.接线、固定\n6.其他：详见设计图纸及规范要求","个","16",{"v":48.571295,"d":"48.57"},{"v":777.14072,"d":"777.14"}]
["50","030408007016","控制电缆头","1.名称：控制电缆终端头制安\n2.型号规格：24芯及以下\n3.材质、类型：详见设计图纸及规范要求\n4.安装方式：详见设计图纸\n5.接线、固定\n6.其他：详见设计图纸及规范要求","个","4",{"v":106.88817999999998,"d":"106.89"},{"v":427.5527199999999,"d":"427.55"}]
["51","030411004018","配线","1.名称：导线敷设\n2.型号规格：ZR-BV-0.45/0.75kV-2.5mm2\n3.敷设方式：穿管\n4.接线\n5.其他：详见设计图纸及规范要求","m","3350.00",{"v":0.80801,"d":"0.81"},{"v":2706.8335,"d":"2706.83"}]
["52","030411004019","配线","1.名称：导线敷设\n2.型号规格：NH-RVS-0.45/0.75kV-2*2.5mm2\n3.敷设方式：穿管\n4.接线\n5.其他：详见设计图纸及规范要求","m","510.00",{"v":0.8245,"d":"0.82"},{"v":420.495,"d":"420.50"}]
["53","030404017030","配电箱","1.名称：照明配电箱+AL1\n2.型号规格：详见设计图纸\n3.安装方式：底边距地1.5米\n4.接地\n5.设备不进价\n6.其他：详见设计图纸及规范要求","台","1",{"v":137.27925,"d":"137.28"},{"v":137.27925,"d":"137.28"}]
["54","030404017031","配电箱","1.名称：照明配电箱+AL2\n2.型号规格：详见设计图纸\n3.安装方式：底边距地1.5米\n4.接地\n5.设备不进价\n6.其他：详见设计图纸及规范要求","台","1",{"v":137.27925,"d":"137.28"},{"v":137.27925,"d":"137.28"}]
["55","WB030904012006","A型应急照明集中电源","1.名称：消防应急照明配电箱+ALE\n2.型号规格：详见设计图纸\n3.安装方式：底边距地1.5米\n4.接地\n5.设备不进价\n6.其他：详见设计图纸及规范要求","台","1",{"v":322.931915,"d":"322.93"},{"v":322.931915,"d":"322.93"}]
["56","030412002013","工厂灯","1.名称：免维护节能防尘防腐防水工厂灯安装\n2.型号规格：JHGF980-LED200W（可调节活动支架） 220V200W 光源LED\n3.安装形式：详见设计图纸\n4.主材不进价\n5.其他：详见设计图纸及规范要求","套","29",{"v":25.031819999999996,"d":"25.03"},{"v":725.9227799999999,"d":"725.92"}]
["57","030413001025","铁构件","1.名称：工厂灯活动支架安装\n2.型号规格：详见设计图纸\n3.主材不进价\n4.其他：详见设计图纸及规范要求","个","29",{"v":5.004715,"d":"5.00"},{"v":145.136735,"d":"145.14"}]
["58","WB030904013016","智能照明灯/指示灯","1.名称：A型应急照明灯安装\n2.型号规格：36V，5W，IP30，应急时间≥0.5h\n3.安装形式：壁装式\n4.主材不进价\n5.其他：详见设计图纸及规范要求","套","12",{"v":28.305085,"d":"28.31"},{"v":339.66102,"d":"339.66"}]
["59","WB030904013017","智能照明灯/指示灯","1.名称：A型出口标志灯安装\n2.型号规格：36V，1W，IP30，应急时间≥0.5h\n3.安装形式：壁装式\n4.主材不进价\n5.其他：详见设计图纸及规范要求","套","10",{"v":28.305085,"d":"28.31"},{"v":283.05084999999997,"d":"283.05"}]
["60","030411006012","接线盒","1.名称：接线盒安装\n2.材质：钢制\n3.规格：86型\n4.安装形式：明装","个","51",{"v":4.79859,"d":"4.80"},{"v":244.72809,"d":"244.73"}]
["61","WB030411001002","钢索架设","1.名称：钢索架设\n2.规格：详见设计图纸\n3.其他：详见设计图纸及规范要求","10m","36.500",{"v":17.528869999999998,"d":"17.53"},{"v":639.8037549999999,"d":"639.80"}]
["62","WB030411002002","钢索拉紧装置","1.名称：钢索拉紧装置安装\n2.规格：详见设计图纸\n3.其他：详见设计图纸及规范要求","套","4",{"v":57.310995,"d":"57.31"},{"v":229.24398,"d":"229.24"}]
["63","030404021010","限位开关","1.名称：跑偏开关安装\n2.型号规格：详见设计图纸\n3.主材不进价\n4.其他：详见设计图纸及规范要求","个","8",{"v":39.62547,"d":"39.63"},{"v":317.00376,"d":"317.00"}]
["64","030604003012","称重装置、皮带跑偏监测装置、电子秤标定","1.名称：拉绳开关安装\n2.型号规格：详见设计图纸\n3.主材不进价\n4.其他：详见设计图纸及规范要求","台","16",{"v":873.42583,"d":"873.43"},{"v":13974.81328,"d":"13974.81"}]
["65","030404021011","限位开关","1.名称：打滑检测器安装\n2.型号规格：详见设计图纸\n3.主材不进价\n4.其他：详见设计图纸及规范要求","个","2",{"v":39.62547,"d":"39.63"},{"$f":"G714*F714","v":{"v":79.25094,"d":"79.25"}}]
["66","030404021012","限位开关","1.名称：撕裂装置安装\n2.型号规格：详见设计图纸\n3.主材不进价\n4.其他：详见设计图纸及规范要求","个","2",{"v":39.62547,"d":"39.63"},{"v":79.25094,"d":"79.25"}]
["67","030604003013","称重装置、皮带跑偏监测装置、电子秤标定","1.名称：皮带跑偏检测","台","2",{"v":788.3291849999999,"d":"788.33"},{"v":1576.6583699999999,"d":"1576.66"}]
["68","030604003014","称重装置、皮带跑偏监测装置、电子秤标定","1.名称：皮带打滑检测","台","2",{"v":644.9651250000001,"d":"644.97"},{"v":1289.9302500000001,"d":"1289.93"}]
["69","030413001026","铁构件","1.名称：电缆桥架支架制作及安装\n2.材质：热镀锌\n3.规格：角钢或槽钢\n4.如固定采用螺栓应为热镀锌螺栓\n5.其他：详见设计图纸及规范要求","t","2.520",{"v":6632.071875,"d":"6632.07"},{"v":16712.821125,"d":"16712.82"}]
["70","030413001027","铁构件","1.名称：一般铁构件制作及安装\n2.材质：热镀锌\n3.规格：角钢或槽钢\n4.如固定采用螺栓应为热镀锌螺栓\n5.含灯具、配管支架等\n6.其他：详见设计图纸及规范要求","t","1.040",{"v":8002.432099999998,"d":"8002.43"},{"v":8322.529383999998,"d":"8322.53"}]
["71","030406006014","低压交流异步电动机","1.名称：低压交流异步电动机检查接线\n2.型号：详见图纸\n3.容量(kW)：15kW及以下\n4.启动方式：详见设计图纸\n5.电压等级(kV)：1kV及以下\n6.金属软管安装（配套塑料接头）","台","2",{"v":172.46066499999998,"d":"172.46"},{"v":344.92132999999995,"d":"344.92"}]
["72","030406006015","低压交流异步电动机","1.名称：低压交流异步电动机检查接线\n2.型号：详见图纸\n3.容量(kW)：55kW及以下\n4.启动方式：详见设计图纸\n5.电压等级(kV)：1kV及以下\n6.金属软管安装（配套塑料接头）","台","1",{"v":444.06745500000005,"d":"444.07"},{"v":444.06745500000005,"d":"444.07"}]
["73","030406006016","低压交流异步电动机","1.名称：低压交流异步电动机检查接线\n2.型号：详见图纸\n3.容量(kW)：110kW及以下\n4.启动方式：详见设计图纸\n5.电压等级(kV)：1kV及以下\n6.金属软管安装（配套塑料接头）","台","1",{"v":550.098155,"d":"550.10"},{"v":550.098155,"d":"550.10"}]
["74","WB030414009005","低压交流异步电动机","1.名称：低压交流异步电动机调试\n2.型号：详见设计图纸\n3.控制保护方式：带过流保护","台","4",{"v":1024.202145,"d":"1024.20"},{"v":4096.80858,"d":"4096.81"}]
[null,null,"206（9）2#转运站电气安装工程"]
["1","030409003018","避雷引下线","1.名称：避雷引下线敷设\n2.材质：利用柱中两根主筋做防雷引下线\n3.规格：详见设计图纸\n4.安装部位：详见设计图纸\n5.安装形式：详见设计图纸\n6.其他：详见设计图纸及规范要求","m","125.00",{"v":8.302715,"d":"8.30"},{"$f":"G725*F725","v":{"v":1037.8393749999998,"d":"1037.84"}}]
["2","WB030409003011","接地跨接线","1.名称：接地跨接线安装 \n2.跨接方式：接地网","10处","1.6",{"v":84.18144999999998,"d":"84.18"},{"v":134.69031999999999,"d":"134.69"}]
["3","030409002018","接地母线","1.名称：接地母线敷设\n2.材质：热镀锌\n3.规格：扁钢-40×4\n4.安装部位：户外\n5.安装形式：详见设计图纸\n6.其他：详见设计图纸及规范要求","m","105.00",{"v":20.488825000000002,"d":"20.49"},{"v":2151.326625,"d":"2151.33"}]
["4","030409002019","接地母线","1.名称：接地母线敷设\n2.材质：热镀锌\n3.规格：扁钢-25×4\n4.安装部位：户内\n5.安装形式：详见设计图纸\n6.其他：详见设计图纸及规范要求","m","80.00",{"v":8.475859999999999,"d":"8.48"},{"v":678.0687999999999,"d":"678.07"}]
["5","WB030409002010","柱主筋与圈梁钢筋焊接","1.名称：柱主筋与圈梁钢筋焊接","处","10",{"v":26.169629999999998,"d":"26.17"},{"v":261.69629999999995,"d":"261.70"}]
["6","030409008009","等电位端子箱、测试板","1.名称：接地连接片预埋\n2.材质：详见设计图纸 \n3.规格：钢板100×100×10\n4.其他：详见设计图纸及规范要求","个","30",{"v":7.371029999999999,"d":"7.37"},{"v":221.13089999999997,"d":"221.13"}]
["7","030414011010","接地装置","1.名称：接地系统调试\n2.类别：接地网","系统","1",{"v":555.556345,"d":"555.56"},{"v":555.556345,"d":"555.56"}]
["8","030404016010","控制箱","1.名称：25#、26胶带运输机现场控制箱安装\n2.型号规格：详见设计图纸\n3.安装方式：底边距地1.5m\n4.接地\n5.设备不进价\n6.其他：详见设计图纸及规范要求","台","2",{"v":173.42533,"d":"173.43"},{"v":346.85066,"d":"346.85"}]
["9","030404019007","控制开关","1.名称：铁壳开关安装\n2.型号规格:HH4-30/3Z\n3.额定电流(A)：30A\n3.安装方式：底边距地1.5m\n4.接地\n5.主材不进价\n6.其他：详见设计图纸及规范要求","个","1",{"v":43.393435,"d":"43.39"},{"v":43.393435,"d":"43.39"}]
["10","030411001120","配管","1.名称：保护管敷设\n2.材质：镀锌钢管\n3.规格：SC25\n4.配置形式：暗配\n5.接地\n6.其他：详见设计图纸及规范要求","m","45.00",{"v":6.521795,"d":"6.52"},{"v":293.480775,"d":"293.48"}]
["11","030411001121","配管","1.名称：保护管敷设\n2.材质：镀锌钢管\n3.规格：SC32\n4.配置形式：暗配\n5.接地\n6.其他：详见设计图纸及规范要求","m","3.00",{"v":6.87633,"d":"6.88"},{"v":20.62899,"d":"20.63"}]
["12","030411001122","配管","1.名称：保护管敷设\n2.材质：镀锌钢管\n3.规格：SC100\n4.配置形式：暗配\n5.接地\n6.其他：详见设计图纸及规范要求","m","2.00",{"v":24.957614999999997,"d":"24.96"},{"v":49.915229999999994,"d":"49.92"}]
["13","030411001123","配管","1.名称：保护管敷设\n2.材质：镀锌钢管\n3.规格：SC125\n4.配置形式：暗配\n5.接地\n6.其他：详见设计图纸及规范要求","m","2.00",{"v":26.13665,"d":"26.14"},{"v":52.2733,"d":"52.27"}]
["14","030411001124","配管","1.名称：保护管敷设\n2.材质：镀锌钢管\n3.规格：SC20\n4.配置形式：明配\n5.接地\n6.其他：详见设计图纸及规范要求","m","210.00",{"v":10.487639999999999,"d":"10.49"},{"v":2202.4044,"d":"2202.40"}]
["15","030411001125","配管","1.名称：保护管敷设\n2.材质：镀锌钢管\n3.规格：SC25\n4.配置形式：明配\n5.接地\n6.其他：详见设计图纸及规范要求","m","355.00",{"v":11.559489999999998,"d":"11.56"},{"v":4103.618949999999,"d":"4103.62"}]
["16","030411001126","配管","1.名称：保护管敷设\n2.材质：镀锌钢管\n3.规格：SC32\n4.配置形式：明配\n5.接地\n6.其他：详见设计图纸及规范要求","m","65.00",{"v":12.919915,"d":"12.92"},{"v":839.7944749999999,"d":"839.79"}]
["17","030411001127","配管","1.名称：保护管敷设\n2.材质：镀锌钢管\n3.规格：SC40\n4.配置形式：明配\n5.接地\n6.其他：详见设计图纸及规范要求","m","65.00",{"v":15.954075,"d":"15.95"},{"v":1037.014875,"d":"1037.01"}]
["18","030411001128","配管","1.名称：保护管敷设\n2.材质：镀锌钢管\n3.规格：SC50\n4.配置形式：明配\n5.接地\n6.其他：详见设计图纸及规范要求","m","85.00",{"v":17.339235,"d":"17.34"},{"v":1473.834975,"d":"1473.83"}]
["19","030411001129","配管","1.名称：保护管敷设\n2.材质：镀锌钢管\n3.规格：SC100\n4.配置形式：明配\n5.接地\n6.其他：详见设计图纸及规范要求","m","30.00",{"v":32.823345,"d":"32.82"},{"v":984.7003500000001,"d":"984.70"}]
["20","030411001130","配管","1.名称：保护管敷设\n2.材质：镀锌钢管\n3.规格：SC125\n4.配置形式：明配\n5.接地\n6.其他：详见设计图纸及规范要求","m","30.00",{"v":37.638425,"d":"37.64"},{"v":1129.15275,"d":"1129.15"}]
["21","030411001131","配管","1.名称：保护管敷设\n2.材质：包塑金属软管\n3.规格：DN25\n4.配专用接头\n5.其他：详见设计图纸及规范要求","m","16.00",{"v":19.65608,"d":"19.66"},{"v":314.49728,"d":"314.50"}]
["22","030411001132","配管","1.名称：保护管敷设\n2.材质：包塑金属软管\n3.规格：DN32\n4.配专用接头\n5.其他：详见设计图纸及规范要求","m","2.00",{"v":21.173159999999996,"d":"21.17"},{"v":42.34631999999999,"d":"42.35"}]
["23","030411001133","配管","1.名称：保护管敷设\n2.材质：包塑金属软管\n3.规格：DN40\n4.配专用接头\n5.其他：详见设计图纸及规范要求","m","2.00",{"v":24.347485000000002,"d":"24.35"},{"v":48.694970000000005,"d":"48.69"}]
["24","030411001134","配管","1.名称：保护管敷设\n2.材质：包塑金属软管\n3.规格：DN50\n4.配专用接头\n5.其他：详见设计图纸及规范要求","m","3.00",{"v":27.727935,"d":"27.73"},{"v":83.18380499999999,"d":"83.18"}]
["25","030411001135","配管","1.名称：保护管敷设\n2.材质：包塑金属软管\n3.规格：DN100\n4.配专用接头\n5.其他：详见设计图纸及规范要求","m","1.00",{"v":27.727935,"d":"27.73"},{"v":27.727935,"d":"27.73"}]
["26","030411001136","配管","1.名称：保护管敷设\n2.材质：包塑金属软管\n3.规格：DN125\n4.配专用接头\n5.其他：详见设计图纸及规范要求","m","1.00",{"v":27.727935,"d":"27.73"},{"v":27.727935,"d":"27.73"}]
["27","030408001067","电力电缆","1.名称：电力电缆敷设\n2.型号规格：ZR-YJV-0.6/1kV-4×4\n3.材质：铜芯\n4.敷设方式、部位：桥架、穿管或电缆沟\n5.电压等级（kV）：0.6/1kV\n6.接地、固定及挂牌\n7.防火堵洞\n8.主材不进价\n9.其他：详见设计图纸及规范要求","m","265.00",{"v":3.6855149999999997,"d":"3.69"},{"v":976.6614749999999,"d":"976.66"}]
["28","030408001068","电力电缆","1.名称：电力电缆敷设\n2.型号规格：ZR-YJV-0.6/1kV-5×10\n3.材质：铜芯\n4.敷设方式、部位：桥架、穿管或电缆沟\n5.电压等级（kV）：0.6/1kV\n6.接地、固定及挂牌\n7.防火堵洞\n8.主材不进价\n9.其他：详见设计图纸及规范要求","m","420.00",{"v":4.229685,"d":"4.23"},{"v":1776.4677,"d":"1776.47"}]
["29","030408001069","电力电缆","1.名称：电力电缆敷设\n2.型号规格：ZR-YJV-0.6/1kV-3×70+1×35\n3.材质：铜芯\n4.敷设方式、部位：桥架、穿管或电缆沟\n5.电压等级（kV）：0.6/1kV\n6.接地、固定及挂牌\n7.防火堵洞\n8.主材不进价\n9.其他：详见设计图纸及规范要求","m","125.00",{"v":7.305069999999999,"d":"7.31"},{"v":913.1337499999998,"d":"913.13"}]
["30","030408001070","电力电缆","1.名称：电力电缆敷设\n2.型号规格：ZR-YJV-0.6/1kV-3×120+1×70\n3.材质：铜芯\n4.敷设方式、部位：桥架、穿管或电缆沟\n5.电压等级（kV）：0.6/1kV\n6.接地、固定及挂牌\n7.防火堵洞\n8.主材不进价\n9.其他：详见设计图纸及规范要求","m","145.00",{"v":9.374564999999999,"d":"9.37"},{"v":1359.3119249999997,"d":"1359.31"}]
["31","WB030407002003","移动软电缆","1.名称：2#转运站单梁起重机移动软电缆敷设\n2.型号规格：ZR-YCW-0.45/0.75kV-5×6\n3.安装方式：沿钢索\n4.主材不进价\n5.其他：详见设计图纸及规范要求","套","1",{"v":275.39948999999996,"d":"275.40"},{"v":275.39948999999996,"d":"275.40"}]
["32","030408006044","电力电缆头","1.名称：电力电缆终端头制安\n2.型号规格：10mm2及以下\n3.材质、类型：铜芯 干包式\n4.安装部位：室内\n5.电压等级(kV)：1kV以下\n6.接线、固定\n7.其他：详见设计图纸及规范要求","个","84",{"v":47.95292,"d":"47.95"},{"v":4028.04528,"d":"4028.05"}]
["33","030408006045","电力电缆头","1.名称：电力电缆终端头制安\n2.型号规格：16mm2及以下\n3.材质、类型：铜芯 干包式\n4.安装部位：室内\n5.电压等级(kV)：1kV以下\n6.接线、固定\n7.其他：详见设计图纸及规范要求","个","10",{"v":59.364000000000004,"d":"59.36"},{"v":593.6400000000001,"d":"593.64"}]
["34","030408006046","电力电缆头","1.名称：电力电缆终端头制安\n2.型号规格：70mm2及以下\n3.材质、类型：铜芯 干包式\n4.安装部位：室内\n5.电压等级(kV)：1kV以下\n6.接线、固定\n7.其他：详见设计图纸及规范要求","个","2",{"v":111.05190499999998,"d":"111.05"},{"v":222.10380999999995,"d":"222.10"}]
["35","030408006047","电力电缆头","1.名称：电力电缆终端头制安\n2.型号规格：120mm2及以下\n3.材质、类型：铜芯 干包式\n4.安装部位：室内\n5.电压等级(kV)：1kV以下\n6.接线、固定\n7.其他：详见设计图纸及规范要求","个","2",{"v":132.91764500000002,"d":"132.92"},{"v":265.83529000000004,"d":"265.84"}]
["36","030408002023","控制电缆","1.名称：控制电缆敷设\n2.型号规格：ZR-kVV-0.45/0.75kV-3×1.5\n3.材质：铜芯\n4.敷设方式、部位：桥架、穿管或电缆沟\n5.电压等级（kV）：0.45/0.75kV\n6.接地、固定及挂牌\n7.防火堵洞\n8.主材不进价\n9.其他：详见设计图纸及规范要求","m","400.00",{"v":2.58893,"d":"2.59"},{"v":1035.572,"d":"1035.57"}]
["37","030408002024","控制电缆","1.名称：控制电缆敷设\n2.型号规格：ZR-KVV-0.45/0.75kV-16×1.5\n3.材质：铜芯\n4.敷设方式、部位：桥架、穿管或电缆沟\n5.电压等级（kV）：0.45/0.75kV\n6.接地、固定及挂牌\n7.防火堵洞\n8.主材不进价\n9.其他：详见设计图纸及规范要求","m","250.00",{"v":4.22144,"d":"4.22"},{"v":1055.3600000000001,"d":"1055.36"}]
["38","030408007017","控制电缆头","1.名称：控制电缆终端头制安\n2.型号规格：6芯及以下\n3.材质、类型：详见设计图纸及规范要求\n4.安装方式：详见设计图纸\n5.接线、固定\n6.其他：详见设计图纸及规范要求","个","16",{"v":48.571295,"d":"48.57"},{"v":777.14072,"d":"777.14"}]
["39","030408007018","控制电缆头","1.名称：控制电缆终端头制安\n2.型号规格：24芯及以下\n3.材质、类型：详见设计图纸及规范要求\n4.安装方式：详见设计图纸\n5.接线、固定\n6.其他：详见设计图纸及规范要求","个","4",{"v":106.88817999999998,"d":"106.89"},{"v":427.5527199999999,"d":"427.55"}]
["40","030411004020","配线","1.名称：导线敷设\n2.型号规格：ZR-BV-0.45/0.75kV-2.5mm2\n3.敷设方式：穿管\n4.接线\n5.其他：详见设计图纸及规范要求","m","620.00",{"v":0.80801,"d":"0.81"},{"v":500.9662,"d":"500.97"}]
["41","030404017032","配电箱","1.名称：照明配电箱+AL1\n2.型号规格：详见设计图纸\n3.安装方式：底边距地1.5米\n4.接地\n5.设备不进价\n6.其他：详见设计图纸及规范要求","台","1",{"v":137.27925,"d":"137.28"},{"v":137.27925,"d":"137.28"}]
["42","030412002014","工厂灯","1.名称：壁装LED平台灯安装\n2.型号规格：JHGF9921 220V50W 光源LED\n3.安装形式：壁装\n4.主材不进价\n5.其他：详见设计图纸及规范要求","套","18",{"v":25.031819999999996,"d":"25.03"},{"v":450.5727599999999,"d":"450.57"}]
["43","030411006013","接线盒","1.名称：接线盒安装\n2.材质：钢制\n3.规格：86型\n4.安装形式：明装","个","18",{"v":4.79859,"d":"4.80"},{"v":86.37462,"d":"86.37"}]
["44","WB030411001003","钢索架设","1.名称：钢索架设\n2.规格：详见设计图纸\n3.其他：详见设计图纸及规范要求","10m","2.700",{"v":17.528869999999998,"d":"17.53"},{"v":47.327949,"d":"47.33"}]
["45","WB030411002003","钢索拉紧装置","1.名称：钢索拉紧装置安装\n2.规格：详见设计图纸\n3.其他：详见设计图纸及规范要求","套","2",{"v":57.310995,"d":"57.31"},{"v":114.62199,"d":"114.62"}]
["46","030404021013","限位开关","1.名称：跑偏开关安装\n2.型号规格：详见设计图纸\n3.主材不进价\n4.其他：详见设计图纸及规范要求","个","8",{"v":39.62547,"d":"39.63"},{"v":317.00376,"d":"317.00"}]
["47","030604003015","称重装置、皮带跑偏监测装置、电子秤标定","1.名称：拉绳开关安装\n2.型号规格：详见设计图纸\n3.主材不进价\n4.其他：详见设计图纸及规范要求","台","16",{"v":873.42583,"d":"873.43"},{"v":13974.81328,"d":"13974.81"}]
["48","030404021014","限位开关","1.名称：打滑检测器安装\n2.型号规格：详见设计图纸\n3.主材不进价\n4.其他：详见设计图纸及规范要求","个","2",{"v":39.62547,"d":"39.63"},{"v":79.25094,"d":"79.25"}]
["49","030404021015","限位开关","1.名称：撕裂装置安装\n2.型号规格：详见设计图纸\n3.主材不进价\n4.其他：详见设计图纸及规范要求","个","2",{"v":39.62547,"d":"39.63"},{"v":79.25094,"d":"79.25"}]
["50","030604003016","称重装置、皮带跑偏监测装置、电子秤标定","1.名称：皮带跑偏检测","台","2",{"v":788.3291849999999,"d":"788.33"},{"v":1576.6583699999999,"d":"1576.66"}]
["51","030604003017","称重装置、皮带跑偏监测装置、电子秤标定","1.名称：皮带打滑检测","台","2",{"v":644.9651250000001,"d":"644.97"},{"v":1289.9302500000001,"d":"1289.93"}]
["52","030413001028","铁构件","1.名称：一般铁构件制作及安装\n2.材质：热镀锌\n3.规格：角钢或槽钢\n4.如固定采用螺栓应为热镀锌螺栓\n5.含灯具、配管支架等\n6.其他：详见设计图纸及规范要求","t","0.360",{"v":8002.432099999998,"d":"8002.43"},{"v":2880.875555999999,"d":"2880.88"}]
["53","030406006017","低压交流异步电动机","1.名称：低压交流异步电动机检查接线\n2.型号：详见图纸\n3.容量(kW)：15kW及以下\n4.启动方式：详见设计图纸\n5.电压等级(kV)：1kV及以下\n6.金属软管安装（配套塑料接头）","台","2",{"v":172.46066499999998,"d":"172.46"},{"v":344.92132999999995,"d":"344.92"}]
["54","030406006018","低压交流异步电动机","1.名称：低压交流异步电动机检查接线\n2.型号：详见图纸\n3.容量(kW)：220kW及以下\n4.启动方式：详见设计图纸\n5.电压等级(kV)：1kV及以下\n6.金属软管安装（配套塑料接头）","台","2",{"v":646.19363,"d":"646.19"},{"v":1292.38726,"d":"1292.39"}]
["55","WB030414009006","低压交流异步电动机","1.名称：低压交流异步电动机调试\n2.型号：详见设计图纸\n3.控制保护方式：带过流保护","台","4",{"v":1024.202145,"d":"1024.20"},{"v":4096.80858,"d":"4096.81"}]
[null,null,"206（10）3#转运站电气安装工程"]
["1","030409003019","避雷引下线","1.名称：避雷引下线敷设\n2.材质：利用柱中两根主筋做防雷引下线\n3.规格：详见设计图纸\n4.安装部位：详见设计图纸\n5.安装形式：详见设计图纸\n6.其他：详见设计图纸及规范要求","m","155.00",{"v":8.302715,"d":"8.30"},{"$f":"G781*F781","v":{"v":1286.920825,"d":"1286.92"}}]
["2","WB030409003012","接地跨接线","1.名称：接地跨接线安装 \n2.跨接方式：接地网","10处","2.4",{"v":84.18144999999998,"d":"84.18"},{"v":202.03547999999995,"d":"202.04"}]
["3","030409002020","接地母线","1.名称：接地母线敷设\n2.材质：热镀锌\n3.规格：扁钢-40×4\n4.安装部位：户外\n5.安装形式：详见设计图纸\n6.其他：详见设计图纸及规范要求","m","122.60",{"v":20.488825000000002,"d":"20.49"},{"v":2511.9299450000003,"d":"2511.93"}]
["4","030409002021","接地母线","1.名称：接地母线敷设\n2.材质：热镀锌\n3.规格：扁钢-25×4\n4.安装部位：户内\n5.安装形式：详见设计图纸\n6.其他：详见设计图纸及规范要求","m","120.00",{"v":8.475859999999999,"d":"8.48"},{"v":1017.1031999999999,"d":"1017.10"}]
["5","WB030409002011","柱主筋与圈梁钢筋焊接","1.名称：柱主筋与圈梁钢筋焊接","处","12",{"v":26.169629999999998,"d":"26.17"},{"v":314.03556,"d":"314.04"}]
["6","030409008010","等电位端子箱、测试板","1.名称：接地连接片预埋\n2.材质：详见设计图纸 \n3.规格：钢板100×100×10\n4.其他：详见设计图纸及规范要求","个","30",{"v":7.371029999999999,"d":"7.37"},{"v":221.13089999999997,"d":"221.13"}]
["7","030414011011","接地装置","1.名称：接地系统调试\n2.类别：接地网","系统","1",{"v":555.556345,"d":"555.56"},{"v":555.556345,"d":"555.56"}]
["8","030404016011","控制箱","1.名称：胶带运输机现场控制箱安装\n2.型号规格：详见设计图纸\n3.安装方式：底边距地1.5m\n4.接地\n5.设备不进价\n6.其他：详见设计图纸及规范要求","台","2",{"v":173.42533,"d":"173.43"},{"v":346.85066,"d":"346.85"}]
["9","030404019008","控制开关","1.名称：铁壳开关安装\n2.型号规格:HH4-30/3Z\n3.额定电流(A)：30A\n3.安装方式：底边距地1.5m\n4.接地\n5.主材不进价\n6.其他：详见设计图纸及规范要求","个","2",{"v":43.393435,"d":"43.39"},{"v":86.78687,"d":"86.79"}]
["10","030411001137","配管","1.名称：保护管敷设\n2.材质：镀锌钢管\n3.规格：SC25\n4.配置形式：暗配\n5.接地\n6.其他：详见设计图纸及规范要求","m","65.00",{"v":6.521795,"d":"6.52"},{"v":423.916675,"d":"423.92"}]
["11","030411001138","配管","1.名称：保护管敷设\n2.材质：镀锌钢管\n3.规格：SC32\n4.配置形式：暗配\n5.接地\n6.其他：详见设计图纸及规范要求","m","35.00",{"v":6.87633,"d":"6.88"},{"v":240.67155,"d":"240.67"}]
["12","030411001139","配管","1.名称：保护管敷设\n2.材质：镀锌钢管\n3.规格：SC125\n4.配置形式：暗配\n5.接地\n6.其他：详见设计图纸及规范要求","m","12.00",{"v":26.13665,"d":"26.14"},{"v":313.6398,"d":"313.64"}]
["13","030411001140","配管","1.名称：保护管敷设\n2.材质：镀锌钢管\n3.规格：SC20\n4.配置形式：明配\n5.接地\n6.其他：详见设计图纸及规范要求","m","225.00",{"v":10.487639999999999,"d":"10.49"},{"v":2359.7189999999996,"d":"2359.72"}]
["14","030411001141","配管","1.名称：保护管敷设\n2.材质：镀锌钢管\n3.规格：SC25\n4.配置形式：明配\n5.接地\n6.其他：详见设计图纸及规范要求","m","445.00",{"v":11.559489999999998,"d":"11.56"},{"v":5143.97305,"d":"5143.97"}]
["15","030411001142","配管","1.名称：保护管敷设\n2.材质：镀锌钢管\n3.规格：SC32\n4.配置形式：明配\n5.接地\n6.其他：详见设计图纸及规范要求","m","390.00",{"v":12.919915,"d":"12.92"},{"v":5038.76685,"d":"5038.77"}]
["16","030411001143","配管","1.名称：保护管敷设\n2.材质：镀锌钢管\n3.规格：SC40\n4.配置形式：明配\n5.接地\n6.其他：详见设计图纸及规范要求","m","65.00",{"v":15.954075,"d":"15.95"},{"v":1037.014875,"d":"1037.01"}]
["17","030411001144","配管","1.名称：保护管敷设\n2.材质：镀锌钢管\n3.规格：SC50\n4.配置形式：明配\n5.接地\n6.其他：详见设计图纸及规范要求","m","85.00",{"v":17.339235,"d":"17.34"},{"v":1473.834975,"d":"1473.83"}]
["18","030411001145","配管","1.名称：保护管敷设\n2.材质：镀锌钢管\n3.规格：SC100\n4.配置形式：明配\n5.接地\n6.其他：详见设计图纸及规范要求","m","30.00",{"v":32.823345,"d":"32.82"},{"v":984.7003500000001,"d":"984.70"}]
["19","030411001146","配管","1.名称：保护管敷设\n2.材质：镀锌钢管\n3.规格：SC125\n4.配置形式：明配\n5.接地\n6.其他：详见设计图纸及规范要求","m","65.00",{"v":37.638425,"d":"37.64"},{"v":2446.497625,"d":"2446.50"}]
["20","030411001147","配管","1.名称：保护管敷设\n2.材质：包塑金属软管\n3.规格：DN25\n4.配专用接头\n5.其他：详见设计图纸及规范要求","m","16.00",{"v":19.65608,"d":"19.66"},{"v":314.49728,"d":"314.50"}]
["21","030411001148","配管","1.名称：保护管敷设\n2.材质：包塑金属软管\n3.规格：DN32\n4.配专用接头\n5.其他：详见设计图纸及规范要求","m","2.00",{"v":21.173159999999996,"d":"21.17"},{"v":42.34631999999999,"d":"42.35"}]
["22","030411001149","配管","1.名称：保护管敷设\n2.材质：包塑金属软管\n3.规格：DN40\n4.配专用接头\n5.其他：详见设计图纸及规范要求","m","2.00",{"v":24.347485000000002,"d":"24.35"},{"v":48.694970000000005,"d":"48.69"}]
["23","030411001150","配管","1.名称：保护管敷设\n2.材质：包塑金属软管\n3.规格：DN50\n4.配专用接头\n5.其他：详见设计图纸及规范要求","m","3.00",{"v":27.727935,"d":"27.73"},{"v":83.18380499999999,"d":"83.18"}]
["24","030411001151","配管","1.名称：保护管敷设\n2.材质：包塑金属软管\n3.规格：DN100\n4.配专用接头\n5.其他：详见设计图纸及规范要求","m","1.00",{"v":27.727935,"d":"27.73"},{"v":27.727935,"d":"27.73"}]
["25","030411001152","配管","1.名称：保护管敷设\n2.材质：包塑金属软管\n3.规格：DN125\n4.配专用接头\n5.其他：详见设计图纸及规范要求","m","2.00",{"v":27.727935,"d":"27.73"},{"v":55.45587,"d":"55.46"}]
["26","030408001071","电力电缆","1.名称：电力电缆敷设\n2.型号规格：ZR-YJV-0.6/1kV-4×4\n3.材质：铜芯\n4.敷设方式、部位：桥架、穿管或电缆沟\n5.电压等级（kV）：0.6/1kV\n6.接地、固定及挂牌\n7.防火堵洞\n8.主材不进价\n9.其他：详见设计图纸及规范要求","m","411.00",{"v":3.6855149999999997,"d":"3.69"},{"v":1514.746665,"d":"1514.75"}]
["27","030408001072","电力电缆","1.名称：电力电缆敷设\n2.型号规格：ZR-YJV-0.6/1kV-5×6\n3.材质：铜芯\n4.敷设方式、部位：桥架、穿管或电缆沟\n5.电压等级（kV）：0.6/1kV\n6.接地、固定及挂牌\n7.防火堵洞\n8.主材不进价\n9.其他：详见设计图纸及规范要求","m","270.00",{"v":4.229685,"d":"4.23"},{"v":1142.01495,"d":"1142.01"}]
["28","030408001073","电力电缆","1.名称：电力电缆敷设\n2.型号规格：ZR-YJV-0.6/1kV-5×10\n3.材质：铜芯\n4.敷设方式、部位：桥架、穿管或电缆沟\n5.电压等级（kV）：0.6/1kV\n6.接地、固定及挂牌\n7.防火堵洞\n8.主材不进价\n9.其他：详见设计图纸及规范要求","m","340.00",{"v":4.229685,"d":"4.23"},{"v":1438.0928999999999,"d":"1438.09"}]
["29","030408001074","电力电缆","1.名称：电力电缆敷设\n2.型号规格：ZR-YJV-0.6/1kV-3×120+1×70\n3.材质：铜芯\n4.敷设方式、部位：桥架、穿管或电缆沟\n5.电压等级（kV）：0.6/1kV\n6.接地、固定及挂牌\n7.防火堵洞\n8.主材不进价\n9.其他：详见设计图纸及规范要求","m","441.00",{"v":9.374564999999999,"d":"9.37"},{"v":4134.1831649999995,"d":"4134.18"}]
["30","WB030407002004","移动软电缆","1.名称：3#转运站单梁起重机移动软电缆敷设\n2.型号规格：ZR-YCW-0.45/0.75kV-5×6\n3.安装方式：沿钢索\n4.主材不进价\n5.其他：详见设计图纸及规范要求","套","1",{"v":275.39948999999996,"d":"275.40"},{"v":275.39948999999996,"d":"275.40"}]
["31","030408006048","电力电缆头","1.名称：电力电缆终端头制安\n2.型号规格：10mm2及以下\n3.材质、类型：铜芯 干包式\n4.安装部位：室内\n5.电压等级(kV)：1kV以下\n6.接线、固定\n7.其他：详见设计图纸及规范要求","个","10",{"v":47.95292,"d":"47.95"},{"v":479.5292,"d":"479.53"}]
["32","030408006049","电力电缆头","1.名称：电力电缆终端头制安\n2.型号规格：120mm2及以下\n3.材质、类型：铜芯 干包式\n4.安装部位：室内\n5.电压等级(kV)：1kV以下\n6.接线、固定\n7.其他：详见设计图纸及规范要求","个","4",{"v":132.91764500000002,"d":"132.92"},{"v":531.6705800000001,"d":"531.67"}]
["33","030408002025","控制电缆","1.名称：控制电缆敷设\n2.型号规格：ZR-kVV-0.45/0.75kV-3×1.5\n3.材质：铜芯\n4.敷设方式、部位：桥架、穿管或电缆沟\n5.电压等级（kV）：0.45/0.75kV\n6.接地、固定及挂牌\n7.防火堵洞\n8.主材不进价\n9.其他：详见设计图纸及规范要求","m","1227.00",{"v":2.58893,"d":"2.59"},{"v":3176.61711,"d":"3176.62"}]
["34","030408002026","控制电缆","1.名称：控制电缆敷设\n2.型号规格：ZR-KVV-0.45/0.75kV-16×1.5\n3.材质：铜芯\n4.敷设方式、部位：桥架、穿管或电缆沟\n5.电压等级（kV）：0.45/0.75kV\n6.接地、固定及挂牌\n7.防火堵洞\n8.主材不进价\n9.其他：详见设计图纸及规范要求","m","411.00",{"v":4.22144,"d":"4.22"},{"v":1735.0118400000001,"d":"1735.01"}]
["35","030408007019","控制电缆头","1.名称：控制电缆终端头制安\n2.型号规格：6芯及以下\n3.材质、类型：详见设计图纸及规范要求\n4.安装方式：详见设计图纸\n5.接线、固定\n6.其他：详见设计图纸及规范要求","个","16",{"v":48.571295,"d":"48.57"},{"v":777.14072,"d":"777.14"}]
["36","030408007020","控制电缆头","1.名称：控制电缆终端头制安\n2.型号规格：24芯及以下\n3.材质、类型：详见设计图纸及规范要求\n4.安装方式：详见设计图纸\n5.接线、固定\n6.其他：详见设计图纸及规范要求","个","4",{"v":106.88817999999998,"d":"106.89"},{"v":427.5527199999999,"d":"427.55"}]
["37","030411004021","配线","1.名称：导线敷设\n2.型号规格：ZR-BV-0.45/0.75kV-2.5mm2\n3.敷设方式：穿管\n4.接线\n5.其他：详见设计图纸及规范要求","m","890.00",{"v":0.80801,"d":"0.81"},{"v":719.1289,"d":"719.13"}]
["38","030404017033","配电箱","1.名称：照明配电箱+AL1\n2.型号规格：详见设计图纸\n3.安装方式：底边距地1.5米\n4.接地\n5.设备不进价\n6.其他：详见设计图纸及规范要求","台","1",{"v":137.27925,"d":"137.28"},{"v":137.27925,"d":"137.28"}]
["39","030412002015","工厂灯","1.名称：壁装LED平台灯安装\n2.型号规格：JHGF9921 220V50W 光源LED\n3.安装形式：壁装\n4.主材不进价\n5.其他：详见设计图纸及规范要求","套","24",{"v":25.031819999999996,"d":"25.03"},{"v":600.7636799999999,"d":"600.76"}]
["40","030411006014","接线盒","1.名称：接线盒安装\n2.材质：钢制\n3.规格：86型\n4.安装形式：明装","个","24",{"v":4.79859,"d":"4.80"},{"v":115.16615999999999,"d":"115.17"}]
["41","WB030411001004","钢索架设","1.名称：钢索架设\n2.规格：详见设计图纸\n3.其他：详见设计图纸及规范要求","10m","4.000",{"v":17.528869999999998,"d":"17.53"},{"v":70.11547999999999,"d":"70.12"}]
["42","WB030411002004","钢索拉紧装置","1.名称：钢索拉紧装置安装\n2.规格：详见设计图纸\n3.其他：详见设计图纸及规范要求","套","2",{"v":57.310995,"d":"57.31"},{"v":114.62199,"d":"114.62"}]
["43","030404021016","限位开关","1.名称：跑偏开关安装\n2.型号规格：详见设计图纸\n3.主材不进价\n4.其他：详见设计图纸及规范要求","个","8",{"v":39.62547,"d":"39.63"},{"v":317.00376,"d":"317.00"}]
["44","030604003018","称重装置、皮带跑偏监测装置、电子秤标定","1.名称：拉绳开关安装\n2.型号规格：详见设计图纸\n3.主材不进价\n4.其他：详见设计图纸及规范要求","台","16",{"v":873.42583,"d":"873.43"},{"v":13974.81328,"d":"13974.81"}]
["45","030404021017","限位开关","1.名称：打滑检测器安装\n2.型号规格：详见设计图纸\n3.主材不进价\n4.其他：详见设计图纸及规范要求","个","2",{"v":39.62547,"d":"39.63"},{"v":79.25094,"d":"79.25"}]
["46","030404021018","限位开关","1.名称：撕裂装置安装\n2.型号规格：详见设计图纸\n3.主材不进价\n4.其他：详见设计图纸及规范要求","个","2",{"v":39.62547,"d":"39.63"},{"v":79.25094,"d":"79.25"}]
["47","030604003019","称重装置、皮带跑偏监测装置、电子秤标定","1.名称：皮带跑偏检测","台","2",{"v":788.3291849999999,"d":"788.33"},{"v":1576.6583699999999,"d":"1576.66"}]
["48","030604003020","称重装置、皮带跑偏监测装置、电子秤标定","1.名称：皮带打滑检测","台","2",{"v":644.9651250000001,"d":"644.97"},{"v":1289.9302500000001,"d":"1289.93"}]
["49","030413001029","铁构件","1.名称：一般铁构件制作及安装\n2.材质：热镀锌\n3.规格：角钢或槽钢\n4.如固定采用螺栓应为热镀锌螺栓\n5.含灯具、配管支架等\n6.其他：详见设计图纸及规范要求","t","0.400",{"v":8002.432099999998,"d":"8002.43"},{"v":3200.9728399999995,"d":"3200.97"}]
["50","030406006019","低压交流异步电动机","1.名称：低压交流异步电动机检查接线\n2.型号：详见图纸\n3.容量(kW)：15kW及以下\n4.启动方式：详见设计图纸\n5.电压等级(kV)：1kV及以下\n6.金属软管安装（配套塑料接头）","台","2",{"v":172.46066499999998,"d":"172.46"},{"v":344.92132999999995,"d":"344.92"}]
["51","030406006020","低压交流异步电动机","1.名称：低压交流异步电动机检查接线\n2.型号：详见图纸\n3.容量(kW)：220kW及以下\n4.启动方式：详见设计图纸\n5.电压等级(kV)：1kV及以下\n6.金属软管安装（配套塑料接头）","台","2",{"v":646.19363,"d":"646.19"},{"v":1292.38726,"d":"1292.39"}]
["52","WB030414009007","低压交流异步电动机","1.名称：低压交流异步电动机调试\n2.型号：详见设计图纸\n3.控制保护方式：带过流保护","台","4",{"v":1024.202145,"d":"1024.20"},{"v":4096.80858,"d":"4096.81"}]
[null,null,"411 空压机房"]
[null,"09","动力"]
["1","030408001084","电力电缆","1.名称：电力电缆敷设\n2.型号规格：ZR-YJV-0.6/1kV-5×6\n3.材质：铜芯\n4.敷设方式、部位：桥架、穿管或电缆沟\n5.电压等级（kV）：0.6/1kV\n6.接地、固定及挂牌\n7.防火堵洞\n8.主材不进价\n9.其他：详见设计图纸及规范要求","m","297.00",{"v":4.229685,"d":"4.23"},{"$f":"G835*F835","v":{"v":1256.216445,"d":"1256.22"}}]
["2","030408001085","电力电缆","1.名称：电力电缆敷设\n2.型号规格：ZR-YJV-0.6/1kV-4×6\n3.材质：铜芯\n4.敷设方式、部位：桥架、穿管或电缆沟\n5.电压等级（kV）：0.6/1kV\n6.接地、固定及挂牌\n7.防火堵洞\n8.主材不进价\n9.其他：详见设计图纸及规范要求","m","115.00",{"v":3.734985,"d":"3.73"},{"v":429.523275,"d":"429.52"}]
["3","030408006058","电力电缆头","1.名称：电力电缆终端头制安\n2.型号规格：10mm2及以下\n3.材质、类型：铜芯 干包式\n4.安装部位：室内\n5.电压等级(kV)：1kV以下\n6.接线、固定\n7.其他：详见设计图纸及规范要求","个","10",{"v":47.95292,"d":"47.95"},{"v":479.5292,"d":"479.53"}]
["4","030408001086","电力电缆","1.名称：电力电缆敷设\n2.型号规格：ZR-YJV-0.6/1kV-3×35+2×16\n3.材质：铜芯\n4.敷设方式、部位：桥架、穿管或电缆沟\n5.电压等级（kV）：0.6/1kV\n6.接地、固定及挂牌\n7.防火堵洞\n8.主材不进价\n9.其他：详见设计图纸及规范要求","m","96.00",{"v":6.1342799999999995,"d":"6.13"},{"v":588.8908799999999,"d":"588.89"}]
["5","030408006059","电力电缆头","1.名称：电力电缆终端头制安\n2.型号规格：35mm2及以下\n3.材质、类型：铜芯 干包式\n4.安装部位：室内\n5.电压等级(kV)：1kV以下\n6.接线、固定\n7.其他：详见设计图纸及规范要求","个","2",{"v":82.50771499999999,"d":"82.51"},{"v":165.01542999999998,"d":"165.02"}]
["6","030408001087","电力电缆","1.名称：电力电缆敷设\n2.型号规格：ZR-YJV-0.6/1kV-3×120+2×70\n3.材质：铜芯\n4.敷设方式、部位：桥架、穿管或电缆沟\n5.电压等级（kV）：0.6/1kV\n6.接地、固定及挂牌\n7.防火堵洞\n8.主材不进价\n9.其他：详见设计图纸及规范要求","m","441.00",{"v":10.78446,"d":"10.78"},{"v":4755.94686,"d":"4755.95"}]
["7","030408006060","电力电缆头","1.名称：电力电缆终端头制安\n2.型号规格：120mm2及以下\n3.材质、类型：铜芯 干包式\n4.安装部位：室内\n5.电压等级(kV)：1kV以下\n6.接线、固定\n7.其他：详见设计图纸及规范要求","个","8",{"v":132.91764500000002,"d":"132.92"},{"v":1063.3411600000002,"d":"1063.34"}]
["8","030411001160","配管","1.名称：保护管敷设\n2.材质：镀锌钢管\n3.规格：SC32\n4.配置形式：明配\n5.接地\n6.其他：详见设计图纸及规范要求","m","45.00",{"v":12.919915,"d":"12.92"},{"v":581.396175,"d":"581.40"}]
["9","030411001161","配管","1.名称：保护管敷设\n2.材质：镀锌钢管\n3.规格：SC50\n4.配置形式：明配\n5.接地\n6.其他：详见设计图纸及规范要求","m","6.00",{"v":17.339235,"d":"17.34"},{"v":104.03540999999998,"d":"104.04"}]
["10","030411001162","配管","1.名称：保护管敷设\n2.材质：镀锌钢管\n3.规格：SC100\n4.配置形式：暗配\n5.接地\n6.其他：详见设计图纸及规范要求","m","60.50",{"v":24.957614999999997,"d":"24.96"},{"v":1509.9357074999998,"d":"1509.94"}]
["11","030411001163","配管","1.名称：保护管敷设\n2.材质：包塑金属软管\n3.规格：DN32\n4.配专用接头\n5.其他：详见设计图纸及规范要求","m","8.00",{"v":21.173159999999996,"d":"21.17"},{"v":169.38527999999997,"d":"169.39"}]
["12","030411001164","配管","1.名称：保护管敷设\n2.材质：包塑金属软管\n3.规格：DN50\n4.配专用接头\n5.其他：详见设计图纸及规范要求","m","6.00",{"v":27.727935,"d":"27.73"},{"v":166.36760999999998,"d":"166.37"}]
["13","030411001165","配管","1.名称：保护管敷设\n2.材质：包塑金属软管\n3.规格：DN100\n4.配专用接头\n5.其他：详见设计图纸及规范要求","m","2.00",{"v":27.727935,"d":"27.73"},{"v":55.45587,"d":"55.46"}]
["14","030404015001","检修箱","1.名称：检修箱\n2.型号规格：详见设计图纸\n3.安装方式：底边距地1.5米\n4.接地\n5.设备不进价\n6.其他：详见设计图纸及规范要求","台","1",{"v":137.27925,"d":"137.28"},{"v":137.27925,"d":"137.28"}]
["15","030407001006","滑触线","1.名称：安全滑触线安装\n2.型号规格：DHG-4-16\n3.材质：详见设计图纸\n4.主材不进价\n5.其他：详见设计图纸及规范要求","m","18.00",{"v":26.285059999999998,"d":"26.29"},{"v":473.13107999999994,"d":"473.13"}]
["16","WB030407001001","滑触线支架","1.名称：滑触线支架安装\n2.材质：详见设计图纸\n3.规格：详见设计图纸\n4.主材不进价\n5.其他：详见设计图纸及规范要求","套","19",{"v":11.435814999999998,"d":"11.44"},{"v":217.28048499999997,"d":"217.28"}]
["17","WB030407001002","滑触线指示灯","1.名称：滑触线指示灯\n2.材质：详见设计图纸\n3.规格：详见设计图纸\n4.主材不进价\n5.其他：详见设计图纸及规范要求","套","1",{"v":26.02122,"d":"26.02"},{"v":26.02122,"d":"26.02"}]
["18","030413001033","铁构件","1.名称：一般铁构件制作及安装\n2.材质：热镀锌\n3.规格：角钢或槽钢\n4.如固定采用螺栓应为热镀锌螺栓\n5.含灯具、配管支架等\n6.其他：详见设计图纸及规范要求","t","0.550",{"v":8002.432099999998,"d":"8002.43"},{"v":4401.337654999999,"d":"4401.34"}]
["19","030414002011","送配电装置系统","1.名称：送配电装置系统\n2.型号：详见设计图纸\n3.电压等级（kV）：1kV以下\n4.类型：低压交流断路器回路","系统","3",{"v":228.17212999999998,"d":"228.17"},{"v":684.51639,"d":"684.52"}]
[null,"10","普通照明"]
["20","030404017036","照明配电箱","1.名称：照明配电箱\n2.型号规格：详见设计图纸\n3.安装方式：底边距地1.5米\n4.接地\n5.设备不进价\n6.其他：详见设计图纸及规范要求","台","1",{"v":137.27925,"d":"137.28"},{"v":137.27925,"d":"137.28"}]
["21","030412002016","工厂灯","1.名称：LED投光灯安装\n2.型号规格：GT311-XL70Ⅱ，70W\n3.安装形式：壁装式\n4.主材不进价\n5.其他：详见设计图纸及规范要求","套","4",{"v":25.031819999999996,"d":"25.03"},{"v":100.12727999999998,"d":"100.13"}]
["22","030411004029","配线","1.名称：导线敷设\n2.型号规格：ZR-BV-0.45/0.75kV-2.5mm2\n3.敷设方式：穿管\n4.接线\n5.其他：详见设计图纸及规范要求","m","200.00",{"v":0.80801,"d":"0.81"},{"v":161.602,"d":"161.60"}]
["23","030411001166","配管","1.名称：保护管敷设\n2.材质：硬塑料管\n3.规格：PC20\n4.配置形式：暗配\n5.其他：详见设计图纸及规范要求","m","65.00",{"v":4.27091,"d":"4.27"},{"v":277.60915,"d":"277.61"}]
["24","030411006019","接线盒","1.名称：接线盒安装\n2.材质：塑料\n3.规格：86型\n4.安装形式：暗装","个","4",{"v":3.6277999999999997,"d":"3.63"},{"v":14.511199999999999,"d":"14.51"}]
[null,"11","防雷接地系统"]
["25","030409005005","避雷网","1.名称：避雷网敷设\n2.材质：热镀锌\n3.规格：Φ10圆钢\n4.安装形式：沿支架敷设\n5.其他：详见设计图纸及规范要求","m","56.00",{"v":16.852780000000003,"d":"16.85"},{"v":943.7556800000002,"d":"943.76"}]
["26","030409002029","接地母线","1.名称：接地母线敷设\n2.材质：热镀锌\n3.规格：扁钢-40×4\n4.安装部位：户外\n5.安装形式：详见设计图纸\n6.其他：详见设计图纸及规范要求","m","56.00",{"v":20.488825000000002,"d":"20.49"},{"v":1147.3742000000002,"d":"1147.37"}]
["27","030409003022","避雷引下线","1.名称：避雷引下线敷设\n2.材质：利用柱中两根主筋做防雷引下线\n3.规格：详见设计图纸\n4.安装部位：详见设计图纸\n5.安装形式：详见设计图纸\n6.其他：详见设计图纸及规范要求","m","60.00",{"v":8.302715,"d":"8.30"},{"v":498.1628999999999,"d":"498.16"}]
["28","WB030409002014","柱主筋与圈梁钢筋焊接","1.名称：柱主筋与圈梁钢筋焊接","处","6",{"v":26.169629999999998,"d":"26.17"},{"v":157.01778,"d":"157.02"}]
["29","WB030409001005","接地电阻检测点","1、接地电阻检测点\n2、一层距地0.5米，共4处","套","4",{"v":19.301544999999997,"d":"19.30"},{"v":77.20617999999999,"d":"77.21"}]
["30","030409008013","接地预埋件","1、接地预埋件\n1.名称：接地连接片预埋\n2.材质：详见设计图纸\n3.规格：角钢63×63×5，L=100mm\n4.其他：详见设计图纸及规范要求","块","10",{"v":7.371029999999999,"d":"7.37"},{"v":73.71029999999999,"d":"73.71"}]
["31","WB030409003015","接地跨接线","1.名称：接地跨接线安装\n2.跨接方式：接地网","10处","1.0",{"v":84.18144999999998,"d":"84.18"},{"v":84.18144999999998,"d":"84.18"}]
["32","WB030409004006","桩承台接地","1、桩承台接地\n2、类别：≤3根桩","基","8",{"v":197.30285,"d":"197.30"},{"v":1578.4228,"d":"1578.42"}]
["33","030414011014","接地装置","1.名称：接地系统调试\n2.类别：接地网","系统","1",{"v":555.556345,"d":"555.56"},{"v":555.556345,"d":"555.56"}]
[null,null,"304（1）消防泵房"]
[null,"12","动力"]
["1","030404015002","消防专用双电源控制柜","1、消防专用双电源控制柜\n2、编号：XKF1\n3、本体安装","台","1",{"v":287.04142999999993,"d":"287.04"},{"$f":"G872*F872","v":{"v":287.04142999999993,"d":"287.04"}}]
["2","030404015003","消防专用消火栓控制柜","1、消防专用消火栓控制柜\n2、编号：XKF2\n3、本体安装","台","1",{"v":287.04142999999993,"d":"287.04"},{"v":287.04142999999993,"d":"287.04"}]
["3","030404015004","消防专用馈线柜","1、消防专用馈线柜\n2、编号：XKF3\n3、本体安装","台","1",{"v":287.04142999999993,"d":"287.04"},{"v":287.04142999999993,"d":"287.04"}]
["4","030404015005","控制箱","1.名称：排污泵控制箱\n2.型号规格：详见设计图纸\n3.安装方式：底边距地1.5m\n4.接地\n5.设备不进价\n6.其他：详见设计图纸及规范要求","台","1",{"v":173.42533,"d":"173.43"},{"v":173.42533,"d":"173.43"}]
["5","030404015006","控制箱","1.名称：消火栓泵稳压控制箱\n2.型号规格：详见设计图纸\n3.安装方式：底边距地1.5m\n4.接地\n5.设备不进价\n6.其他：详见设计图纸及规范要求","台","1",{"v":173.42533,"d":"173.43"},{"v":173.42533,"d":"173.43"}]
["6","WB030413004008","基础槽钢","1.名称：基础槽钢制作及安装\n2.材质：热镀锌\n3.规格：10#槽钢\n4.接地","m","12.00",{"v":13.75266,"d":"13.75"},{"v":165.03192,"d":"165.03"}]
["7","030403003013","带形母线","1.名称：低压开关柜母线安装\n2.型号规格：TMY-40*4\n3.主材不进价\n4.其他：详见设计图纸及规范要求","m","9.60",{"v":17.24854,"d":"17.25"},{"v":165.58598399999997,"d":"165.59"}]
["8","030403003014","带形母线","1.名称：低压开关柜母线安装\n2.型号规格：TMY-30*4\n3.主材不进价\n4.其他：详见设计图纸及规范要求","m","2.40",{"v":17.24854,"d":"17.25"},{"v":41.39649599999999,"d":"41.40"}]
["9","030414008008","母线","1.名称：母线系统调试\n2.电压等级（kV）：1kV以下","段","1",{"v":262.191,"d":"262.19"},{"v":262.191,"d":"262.19"}]
["10","030414004006","自动投入装置","1.名称：自动投入装置调试\n2.类型：备用电源互投切","系统","2",{"v":778.006445,"d":"778.01"},{"v":1556.01289,"d":"1556.01"}]
["11","030414002012","送配电装置系统","1.名称：送配电装置系统\n2.型号：详见设计图纸\n3.电压等级（kV）：1kV以下\n4.类型：低压交流断路器回路","系统","33",{"v":228.17212999999998,"d":"228.17"},{"v":7529.680289999999,"d":"7529.68"}]
["12","030414002013","送配电装置系统","1.名称：送配电装置系统\n2.型号：详见设计图纸\n3.电压等级（kV）：10kV以下\n4.类型：带负荷隔离开关","系统","3",{"v":445.50208499999997,"d":"445.50"},{"v":1336.5062549999998,"d":"1336.51"}]
["13","030406006021","低压交流异步电动机","1.名称：低压交流异步电动机检查接线\n2.型号：详见图纸\n3.容量(kW)：4kW及以下\n4.启动方式：详见设计图纸\n5.电压等级(kV)：1kV及以下\n6.金属软管安装（配套塑料接头）","台","4",{"v":180.540765,"d":"180.54"},{"v":722.16306,"d":"722.16"}]
["14","030406006022","低压交流异步电动机","1.名称：低压交流异步电动机检查接线\n2.型号：详见图纸\n3.容量(kW)：45kW及以下\n4.启动方式：详见设计图纸\n5.电压等级(kV)：1kV及以下\n6.金属软管安装（配套塑料接头）","台","2",{"v":422.17697999999996,"d":"422.18"},{"v":844.3539599999999,"d":"844.35"}]
["15","WB030414009008","低压交流异步电动机","1.名称：低压交流异步电动机调试\n2.型号：详见设计图纸\n3.控制保护方式：带过流保护","台","6",{"v":1024.202145,"d":"1024.20"},{"v":6145.212869999999,"d":"6145.21"}]
["16","030408001088","电力电缆","1.名称：电力电缆敷设\n2.型号规格：NH-YJV-0.6/1kV-3×4\n3.材质：铜芯\n4.敷设方式、部位：桥架、穿管或电缆沟\n5.电压等级（kV）：0.6/1kV\n6.接地、固定及挂牌\n7.防火堵洞\n8.主材不进价\n9.其他：详见设计图纸及规范要求","m","10.00",{"v":3.734985,"d":"3.73"},{"v":37.34985,"d":"37.35"}]
["17","030408001089","电力电缆","1.名称：电力电缆敷设\n2.型号规格：NH-YJV-0.6/1kV-5×4\n3.材质：铜芯\n4.敷设方式、部位：桥架、穿管或电缆沟\n5.电压等级（kV）：0.6/1kV\n6.接地、固定及挂牌\n7.防火堵洞\n8.主材不进价\n9.其他：详见设计图纸及规范要求","m","55.00",{"v":4.2874,"d":"4.29"},{"v":235.807,"d":"235.81"}]
["18","030408001090","电力电缆","1.名称：电力电缆敷设\n2.型号规格：FS-YJV-0.6/1kV-5×4\n3.材质：铜芯\n4.敷设方式、部位：桥架、穿管或电缆沟\n5.电压等级（kV）：0.6/1kV\n6.接地、固定及挂牌\n7.防火堵洞\n8.主材不进价\n9.其他：详见设计图纸及规范要求","m","62.00",{"v":4.2874,"d":"4.29"},{"v":265.8188,"d":"265.82"}]
["19","030408001091","电力电缆","1.名称：电力电缆敷设\n2.型号规格：NH-YJV-0.6/1kV-3×50+2×25\n3.材质：铜芯\n4.敷设方式、部位：桥架、穿管或电缆沟\n5.电压等级（kV）：0.6/1kV\n6.接地、固定及挂牌\n7.防火堵洞\n8.主材不进价\n9.其他：详见设计图纸及规范要求","m","37.00",{"v":7.28858,"d":"7.29"},{"v":269.67746,"d":"269.68"}]
["20","030408006061","电力电缆头","1.名称：电力电缆终端头制安\n2.型号规格：10mm2及以下\n3.材质、类型：铜芯 干包式\n4.安装部位：室内\n5.电压等级(kV)：1kV以下\n6.接线、固定\n7.其他：详见设计图纸及规范要求","个","16",{"v":47.95292,"d":"47.95"},{"v":767.24672,"d":"767.25"}]
["21","030408006062","电力电缆头","1.名称：电力电缆终端头制安\n2.型号规格：50mm2及以下\n3.材质、类型：铜芯 干包式\n4.安装部位：室内\n5.电压等级(kV)：1kV以下\n6.接线、固定\n7.其他：详见设计图纸及规范要求","个","4",{"v":99.508905,"d":"99.51"},{"v":398.03562,"d":"398.04"}]
["22","030408002027","控制电缆","1.名称：控制电缆敷设\n2.型号规格：NH-KVV-0.45/0.75kV-2×1.5\n3.材质：铜芯\n4.敷设方式、部位：桥架、穿管或电缆沟\n5.电压等级（kV）：0.45/0.75kV\n6.接地、固定及挂牌\n7.防火堵洞\n8.主材不进价\n9.其他：详见设计图纸及规范要求","m","75.00",{"v":2.6384,"d":"2.64"},197.88]
["23","030408007021","控制电缆头","1.名称：控制电缆终端头制安\n2.型号规格：6芯及以下\n3.材质、类型：详见设计图纸及规范要求\n4.安装方式：详见设计图纸\n5.接线、固定\n6.其他：详见设计图纸及规范要求","个","6",{"v":48.571295,"d":"48.57"},{"v":291.42777,"d":"291.43"}]
["24","030411004030","配线","1.名称：导线敷设\n2.型号规格：NH-RVS-2*2.5mm2\n3.敷设方式：穿管\n4.接线\n5.其他：详见设计图纸及规范要求","m","50.00",{"v":0.8245,"d":"0.82"},{"v":41.225,"d":"41.23"}]
["25","030411004031","配线","1.名称：导线敷设\n2.型号规格：ZR-BV-0.45/0.75kV-2.5mm2\n3.敷设方式：穿管\n4.接线\n5.其他：详见设计图纸及规范要求","m","105.00",{"v":0.80801,"d":"0.81"},{"v":84.84105,"d":"84.84"}]
["26","030411001167","配管","1.名称：保护管敷设\n2.材质：镀锌钢管\n3.规格：SC20\n4.配置形式：明配\n5.接地\n6.其他：详见设计图纸及规范要求","m","105.00",{"v":10.487639999999999,"d":"10.49"},{"v":1101.2022,"d":"1101.20"}]
["27","030411001168","配管","1.名称：保护管敷设\n2.材质：镀锌钢管\n3.规格：SC25\n4.配置形式：明配\n5.接地\n6.其他：详见设计图纸及规范要求","m","45.00",{"v":11.559489999999998,"d":"11.56"},{"v":520.1770499999999,"d":"520.18"}]
["28","030411001169","配管","1.名称：保护管敷设\n2.材质：镀锌钢管\n3.规格：SC40\n4.配置形式：明配\n5.接地\n6.其他：详见设计图纸及规范要求","m","55.00",{"v":15.954075,"d":"15.95"},{"v":877.474125,"d":"877.47"}]
["29","030411001170","配管","1.名称：保护管敷设\n2.材质：镀锌钢管\n3.规格：SC50\n4.配置形式：明配\n5.接地\n6.其他：详见设计图纸及规范要求","m","30.00",{"v":17.339235,"d":"17.34"},{"v":520.17705,"d":"520.18"}]
["30","030411001171","配管","1.名称：保护管敷设\n2.材质：包塑金属软管\n3.规格：DN20\n4.配专用接头\n5.其他：详见设计图纸及规范要求","m","15.00",{"v":17.471155,"d":"17.47"},{"v":262.067325,"d":"262.07"}]
["31","030411001172","配管","1.名称：保护管敷设\n2.材质：包塑金属软管\n3.规格：DN25\n4.配专用接头\n5.其他：详见设计图纸及规范要求","m","12.00",{"v":19.65608,"d":"19.66"},{"v":235.87295999999998,"d":"235.87"}]
["32","030411001173","配管","1.名称：保护管敷设\n2.材质：包塑金属软管\n3.规格：DN32\n4.配专用接头\n5.其他：详见设计图纸及规范要求","m","6.00",{"v":21.173159999999996,"d":"21.17"},{"v":127.03895999999997,"d":"127.04"}]
["33","030411001174","配管","1.名称：保护管敷设\n2.材质：包塑金属软管\n3.规格：DN40\n4.配专用接头\n5.其他：详见设计图纸及规范要求","m","7.00",{"v":24.347485000000002,"d":"24.35"},{"v":170.432395,"d":"170.43"}]
["34","030411001175","配管","1.名称：保护管敷设\n2.材质：包塑金属软管\n3.规格：DN50\n4.配专用接头\n5.其他：详见设计图纸及规范要求","m","5.00",{"v":27.727935,"d":"27.73"},{"v":138.63967499999998,"d":"138.64"}]
["35","030413001034","铁构件","1.名称：一般铁构件制作及安装\n2.材质：热镀锌\n3.规格：角钢或槽钢\n4.如固定采用螺栓应为热镀锌螺栓\n5.含灯具、配管支架等\n6.其他：详见设计图纸及规范要求","t","0.450",{"v":8002.432099999998,"d":"8002.43"},{"v":3601.0944449999993,"d":"3601.09"}]
[null,"13","普通照明"]
["36","030404017037","照明配电箱","1.名称：照明配电箱\n2.型号规格：详见设计图纸\n3.安装方式：底边距地1.5米\n4.接地\n5.设备不进价\n6.其他：详见设计图纸及规范要求","台","1",{"v":137.27925,"d":"137.28"},{"$f":"G908*F908","v":{"v":137.27925,"d":"137.28"}}]
["37","030412005010","防水型LED双管应急照明灯","1.名称：防水型LED双管应急照明灯\n2.型号规格：2*18W 2*1980lm\n3.主材不进价\n4.其他：详见设计图纸及规范要求","套","4",{"v":17.77622,"d":"17.78"},{"v":71.10488,"d":"71.10"}]
["38","030404034011","二位开关","1.名称：二联单控暗开关安装\n2.材质：详见设计图纸\n3.规格：250V，10A\n4.安装方式：距地1.4米，暗装","个","1",{"v":5.186105,"d":"5.19"},{"v":5.186105,"d":"5.19"}]
["39","030411004032","配线","1.名称：导线敷设\n2.型号规格：ZR-BV-0.45/0.75kV-2.5mm2\n3.敷设方式：穿管\n4.接线\n5.其他：详见设计图纸及规范要求","m","115.00",{"v":0.80801,"d":"0.81"},{"v":92.92115,"d":"92.92"}]
["40","030408001092","电力电缆","1.名称：电力电缆敷设\n2.型号规格：NH-YJV-0.6/1kV-3×4\n3.材质：铜芯\n4.敷设方式、部位：桥架、穿管或电缆沟\n5.电压等级（kV）：0.6/1kV\n6.接地、固定及挂牌\n7.防火堵洞\n8.主材不进价\n9.其他：详见设计图纸及规范要求","m","10.00",{"v":3.734985,"d":"3.73"},{"v":37.34985,"d":"37.35"}]
["41","030408006063","电力电缆头","1.名称：电力电缆终端头制安\n2.型号规格：10mm2及以下\n3.材质、类型：铜芯 干包式\n4.安装部位：室内\n5.电压等级(kV)：1kV以下\n6.接线、固定\n7.其他：详见设计图纸及规范要求","个","2",{"v":47.95292,"d":"47.95"},{"v":95.90584,"d":"95.91"}]
["42","030411001176","配管","1.名称：保护管敷设\n2.材质：镀锌钢管\n3.规格：SC20\n4.配置形式：明配\n5.接地\n6.其他：详见设计图纸及规范要求","m","45.00",{"v":10.487639999999999,"d":"10.49"},{"v":471.94379999999995,"d":"471.94"}]
["43","030411006020","接线盒","1.名称：接线盒安装\n2.材质：金属\n3.规格：86型\n4.安装形式：暗装","个","5",{"v":3.6277999999999997,"d":"3.63"},{"v":18.139,"d":"18.14"}]
[null,"14","应急照明系统",{"$nulls":4},{"v":0,"d":"0.00"}]
["44","WB030904012009","A型应急照明集中电源","1.名称：消防应急照明配电箱+ALE\n2.型号规格：详见设计图纸\n3.安装方式：底边距地1.4米\n4.接地\n5.其他：详见设计图纸及规范要求","台","1",{"v":137.27925,"d":"137.28"},{"v":137.27925,"d":"137.28"}]
["45","WB030904008003","A型应急照明灯","1.名称：A型消防应急照明灯安装\n2.型号规格：TY-ZFJC系列 12W，1×12LED\n3.安装形式：壁装式\n4.主材不进价\n5.其他：详见设计图纸及规范要求","个","2",{"v":23.67964,"d":"23.68"},{"v":47.35928,"d":"47.36"}]
["46","WB030904008004","A型出口标志灯","1.名称：A型消防安全出口标志安装\n2.型号规格：TY-BLJC系列 1W，1×1LED\n3.安装形式：壁装式\n4.主材不进价\n5.其他：详见设计图纸及规范要求","个","1",{"v":23.67964,"d":"23.68"},{"v":23.67964,"d":"23.68"}]
["47","030411001177","配管","1.名称：保护管敷设\n2.材质：镀锌钢管\n3.规格：SC20\n4.配置形式：暗配\n5.接地\n6.其他：详见设计图纸及规范要求","m","20.00",{"v":5.474679999999999,"d":"5.47"},{"v":109.49359999999999,"d":"109.49"}]
["48","030411004033","配线","1.名称：导线敷设\n2.型号规格：NH-RVS-0.45/0.75kV-2*2.5mm2\n3.敷设方式：穿管\n4.接线\n5.其他：详见设计图纸及规范要求","m","22.00",{"v":0.8245,"d":"0.82"},{"v":18.139,"d":"18.14"}]
["49","030411006021","接线盒","1.名称：接线盒安装\n2.材质：金属\n3.规格：86型\n4.安装形式：暗装","个","3",{"v":3.6277999999999997,"d":"3.63"},{"v":10.883399999999998,"d":"10.88"}]
[null,"15","防雷接地",{"$nulls":4},{"v":0,"d":"0.00"}]
["50","030409004003","圈梁钢筋","1、圈梁钢筋\n2、利用结构桩基内及水平地梁中2根不小于?16（地坪400mm以下）作水平接地，与结构柱内两根以上钢筋焊接，并与-40x4热浸锌扁钢作为周圈人工辅助接地体可靠焊接，作为本工程的系统接地装置。","m","30.00",{"v":3.52886,"d":"3.53"},{"v":105.8658,"d":"105.87"}]
["51","030409002030","接地母线","1.名称：接地母线敷设\n2.材质：热镀锌\n3.规格：扁钢-40×4\n4.安装部位：户外\n5.安装形式：详见设计图纸\n6.其他：详见设计图纸及规范要求","m","80.00",{"v":20.488825000000002,"d":"20.49"},{"v":1639.1060000000002,"d":"1639.11"}]
["52","030409001005","接地极","1.名称：接地极制安\n2.材质：热镀锌\n3.规格：角钢∠50×5，L=2500mm\n4.其他：详见设计图纸及规范要求","根","14",{"v":28.11545,"d":"28.12"},{"v":393.61629999999997,"d":"393.62"}]
["53","030409002031","接地母线","1.名称：接地母线敷设\n2.材质：热镀锌\n3.规格：扁钢-25×4\n4.安装部位：户外\n5.安装形式：详见设计图纸\n6.其他：详见设计图纸及规范要求","m","30.00",{"v":20.488825000000002,"d":"20.49"},{"v":614.66475,"d":"614.66"}]
["54","WB030409001006","接地电阻检测点","1、接地电阻检测点\n2、一层距地0.5米，共4处","套","4",{"v":19.301544999999997,"d":"19.30"},{"v":77.20617999999999,"d":"77.21"}]
["55","030409008014","总等电位连接板","1、总等电位连接板\n2、安装详见《15D502》第28~34页","块","1",{"v":7.371029999999999,"d":"7.37"},{"v":7.371029999999999,"d":"7.37"}]
["56","030414011015","接地装置","1.名称：接地系统调试\n2.类别：接地网","系统","1",{"v":555.556345,"d":"555.56"},{"v":555.556345,"d":"555.56"}]
[null,null,"电气及土建小计",{"$nulls":4},{"$f":"SUM(H9:H930)","v":{"v":2157145.8499113037,"d":"2157145.85"}}]
[null,null,"203细碎工序"]
[1,null,"圆锥破碎机","GP330EC","台",4,{"$f":"11844.4*0.95*0.85","v":{"v":9564.353,"d":"9564.35"}},{"$f":"G933*F933","v":{"v":38257.412,"d":"38257.41"}}]
[2,null,"电动单梁起重机","Q=10t,LK=9.0m,H=12m","台",1,{"$f":"2559.95*0.95*0.85","v":{"v":2067.159625,"d":"2067.16"}},{"$f":"G934*F934","v":{"v":2067.159625,"d":"2067.16"}}]
[3,null,"电动葫芦","Q=2t，H=24m","台",1,{"$f":"1153.72*0.9","v":{"v":1038.348,"d":"1038.35"}},{"v":1038.348,"d":"1038.35"}]
[4,null,"电动葫芦","Q=5t，H=24m","台",1,{"$f":"2080.8*0.9","v":{"v":1872.7200000000003,"d":"1872.72"}},{"v":1872.7200000000003,"d":"1872.72"}]
[5,null,"行车轨道","38kg/m行车轨道 带孔连接","m",80,{"v":43.22029,"d":"43.22"},{"v":3457.6232,"d":"3457.62"}]
[null,null,"204筛分工序"]
[1,null,"振动筛","2YSC3075","台",2,{"$f":"11336.38*0.95*0.85","v":{"v":9154.126849999999,"d":"9154.13"}},{"$f":"G939*F939","v":{"v":18308.253699999997,"d":"18308.25"}}]
[2,null,"振动筛","3WFPS-X-3075","台",10,{"$f":"21800.74*0.95*0.85","v":{"v":17604.097550000002,"d":"17604.10"}},{"v":176040.97550000003,"d":"176040.98"}]
[3,null,"吊钩起重机","Q=16/3.2t,LK=16.5m,H=21m","台",1,{"$f":"37566.31*0.95*0.85","v":{"v":30334.795324999992,"d":"30334.80"}},{"v":30334.795324999992,"d":"30334.80"}]
[4,null,"电动单梁起重机","Q=3t,LK=7.5m,H=15m","台",1,{"$f":"2798.46*0.95*0.85","v":{"v":2259.75645,"d":"2259.76"}},{"v":2259.75645,"d":"2259.76"}]
[5,null,"行车轨道","43kg/m行车轨道 带孔连接","m",224,{"v":44.531245000000006,"d":"44.53"},{"v":9974.998880000001,"d":"9975.00"}]
[null,null,"206产品库"]
[1,null,"电动葫芦","Q=5t，H=6m","台",4,{"$f":"2080.8*0.9","v":{"v":1872.7200000000003,"d":"1872.72"}},{"$f":"G945*F945","v":{"v":7490.880000000001,"d":"7490.88"}}]
[2,null,"电动单梁起重机","Q=3t,LK=7.5m,H=10m","台",2,{"$f":"2798.46*0.95*0.85","v":{"v":2259.75645,"d":"2259.76"}},{"v":4519.5129,"d":"4519.51"}]
[3,null,"电动葫芦","Q=5t，H=12m","台",1,{"$f":"2080.8*0.9","v":{"v":1872.7200000000003,"d":"1872.72"}},{"v":1872.7200000000003,"d":"1872.72"}]
[null,null,"粗碎车间"]
[1,null,"吊钩桥式起重机","起重量32/5t,LK=13.5m,H=16m，电机功率79.5kW,重量25214kg/台","台",{"v":1,"d":"1.00"},{"$f":"24018.92*0.95*0.85","v":{"v":19395.277899999997,"d":"19395.28"}},{"$f":"G949*F949","v":{"v":19395.277899999997,"d":"19395.28"}}]
[2,null,"行车轨道","QU70 带孔连接","m",{"v":82,"d":"82.00"},{"v":43.22029,"d":"43.22"},{"v":3544.06378,"d":"3544.06"}]
[null,null,"空压机房"]
[1,null,"电动单梁起重机","起重量5t,LK=7.5m,H=12m，电机功率11.8kW","台",{"v":1,"d":"1.00"},{"$f":"11132.5*0.95*0.85","v":{"v":8989.49375,"d":"8989.49"}},{"$f":"G952*F952","v":{"v":8989.49375,"d":"8989.49"}}]
[2,null,"储气罐","规格：V=6m3 P=1.0MPa 重量1001kg/台","台",{"v":2,"d":"2.00"},{"$f":"4090.32*0.95*0.85","v":{"v":3302.9334,"d":"3302.93"}},{"v":6605.8668,"d":"6605.87"}]
[3,null,"回转式螺杆压缩机","规格：KSD-220A 重量4800kg/台","台",{"v":2,"d":"2.00"},{"$f":"7148.89*0.95*0.85","v":{"v":5772.728674999999,"d":"5772.73"}},{"v":11545.457349999999,"d":"11545.46"}]
[4,null,"冷干机","规格：CLRD-40SF  重量600kg/台","台",{"v":2,"d":"2.00"},{"$f":"1019.82*0.95*0.85","v":{"v":823.50465,"d":"823.50"}},{"v":1647.0093,"d":"1647.01"}]
[null,null,"维修中心"]
[1,null,"双吊钩桥式起重机","起重32/5t,LK=16.5m,H=18m，电机功率71.8kW","台",{"v":1,"d":"1.00"},{"$f":"24018.92*0.95*0.85","v":{"v":19395.277899999997,"d":"19395.28"}},{"$f":"G957*F957","v":{"v":19395.277899999997,"d":"19395.28"}}]
[2,null,"双吊钩桥式起重机","起重16/5t,LK=16.5m,H=18m，电机功率44.8kW","台",{"v":1,"d":"1.00"},{"$f":"24018.92*0.95*0.85","v":{"v":19395.277899999997,"d":"19395.28"}},{"v":19395.277899999997,"d":"19395.28"}]
[3,null,"桥式起重机","起重10t,LK=16.5m,H=18m，电机功率25.8kW","台",{"v":1,"d":"1.00"},{"$f":"12968.74*0.95*0.85","v":{"v":10472.25755,"d":"10472.26"}},{"v":10472.25755,"d":"10472.26"}]
[null,null,"产品库"]
[1,null,"电动葫芦","起重量5t,H=6m","台",{"v":1,"d":"1.00"},{"$f":"2080.8*0.9","v":{"v":1872.7200000000003,"d":"1872.72"}},{"$f":"G961*F961","v":{"v":1872.7200000000003,"d":"1872.72"}}]
[null,null,"1#转运站"]
[1,null,"行车轨道","24kg/m行车轨道 带孔连接","m",45,{"v":37.286144183000005,"d":"37.29"},{"$f":"G963*F963","v":{"v":1677.8764882350001,"d":"1677.88"}}]
[null,null,"2#转运站"]
[1,null,"行车轨道","24kg/m行车轨道 带孔连接","m",45,{"v":37.286144183000005,"d":"37.29"},{"$f":"G965*F965","v":{"v":1677.8764882350001,"d":"1677.88"}}]
[null,null,"3#转运站"]
[1,null,"行车轨道","24kg/m行车轨道 带孔连接","m",60,{"v":37.286144183000005,"d":"37.29"},{"$f":"G967*F967","v":{"v":2237.16865098,"d":"2237.17"}}]
[null,null,"零星设备小计",{"$nulls":4},{"$f":"SUM(H933:H967)","v":{"v":405950.77943745,"d":"405950.78"}},null,{"$f":"SUM(J933:J967)","v":{"v":0,"d":"0.00"}}]
[null,null,"合计",{"$nulls":4},{"$f":"H968+H931","v":{"v":2563096.629348754,"d":"2563096.63"}},null,{"$f":"J968+J931","v":{"v":0,"d":"0.00"}}]
["投标报价",null,"小  写"]
[null,null,"大  写"]
["说明：1、上述报价包含材料、设备的卸车、倒运、制作安装、试车及措施等费用。"]
["说明：2、每项投标单价不得高于最高限价的单价。"]
[]
["                                            投标单位（章）：                           "]
["                                                  法人代表：                           "]
["                                                  日    期：                           "]